{"text_format":"2","workbook":"xlsx","n_sheets":15,"sheets":["Open","Senior","Adult","Youth","Derby","High Stakes","Futurity","12 & Under","Future Champs","BFA 2D Payout","2D Payout","3D Payout","4D Payout BBR","5D Payout BBR","DON'T TOUCH"],"not_rendered":{"charts":0,"images":0,"macros":0,"external_links":0,"defined_names":6,"comments":0,"pivot_tables":0},"unopened":[],"bounds":{"document_bytes":16777216,"sheet_cells":100000,"run_cost":"one","rows_first":2000,"rows_last":500,"rows_between":2000,"halvings":0,"cell_chars":16384,"cell_head_chars":4096},"cells_cut":0,"cells_raw":0,"read":"whole","date_system":"1900"}

{"sheet":"Open","index":0,"n_rows":503,"n_cols":22,"rows_kept":503,"cut":false,"hidden":false,"merged":[[1,0,1,12],[0,0,0,12],[13,14,13,15],[15,14,15,15],[16,14,16,15],[2,14,2,15],[9,14,9,15],[10,14,10,15],[12,14,12,15]]}
[]
["BUSBY/TANNER Oct 2021"]
["FUT","DER","Age Inc","HS","Y/co","Youth","Draw","Rider Name","Horse Name","Pen","Time","Placing","Money Earned",null,"D Placing",null,"Split"]
["X",{"$nulls":5},156,"Rylee Shields","Cheyenne Fab",null,15.481,"1D 1st",1044,null,"1D",15.481,{"$nulls":5}," "]
[null,null,null,"X",null,null,125,"Bugg Beeler","This Fling Is Famous",null,15.619,"1D 2nd",864,null,"2D",{"$f":"SUM(P4+0.5)","v":15.981},0.5]
[null,null,null,"X",null,null,218,"Carlee Otero","LK Heza Fame",null,15.638999999999999,"1D 3rd",684,null,"3D",{"$f":"SUM(P4+1)","v":16.481000000000002},0.5]
[{"$nulls":6},236,"Bugg Beeler","First Famous Chic",null,15.664,"1D 4th",504.00000000000006,null,"4D",{"$f":"SUM(P4+1.5)","v":16.981000000000002},0.5]
["X",{"$nulls":5},102,"Ashley Schafer","Famous Cash Can",null,15.691000000000001,"1D 5th",324,null,"5D",{"$f":"SUM(P4+2)","v":17.481000000000002},0.5]
[{"$nulls":6},209,"Stevi Hillman","Famous Lemon Drop",null,15.699,"1D 6th",180]
["X",{"$nulls":5},201,"Cheyenne Wimberly","A Streak Ta The Moon",null,15.715999999999999,null,null,null,"# Entered"]
[null,null,"A",null,null,null,74,"Keyla Costa","Zumanity Cristal CMV",null,15.731,null,null,null,{"$f":"COUNTA(H4:H503)","v":254}]
[{"$nulls":6},111,"Sarah Rau","Shes So Fuel",null,15.76]
["X",null,"A","X",null,null,115,"Leslie Richards","VF Design My Rocket",null,15.784000000000001,null,null,null,"# Ran"]
[{"$nulls":6},214,"Sherry Cervi","MP Olive Your Money",null,15.792999999999999,null,null,null,{"$f":"COUNTA(K4:K503)","v":254}]
["X",null,"A",null,null,null,16,"Joy Wargo","WildChildsgotcashuno",null,15.803000000000001]
[{"$nulls":6},81,"Sally Conway","MP Hay Smith",null,15.803000000000001,null,null,null,"# Left"]
[{"$nulls":6},122,"Emery Mask","Little Power Proof",null,15.804,null,null,null,{"$f":"$O$11-$O$14","v":0}]
[null,null,"A",null,null,null,10,"Tillar King","Casino Perks",null,15.821]
[{"$nulls":6},182,"Shannon Pearson","Reds Roany Pony",null,15.840999999999999]
["X",null,"A",null,null,null,83,"Molli Montgomery","The Woman Loves Fame",null,15.867000000000001]
["X",null,"A","X",null,null,76,"Leslie Richards","Too Long In The Sun",null,15.872999999999999]
["X",null,null,"X",null,null,12,"Billie Ann Harmon","Zero Judgement",null,15.9]
["X",{"$nulls":5},164,"Sierra Melby","VF Victoria Stinson",null,15.9]
[null,null,"A",null,null,null,217,"Brian Ramirez","Holly",null,15.907]
[{"$nulls":6},57,"Kyra Boling","Shesa Heaven Sent",null,15.943]
[null,null,"A",null,null,null,170,"Gabbie Grothe","Sold Out",null,15.945]
[{"$nulls":6},152,"Sherry Cervi","MP Jet Royal Money",null,15.946]
[{"$nulls":6},121,"Nicole Driggers","Good Little Nick",null,15.952999999999999]
[{"$nulls":6},227,"Stevi Hillman","Imafrenchmansprincess",null,15.956]
["X",null,"A",null,null,null,44,"Leslie Richards","Down Home Streakin",null,15.958]
[null,"X",{"$nulls":4},148,"Jolene Montgomery","MCM Drop Your Socks",null,15.978]
[null,"X",{"$nulls":4},134,"Dawn Link","Domintnator",null,15.984999999999999,"2D 1st",869.99999999999989]
[null,null,"S",null,null,null,207,"Kelly Bruner","LLP Shadrack",null,16.007000000000001,"2D 2nd",720]
[null,"X","A","X",null,null,88,"Tillar King","Dashing Canelo",null,16.047999999999998,"2D 3rd/4th",495]
[null,null,null,"X",null,null,6,"Ryann Pedone","JS Milo N Stitch",null,16.047999999999998,"2D 3rd/4th",495]
[{"$nulls":6},225,"Phillip Kenyon","Makeitamojito",null,16.068999999999999,"2D 5th",270]
[null,null,"A",null,null,null,185,"Faith Furrow","Fames Easy Jetolena",null,16.079000000000001,"2D 6th",150]
[{"$nulls":4},"X","X",253,"Lila Jardine","Francy Streak",null,16.082999999999998]
[{"$nulls":6},35,"Sally Conway","Haydaysdashinfashion",null,16.099]
[{"$nulls":6},235,"Traci Nelson","The Cat Dun It",null,16.100999999999999]
[null,"X",{"$nulls":4},179,"Suade Furr","Stackin Bills",null,16.106000000000002]
[{"$nulls":6},23,"Jennifer Burgess","IfIWasUIdWannaBeMe2",null,16.109000000000002]
[{"$nulls":6},151,"Jenna Napier","Frenchmans Dually",null,16.114999999999998]
[null,null,"A","X",null,null,103,"Denny Ralls","SV Southern Comfort",null,16.117000000000001]
[{"$nulls":6},147,"Josey Groves","Dirty Dan Stinson",null,16.117999999999999]
[null,null,"S",null,null,null,59,"Trina Murray","Fuel For Dash",null,16.120999999999999]
[{"$nulls":6},47,"Kelly Allen","Miss JB 165",null,16.123000000000001]
[{"$nulls":6},237,"Destiny Hatfield","Fishin Cookie",null,16.126999999999999]
[{"$nulls":6},30,"Cambra Smith",null,null,16.16]
[{"$nulls":6},186,"Tori Volk","CN Holy Cow",null,16.184999999999999]
[{"$nulls":6},94,"Jana Himes","KC High Pick",null,16.228999999999999]
[null,null,"S",null,null,null,166,"Lisa Wernli","Babe On The Run",null,16.23]
[{"$nulls":6},202,"Bugg Beeler","JKL LetterFly Reba",null,16.233000000000001]
[{"$nulls":6},220,"Sadie Weldon","WB Runaway Pumpkin",null,16.233000000000001]
[{"$nulls":6},18,"Katie Perkins","Sweet Carmella Moon",null,16.247]
[{"$nulls":6},63,"Kathy Thornton","Traffics Joy Ride",null,16.247]
[{"$nulls":6},213,"Destiny Hatfield","Lillenaloohoo",null,16.256]
[null,"X","A",null,null,null,228,"Cristin Posey","Double Rockin W",null,16.262]
["X",{"$nulls":5},64,"Colt Tew","Smoothmove Ta Heaven",null,16.268000000000001]
[{"$nulls":6},51,"Jo Fisher",null,null,16.274000000000001]
[null,"X","A",null,null,null,67,"Molli Montgomery","Toast Your Socks Off",null,16.274999999999999]
[{"$nulls":6},69,"Jo FIsher",null,null,16.277999999999999]
[{"$nulls":6},130,"Natalie Kurosky","Dontbeadragbeaqueen",null,16.283999999999999]
[null,"X",{"$nulls":4},89,"Halley Guthrie","Smoke N Biankus",null,16.285]
[{"$nulls":6},126,"Sherry Cervi","MP Burning It Up",null,16.300999999999998]
[null,null,"A",null,null,null,54,"Jessica McBain","Rumble Gun",null,16.311]
[{"$nulls":6},99,"Riley Arrington",null,null,16.318000000000001]
[null,null,"S",null,null,null,141,"Laura Embry","Frenchmans Docs RX",null,16.323]
["X",{"$nulls":5},45,"Ryann Pedone","Mister Tres",null,16.327000000000002]
["X",{"$nulls":5},149,"Lacey Harmon","Trace Of Fame",null,16.329999999999998]
[null,null,"A",null,null,null,232,"Emma Wildeisen","It is What It is Guys",null,16.331]
[{"$nulls":6},79,"Lisa Stafford","Famous Dressed Girl",null,16.341999999999999]
[{"$nulls":4},"X","X",204,"Landry Cumbie","Three Speedy Turns",null,16.349]
["X",{"$nulls":5},120,"Rylee Shields","Im Furious 123",null,16.350000000000001]
[{"$nulls":6},142,"Shannon Dean Turci","Disco Remedy",null,16.353000000000002]
[null,null,"S",null,null,null,146,"Mary Carter","Bullys Tiger Eye",null,16.353999999999999]
[{"$nulls":6},25,"Brittany Pierson","CF Dash N Dirty",null,16.359000000000002]
[{"$nulls":6},24,"Kelly Allen","Miss Regality",null,16.37]
[{"$nulls":6},132,"Jana Himes","Ric Gone Streakin",null,16.379000000000001]
[null,null,"S",null,null,null,221,"Kathy Warren","Promise Me Sunshine",null,16.38]
[{"$nulls":6},58,"Brittany Pierson","Guyko",null,16.393000000000001]
[{"$nulls":6},229,"Madison Smith","Littlecattykitty",null,16.396999999999998]
[null,null,"S",null,null,null,92,"Trina Murray","JL Fourtafame",null,16.398]
[{"$nulls":6},183,"Sherry Cervi","MP Ray Of Fame",null,16.401]
[null,null,"S",null,null,null,128,"Tammy Rokus","Mitey Confederate",null,16.405000000000001]
[null,"X","A",null,null,null,11,"Jennifer Cullen","Chasin Annies Fame",null,16.425999999999998]
[{"$nulls":6},65,"Sarah Rau","Her Perks R On Fire",null,16.433]
[{"$nulls":6},187,"Corley Cox","Throwmamafromdatrain",null,16.434000000000001]
["X",{"$nulls":5},41,"Shian Blackburn","Hesa Famous Gambler",null,16.439]
[{"$nulls":6},250,"Eva Casario","Asmooth French Girl",null,16.443999999999999]
[{"$nulls":6},219,"Kristel Ising","Miss Gray",null,16.446999999999999]
[{"$nulls":6},34,"Kassie Rieken","Ima Famous Guy",null,16.448]
[null,"X",{"$nulls":4},77,"Ryann Pedone","Pressured By Destiny",null,16.452999999999999]
[{"$nulls":6},177,"Sydney Swatsell","Feature Me Firin",null,16.457999999999998]
[{"$nulls":6},95,"Sherry Cervi","MP A Bed Of Roses",null,16.469000000000001]
[null,null,"A",null,null,null,40,"Randi Roberts","Colour Chart",null,16.475000000000001]
[{"$nulls":6},226,"Lacey Harmon","Tee It Up In My Sox",null,16.478999999999999]
[{"$nulls":6},210,"Oceana Champion",null,null,16.486000000000001,"3D 1st",696]
[{"$nulls":6},249,"Shelby Curry","Melman",null,16.498000000000001,"3D 2nd",576]
[{"$nulls":6},7,"Tyra Bennett","Ima Kool Cassie",null,16.507999999999999,"3D 3rd",456]
[{"$nulls":4},"X","X",224,"Lila Jardine","Fortunate Fame",null,16.512,"3D 4th/5th",276]
[{"$nulls":6},172,"Natalie Kurosky","Turn N With Ease",null,16.512,"3D 4th/5th",276]
[null,null,"A",null,null,null,108,"Randi Roberts","Boom Slicka Boom",null,16.515000000000001,"3D 6th",120]
[null,null,"A",null,null,null,55,"Jennifer Cullen","HLC Pretty Lil Sugar",null,16.516999999999999]
[{"$nulls":6},28,"LJ LaRue","Fast N Fergie",null,16.516999999999999]
[null,"X",{"$nulls":4},194,"Sierra Melby","SR PlainlyImSpecial",null,16.533000000000001]
[{"$nulls":6},168,"Bugg Beeler","JKL StreakinToTheBar",null,16.533000000000001]
[null,null,null,"X",null,null,243,"Carlee Otero","Any Guy Of Mine",null,16.542999999999999]
[{"$nulls":6},215,"Savannah Hays","JE Aint Smashed Yet",null,16.545999999999999]
[{"$nulls":6},241,"Jackie Hartt","VF Blazin Hotpants",null,16.547000000000001]
[{"$nulls":6},72,"Emily Holder","Lions Share Of Cash",null,16.547999999999998]
[{"$nulls":6},86,"Kylee Scribner","A Spotted Hero",null,16.547999999999998]
[{"$nulls":6},188,"Kylee Scribner","Hey Jack Frost",null,16.550999999999998]
[{"$nulls":6},255,"Misty Peek","Amos",null,16.558]
["X",{"$nulls":5},61,"Ashley Schafer","Boons French Angel",null,16.573]
[{"$nulls":6},247,"Macy Brown","CD Fast N Famous",null,16.577999999999999]
[null,null,"S",null,null,null,203,"Shelly Shields","Toast To Val",null,16.579999999999998]
[{"$nulls":6},8,"Rachel Primm",null,null,16.582000000000001]
[{"$nulls":6},167,"Hannah Hertel","Lenasdashtavictory",null,16.582000000000001]
[{"$nulls":6},53,"Jade Crago","VB Fire Ta Fame",null,16.593]
[{"$nulls":6},50,"Joy Wargo","JL Hot Rocs",null,16.626999999999999]
[null,null,"S",null,null,null,173,"Jodi Stovall","Frenchie",null,16.638999999999999]
[{"$nulls":6},78,"Josey Groves","Your Place Or Myne",null,16.643999999999998]
["X",{"$nulls":5},100,"Sierra Melby","Designer Rocks",null,16.646000000000001]
[{"$nulls":6},163,"Whitney Fisher","BB French N Easy",null,16.648]
[{"$nulls":6},222,"Lynn Saunders","Chumly",null,16.655000000000001]
["X",{"$nulls":5},131,"Sierra Melby","Pressure Ta Streak",null,16.670000000000002]
[{"$nulls":6},254,"Jackie Hartt","Send My Socks",null,16.675000000000001]
[null,"X",{"$nulls":4},60,"Lindsey Muggli","In The Nick Of Time",null,16.698]
[{"$nulls":4},"X","X",109,"Jolie Smith","Ms Holliwood Delight",null,16.707999999999998]
[{"$nulls":6},158,"Jana Kurosky","Winnie Reds Kai",null,16.71]
[{"$nulls":6},191,"Lynn Saunders","Popcorn",null,16.744]
[{"$nulls":6},101,"Kathy Thornton","RedMercedes NTraffic",null,16.753]
[null,null,"A",null,null,null,234,"Brittany Fellows","Johnny Cash",null,16.754999999999999]
[{"$nulls":6},200,"Alicia Udall","Canadian Queen",null,16.757000000000001]
["X",{"$nulls":5},29,"Josey Groves","MV Hot Campbell Soup",null,16.760999999999999]
[{"$nulls":6},117,"Kylee Scribner","Eddies FrostedCorona",null,16.777000000000001]
[{"$nulls":6},82,"Kelsey Ornelas","Camelle",null,16.777999999999999]
[{"$nulls":6},19,"Kyra Boling","Cheri Catt",null,16.786000000000001]
[null,null,"A",null,null,null,15,"Roxanne Roderick","A Streak Of Stoli",null,16.797999999999998]
[{"$nulls":6},199,"Destiny Hatfield","Betty",null,16.82]
[{"$nulls":6},42,"Amy Vincik",null,null,16.835999999999999]
[{"$nulls":6},176,"Stevie Brown","Frosty",null,16.838999999999999]
[{"$nulls":6},208,"Stevie Brown","TR Stole The Daisies",null,16.847000000000001]
[null,null,"A",null,null,null,195,"Adrianna Eylar","Fire Mia Memory",null,16.849]
[{"$nulls":6},104,"Emily Holder","Jazzy",null,16.861999999999998]
[{"$nulls":6},107,"Bo Hill","Sho Off",null,16.869]
[{"$nulls":6},49,"Billie Ann Harmon","Famous Disco Bugs",null,16.873999999999999]
["X",{"$nulls":5},155,"Alexi Schaapveld","Spendy By Design",null,16.879000000000001]
[{"$nulls":6},242,"Oceana Champion",null,null,16.888000000000002]
[null,null,"A",null,null,null,190,"Jenna Beck","Smokem Doc Frenchman",null,16.899000000000001]
[null,null,"A",null,null,null,62,"Molly Steffen","BT Scoredlolastinson",null,16.905999999999999]
[{"$nulls":4},"X","X",245,"Rheagan Bullard","Alota Frostinmycash",null,16.911999999999999]
[{"$nulls":4},"X","X",169,"Kylyn Baker",null,null,16.916]
[null,null,"A",null,null,null,133,"LeAne Turney","Sam Cox 468",null,16.919]
[{"$nulls":6},123,"Kristi Smith","Lectronic Boomernic",null,16.925000000000001]
[{"$nulls":6},154,"Maggie Pytlik","Rhett",null,16.931000000000001]
[{"$nulls":6},52,"Wyatt Paul","Buc L Bunny",null,16.968]
[{"$nulls":6},9,"Kelsey Ornelas","Pez",null,16.978999999999999]
[null,null,"S",null,null,null,113,"Jenna Beth Blair","Money King Too",null,17.010000000000002,"4D 1st",522]
[{"$nulls":4},"X","X",33,"Kimber Steffen","Frosted Country",null,17.012,"4D 2nd",432]
[null,null,"S",null,null,null,144,"Pam Smith","Wicked",null,17.02,"4D 3rd",342]
[{"$nulls":6},37,"Kacy Toalson","Mb Jones",null,17.032,"4D 4th/5th",207]
[{"$nulls":6},110,"Shambrae Williams","Comonbabylightmyfire",null,17.032,"4D 4th/5th",207]
[{"$nulls":6},22,"Gretchen Goedecken","Fine Whatever",null,17.079999999999998,"4D 6th",90]
[{"$nulls":6},244,"Brianne Glick","First Down Francis",null,17.088999999999999]
["X",null,"A",null,null,null,3,"Leslie Richards","Ze Sweetest Fling",null,17.111000000000001]
[null,"X",{"$nulls":4},105,"Josey Groves","MV Cool Diva",null,17.143000000000001]
[{"$nulls":6},180,"Lylan Corey","Honey Boon Lilly",null,17.173999999999999]
[{"$nulls":6},150,"Kylee Scribner","Firewater Rey",null,17.207000000000001]
[{"$nulls":6},129,"Gretchen Goedecken","Spots In My Dreams",null,17.213999999999999]
[null,null,"S",null,null,null,127,"Jill Petty","Fast Dashin Chick",null,17.222999999999999]
[{"$nulls":6},246,"Destiny Bullard","Shake Em Tales",null,17.231000000000002]
[{"$nulls":6},32,"Billie Ann Harmon","Jasie L",null,17.251000000000001]
[{"$nulls":4},"X","X",75,"Kimber Steffen","DJ Chicolena Katie",null,17.257000000000001]
[{"$nulls":6},68,"Shambrae Williams","Mels Famous Hayday",null,17.265000000000001]
[{"$nulls":6},206,"Lexus King","More Than A Memory",null,17.286000000000001]
[{"$nulls":4},"X","X",137,"Cienna Jacobsen","Straight Up Smooth",null,17.306999999999999]
[null,null,"S",null,null,null,96,"LeAnn Wills","Shoot Yeah Shes Sassy",null,17.312999999999999]
[{"$nulls":6},240,"Trudy Bazzell","Votivo",null,17.335999999999999]
[{"$nulls":6},205,"Heather Glover","Peps Diamond Hickory",null,17.344999999999999]
[{"$nulls":4},"X","X",251,"Landry Cumbie","KN Tripwood",null,17.395]
[null,null,"S",null,null,null,5,"Simone Elmore","Mitey Moon Dash",null,17.440999999999999]
[{"$nulls":6},66,"Monica Therrien","Streakin In My Sox",null,17.448]
[{"$nulls":6},140,"Stevie Brown","LS Hoodiny Beach",null,17.454999999999998]
[null,null,"A",null,null,null,165,"Lori Marsh","Frenchmans Lucy Lou",null,17.459]
[{"$nulls":6},171,"Hollie Sirman","Quick Boogie",null,17.478000000000002]
["X",{"$nulls":5},136,"Rosie Webster","Top This Fling",null,17.504000000000001,"5D 1st",348]
[{"$nulls":6},178,"Sara Reed","Rattle Me Too",null,17.516999999999999,"5D 2nd",288]
[{"$nulls":6},162,"Chelan Pimentel","Guys Minnie Jet",null,17.523,"5D 3rd",228]
[{"$nulls":6},145,"Mandy Smith","Madaconfederatetwist",null,17.545000000000002,"5D 4th",168.00000000000003]
[null,null,"S",null,null,null,160,"Sherrel Burgess","Boomer T Fellers",null,17.564,"5D 5th",108]
[null,null,"A",null,null,null,2,"Timberly Erickson","Mines Fast",null,17.609000000000002,"5D 6th",60]
[{"$nulls":6},233,"Raylee Moss","CP Red Velvet Ghost",null,17.613]
[{"$nulls":6},43,"Jake Thornton","Colonel Cajun Queen",null,17.835000000000001]
[{"$nulls":6},212,"Jesse Budd","Flicker Nick",null,17.88]
[{"$nulls":6},21,"Katie Garcia","Teddy",null,17.885999999999999]
[{"$nulls":6},80,"Janis Bading","Slicks First Dash",null,17.928999999999998]
[{"$nulls":6},175,"Bailey Coats","Royal Oak Special",null,17.981999999999999]
[{"$nulls":6},139,"Barbara Harlen","Sabino",null,17.994]
[{"$nulls":6},26,"Tami Claflin","Wayne",null,17.995000000000001]
[{"$nulls":4},"X","X",238,"Karis Moss","Carousel Ryder",null,18.012]
[null,null,"S",null,null,null,73,"Kathy Vasquez","On A Hitting Streak",null,18.027999999999999]
[null,null,"A",null,null,null,98,"Jennifer Cullen","Chasin Rosie",null,18.073]
[null,null,"S",null,null,null,248,"Jo Kirby","Shez Fast For Cash",null,18.123000000000001]
[null,null,"A",null,null,null,216,"Faith Furrow","Munchkin Man",null,18.137]
[null,null,"A",null,null,null,189,"Jessica Pantenella","Pineapple",null,18.152999999999999]
[{"$nulls":6},181,"Kylie Stanley","Guy Ta Beat",null,18.175000000000001]
[{"$nulls":6},1,"Lee Ann Guilkey","Blazin Gator",null,18.266999999999999]
[{"$nulls":6},174,"Bill Barber","Tyke",null,18.327000000000002]
[{"$nulls":6},184,"Andrea Wolf","Bug N Your Sunday",null,18.344999999999999]
[{"$nulls":6},193,"Britney Ornelas",null,null,18.355]
[null,"X",{"$nulls":4},153,"Lexi Peaden","Perks Under Pressure",null,18.417000000000002]
[{"$nulls":6},17,"Tara Hickman","PG Flirtin Firewater",null,18.501999999999999]
[{"$nulls":6},93,"Roxie Tew",null,null,18.62]
[{"$nulls":5},"X",31,"Lillian Doplika","Whiskey Royal Crown",null,18.763000000000002]
[{"$nulls":6},196,"Valerie Ford","Soc",null,19.097999999999999]
["X",{"$nulls":5},157,"Wendie Bodkin","Jaebars Golden Girl",null,19.164999999999999]
[null,null,"S",null,null,null,161,"Jenna Beth Blair","Willasfirefromheaven",null,19.166]
[null,"X","A",null,null,null,46,"Tillar King","MV Gonna Be Famous",null,915.745]
["X",{"$nulls":5},70,"Jolene Montgomery","Makin Ya Shake It",null,915.96699999999998]
[{"$nulls":6},106,"Jolene Montgomery","Slick Lane Ta Fame",null,916.08699999999999]
[{"$nulls":6},97,"Lindsey Muggli","Jets Famous Lady",null,916.11599999999999]
["X",{"$nulls":5},4,"Lindsay Bullard","KD Baby Driver",null,916.18200000000002]
["X",{"$nulls":5},143,"Ashley Schafer","Famous Storm Chaser",null,916.18200000000002]
[{"$nulls":4},"X","X",223,"Landry Cumbie","Shezararefrenchman",null,916.28499999999997]
[{"$nulls":6},252,"Jenna Graf","TrafficRunawayTrain",null,916.31899999999996]
[{"$nulls":6},118,"Ryann Pedone","Bratwheresyoursocks",null,916.40200000000004]
[{"$nulls":6},85,"Emery Mask","Daddy Lil Diva",null,916.41899999999998]
[{"$nulls":6},112,"Maggie Pytlik","Karma",null,916.43399999999997]
[{"$nulls":6},38,"Anna Johnson","Famous Resurection",null,916.46400000000006]
[{"$nulls":6},198,"Lacey Harmon","Guys Fame N Fortune",null,916.471]
[{"$nulls":6},239,"Riley Grabowski","Hez Simply Fabulous",null,916.54100000000005]
[null,null,"A",null,null,null,39,"Courtney Worthington","High Road Ta Fame",null,916.55100000000004]
[{"$nulls":6},87,"Jo FIsher",null,null,916.56799999999998]
[{"$nulls":6},211,"Kaitlin Schuck","Lilly",null,916.64099999999996]
[{"$nulls":6},124,"Ashley Harvey","FC Straight Cajun",null,916.65800000000002]
[{"$nulls":4},"X","X",231,"Mylieh Jost","Aint She Dualicious",null,916.66600000000005]
[{"$nulls":6},14,"Jordan Moore-Miller","TR Famous Badger",null,916.77499999999998]
[{"$nulls":6},135,"Sydney Swatsell","Smalls",null,916.93299999999999]
[null,"X",{"$nulls":4},192,"Rylee Shields","Furys Princess",null,917.01800000000003]
[{"$nulls":6},91,"Jade Crago","CM Nitros Kruser",null,917.24300000000005]
[{"$nulls":6},13,"Kyle Etchart","Hez Got A Caboose",null,917.66700000000003]
[{"$nulls":6},116,"Janis Bading","Perks Alive Lady",null,918.01400000000001]
[{"$nulls":6},20,"Ashley Schafer","Famous First Flight",null,918.67]
[{"$nulls":6},48,"Riley Arrington",null,null,919.83399999999995]
[{"$nulls":6},27,"Jen Doplika","Nifty Lady Doc",null,920.11]
[null,null,"A",null,null,null,71,"Randi Roberts","Dashin With The Best",null,"broken"]
[null,null,"S",null,null,null,119,"Lisa Wernli","Flashs Fine Effort",null,"broken"]
[{"$nulls":4},"X","X",159,"Kaylee Lehrmann","KL Dashing Shine",null,"broken"]
["X",{"$nulls":5},36,"Jolene Montgomery","TC Smooth Edition",null,"broken"]
[{"$nulls":6},56,"Lucus Sad",null,null,"broken"]
[{"$nulls":6},84,"Nicole Driggers","Smoothestfillyaround",null,"broken"]
[{"$nulls":6},197,"Erin Phillips",null,null,"broken"]
[{"$nulls":6},90,"Anna Johnson","Vegas Firin",null,"scratch"]
[{"$nulls":6},114,"Jessica Green","Chica",null,"scratch"]
[{"$nulls":6},138,"Cheyenne Harris",null,null,"scratch"]
[{"$nulls":6},230]
[{"$nulls":6},256]
[{"$nulls":6},257]
[{"$nulls":6},258]
[{"$nulls":6},259]
[{"$nulls":6},260]
[{"$nulls":6},261]
[{"$nulls":6},262]
[{"$nulls":6},263]
[{"$nulls":6},264]
[{"$nulls":6},265]
[{"$nulls":6},266]
[{"$nulls":6},267]
[{"$nulls":6},268]
[{"$nulls":6},269]
[{"$nulls":6},270]
[{"$nulls":6},271]
[{"$nulls":6},272]
[{"$nulls":6},273]
[{"$nulls":6},274]
[{"$nulls":6},275]
[{"$nulls":6},276]
[{"$nulls":6},277]
[{"$nulls":6},278]
[{"$nulls":6},279]
[{"$nulls":6},280]
[{"$nulls":6},281]
[{"$nulls":6},282]
[{"$nulls":6},283]
[{"$nulls":6},284]
[{"$nulls":6},285]
[{"$nulls":6},286]
[{"$nulls":6},287]
[{"$nulls":6},288]
[{"$nulls":6},289]
[{"$nulls":6},290]
[{"$nulls":6},291]
[{"$nulls":6},292]
[{"$nulls":6},293]
[{"$nulls":6},294]
[{"$nulls":6},295]
[{"$nulls":6},296]
[{"$nulls":6},297]
[{"$nulls":6},298]
[{"$nulls":6},299]
[{"$nulls":6},300]
[{"$nulls":6},301]
[{"$nulls":6},302]
[{"$nulls":6},303]
[{"$nulls":6},304]
[{"$nulls":6},305]
[{"$nulls":6},306]
[{"$nulls":6},307]
[{"$nulls":6},308]
[{"$nulls":6},309]
[{"$nulls":6},310]
[{"$nulls":6},311]
[{"$nulls":6},312]
[{"$nulls":6},313]
[{"$nulls":6},314]
[{"$nulls":6},315]
[{"$nulls":6},316]
[{"$nulls":6},317]
[{"$nulls":6},318]
[{"$nulls":6},319]
[{"$nulls":6},320]
[{"$nulls":6},321]
[{"$nulls":6},322]
[{"$nulls":6},323]
[{"$nulls":6},324]
[{"$nulls":6},325]
[{"$nulls":6},326]
[{"$nulls":6},327]
[{"$nulls":6},328]
[{"$nulls":6},329]
[{"$nulls":6},330]
[{"$nulls":6},331]
[{"$nulls":6},332]
[{"$nulls":6},333]
[{"$nulls":6},334]
[{"$nulls":6},335]
[{"$nulls":6},336]
[{"$nulls":6},337]
[{"$nulls":6},338]
[{"$nulls":6},339]
[{"$nulls":6},340]
[{"$nulls":6},341]
[{"$nulls":6},342]
[{"$nulls":6},343]
[{"$nulls":6},344]
[{"$nulls":6},345]
[{"$nulls":6},346]
[{"$nulls":6},347]
[{"$nulls":6},348]
[{"$nulls":6},349]
[{"$nulls":6},350]
[{"$nulls":6},351]
[{"$nulls":6},352]
[{"$nulls":6},353]
[{"$nulls":6},354]
[{"$nulls":6},355]
[{"$nulls":6},356]
[{"$nulls":6},357]
[{"$nulls":6},358]
[{"$nulls":6},359]
[{"$nulls":6},360]
[{"$nulls":6},361]
[{"$nulls":6},362]
[{"$nulls":6},363]
[{"$nulls":6},364]
[{"$nulls":6},365]
[{"$nulls":6},366]
[{"$nulls":6},367]
[{"$nulls":6},368]
[{"$nulls":6},369]
[{"$nulls":6},370]
[{"$nulls":6},371]
[{"$nulls":6},372]
[{"$nulls":6},373]
[{"$nulls":6},374]
[{"$nulls":6},375]
[{"$nulls":6},376]
[{"$nulls":6},377]
[{"$nulls":6},378]
[{"$nulls":6},379]
[{"$nulls":6},380]
[{"$nulls":6},381]
[{"$nulls":6},382]
[{"$nulls":6},383]
[{"$nulls":6},384]
[{"$nulls":6},385]
[{"$nulls":6},386]
[{"$nulls":6},387]
[{"$nulls":6},388]
[{"$nulls":6},389]
[{"$nulls":6},390]
[{"$nulls":6},391]
[{"$nulls":6},392]
[{"$nulls":6},393]
[{"$nulls":6},394]
[{"$nulls":6},395]
[{"$nulls":6},396]
[{"$nulls":6},397]
[{"$nulls":6},398]
[{"$nulls":6},399]
[{"$nulls":6},400]
[{"$nulls":6},401]
[{"$nulls":6},402]
[{"$nulls":6},403]
[{"$nulls":6},404]
[{"$nulls":6},405]
[{"$nulls":6},406]
[{"$nulls":6},407]
[{"$nulls":6},408]
[{"$nulls":6},409]
[{"$nulls":6},410]
[{"$nulls":6},411]
[{"$nulls":6},412]
[{"$nulls":6},413]
[{"$nulls":6},414]
[{"$nulls":6},415]
[{"$nulls":6},416]
[{"$nulls":6},417]
[{"$nulls":6},418]
[{"$nulls":6},419]
[{"$nulls":6},420]
[{"$nulls":6},421]
[{"$nulls":6},422]
[{"$nulls":6},423]
[{"$nulls":6},424]
[{"$nulls":6},425]
[{"$nulls":6},426]
[{"$nulls":6},427]
[{"$nulls":6},428]
[{"$nulls":6},429]
[{"$nulls":6},430]
[{"$nulls":6},431]
[{"$nulls":6},432]
[{"$nulls":6},433]
[{"$nulls":6},434]
[{"$nulls":6},435]
[{"$nulls":6},436]
[{"$nulls":6},437]
[{"$nulls":6},438]
[{"$nulls":6},439]
[{"$nulls":6},440]
[{"$nulls":6},441]
[{"$nulls":6},442]
[{"$nulls":6},443]
[{"$nulls":6},444]
[{"$nulls":6},445]
[{"$nulls":6},446]
[{"$nulls":6},447]
[{"$nulls":6},448]
[{"$nulls":6},449]
[{"$nulls":6},450]
[{"$nulls":6},451]
[{"$nulls":6},452]
[{"$nulls":6},453]
[{"$nulls":6},454]
[{"$nulls":6},455]
[{"$nulls":6},456]
[{"$nulls":6},457]
[{"$nulls":6},458]
[{"$nulls":6},459]
[{"$nulls":6},460]
[{"$nulls":6},461]
[{"$nulls":6},462]
[{"$nulls":6},463]
[{"$nulls":6},464]
[{"$nulls":6},465]
[{"$nulls":6},466]
[{"$nulls":6},467]
[{"$nulls":6},468]
[{"$nulls":6},469]
[{"$nulls":6},470]
[{"$nulls":6},471]
[{"$nulls":6},472]
[{"$nulls":6},473]
[{"$nulls":6},474]
[{"$nulls":6},475]
[{"$nulls":6},476]
[{"$nulls":6},477]
[{"$nulls":6},478]
[{"$nulls":6},479]
[{"$nulls":6},480]
[{"$nulls":6},481]
[{"$nulls":6},482]
[{"$nulls":6},483]
[{"$nulls":6},484]
[{"$nulls":6},485]
[{"$nulls":6},486]
[{"$nulls":6},487]
[{"$nulls":6},488]
[{"$nulls":6},489]
[{"$nulls":6},490]
[{"$nulls":6},491]
[{"$nulls":6},492]
[{"$nulls":6},493]
[{"$nulls":6},494]
[{"$nulls":6},495]
[{"$nulls":6},496]
[{"$nulls":6},497]
[{"$nulls":6},498]
[{"$nulls":6},499]
[{"$nulls":6},500]

{"sheet":"Senior","index":1,"n_rows":302,"n_cols":10,"rows_kept":302,"cut":false,"hidden":false,"merged":[[0,2,0,9]]}
[null,null,"SENIOR INCENTIVE"]
["Futurity","Der","Senior","BBR","Draw","Rider Name","Horse Name","Time","Placing","Money Earned"]
[{"$nulls":4},1,"Kelly Bruner","Shadrack",16.007000000000001,"1D 1st",140]
[{"$nulls":4},2,"Trina Murray","Fuel For Dash",16.120999999999999]
[{"$nulls":4},3,"Lisa Wernli","Babe On The Run",16.23]
[{"$nulls":4},4,"Laura Embry","Frenchmans Docs RX",16.323]
[{"$nulls":4},5,"Mary Carter","Bullys Tiger Eye",16.353999999999999]
[{"$nulls":4},6,"Kathy Warren","Promise Me Sunshine",16.38]
[{"$nulls":4},7,"Trina Murray","JL Fourtafame",16.398]
[{"$nulls":4},8,"Tammy Rokus","Mitey Confederate",16.405000000000001]
[{"$nulls":4},9,"Shelly Shields","Toast To Val",16.579999999999998,"2D 1st",120]
[{"$nulls":4},10,"Jodi Stovall","Frenchie",16.638999999999999]
[{"$nulls":4},11,"Jenna Beth Blair","Money King Too",17.010000000000002,"3D 1st",80]
[{"$nulls":4},12,"Pam Smith","Wicked",17.02]
[{"$nulls":4},13,"Jill Petty","Fast Dashin Chick",17.222999999999999]
[{"$nulls":4},14,"LeAnn Wills","Shoot Yeah Shes Sassy",17.312999999999999]
[{"$nulls":4},15,"Simone Elmore","Mitey Moon Dash",17.440999999999999]
[{"$nulls":4},16,"Sherrel Burgess","Boomer T Fellers",17.564,"4D 1st",60]
[{"$nulls":4},17,"Kathy Vasquez","On A Hitting Streak",18.027999999999999]
[{"$nulls":4},18,"Jo Kirby","Shez Fast For Cash",18.123000000000001]
[{"$nulls":4},19,"Jenna Beth Blair","Willasfirefromheaven",19.166]
[{"$nulls":4},20,"Lisa Wernli","Flashs Fine Effort","broken"]
[{"$nulls":4},21]
[{"$nulls":4},22]
[{"$nulls":4},23]
[{"$nulls":4},25]
[{"$nulls":4},26]
[{"$nulls":4},27]
[{"$nulls":4},28]
[{"$nulls":4},29]
[{"$nulls":4},30]
[{"$nulls":4},31]
[{"$nulls":4},32]
[{"$nulls":4},24]
[{"$nulls":4},33]
[{"$nulls":4},34]
[{"$nulls":4},35]
[{"$nulls":4},36]
[{"$nulls":4},37]
[{"$nulls":4},38]
[{"$nulls":4},39]
[{"$nulls":4},40]
[{"$nulls":4},41]
[{"$nulls":4},42]
[{"$nulls":4},43]
[{"$nulls":4},44]
[{"$nulls":4},45]
[{"$nulls":4},46]
[{"$nulls":4},47]
[{"$nulls":4},48]
[{"$nulls":4},49]
[{"$nulls":4},50]
[{"$nulls":4},51]
[{"$nulls":4},52]
[{"$nulls":4},53]
[{"$nulls":4},54]
[{"$nulls":4},55]
[{"$nulls":4},56]
[{"$nulls":4},57]
[{"$nulls":4},58]
[{"$nulls":4},59]
[{"$nulls":4},60]
[{"$nulls":4},61]
[{"$nulls":4},62]
[{"$nulls":4},63]
[{"$nulls":4},64]
[{"$nulls":4},65]
[{"$nulls":4},66]
[{"$nulls":4},67]
[{"$nulls":4},68]
[{"$nulls":4},69]
[{"$nulls":4},70]
[{"$nulls":4},71]
[{"$nulls":4},72]
[{"$nulls":4},73]
[{"$nulls":4},74]
[{"$nulls":4},75]
[{"$nulls":4},76]
[{"$nulls":4},77]
[{"$nulls":4},78]
[{"$nulls":4},79]
[{"$nulls":4},80]
[{"$nulls":4},81]
[{"$nulls":4},82]
[{"$nulls":4},83]
[{"$nulls":4},84]
[{"$nulls":4},85]
[{"$nulls":4},86]
[{"$nulls":4},87]
[{"$nulls":4},88]
[{"$nulls":4},89]
[{"$nulls":4},90]
[{"$nulls":4},91]
[{"$nulls":4},92]
[{"$nulls":4},93]
[{"$nulls":4},94]
[{"$nulls":4},95]
[{"$nulls":4},96]
[{"$nulls":4},97]
[{"$nulls":4},98]
[{"$nulls":4},99]
[{"$nulls":4},100]
[{"$nulls":4},101]
[{"$nulls":4},102]
[{"$nulls":4},103]
[{"$nulls":4},104]
[{"$nulls":4},105]
[{"$nulls":4},106]
[{"$nulls":4},107]
[{"$nulls":4},108]
[{"$nulls":4},109]
[{"$nulls":4},110]
[{"$nulls":4},111]
[{"$nulls":4},112]
[{"$nulls":4},113]
[{"$nulls":4},114]
[{"$nulls":4},115]
[{"$nulls":4},116]
[{"$nulls":4},117]
[{"$nulls":4},118]
[{"$nulls":4},119]
[{"$nulls":4},120]
[{"$nulls":4},121]
[{"$nulls":4},122]
[{"$nulls":4},123]
[{"$nulls":4},124]
[{"$nulls":4},125]
[{"$nulls":4},126]
[{"$nulls":4},127]
[{"$nulls":4},128]
[{"$nulls":4},129]
[{"$nulls":4},130]
[{"$nulls":4},131]
[{"$nulls":4},132]
[{"$nulls":4},133]
[{"$nulls":4},134]
[{"$nulls":4},135]
[{"$nulls":4},136]
[{"$nulls":4},137]
[{"$nulls":4},138]
[{"$nulls":4},139]
[{"$nulls":4},140]
[{"$nulls":4},141]
[{"$nulls":4},142]
[{"$nulls":4},143]
[{"$nulls":4},144]
[{"$nulls":4},145]
[{"$nulls":4},146]
[{"$nulls":4},147]
[{"$nulls":4},148]
[{"$nulls":4},149]
[{"$nulls":4},150]
[{"$nulls":4},151]
[{"$nulls":4},152]
[{"$nulls":4},153]
[{"$nulls":4},154]
[{"$nulls":4},155]
[{"$nulls":4},156]
[{"$nulls":4},157]
[{"$nulls":4},158]
[{"$nulls":4},159]
[{"$nulls":4},160]
[{"$nulls":4},161]
[{"$nulls":4},162]
[{"$nulls":4},163]
[{"$nulls":4},164]
[{"$nulls":4},165]
[{"$nulls":4},166]
[{"$nulls":4},167]
[{"$nulls":4},168]
[{"$nulls":4},169]
[{"$nulls":4},170]
[{"$nulls":4},171]
[{"$nulls":4},172]
[{"$nulls":4},173]
[{"$nulls":4},174]
[{"$nulls":4},175]
[{"$nulls":4},176]
[{"$nulls":4},177]
[{"$nulls":4},178]
[{"$nulls":4},179]
[{"$nulls":4},180]
[{"$nulls":4},181]
[{"$nulls":4},182]
[{"$nulls":4},183]
[{"$nulls":4},184]
[{"$nulls":4},185]
[{"$nulls":4},186]
[{"$nulls":4},187]
[{"$nulls":4},188]
[{"$nulls":4},189]
[{"$nulls":4},190]
[{"$nulls":4},191]
[{"$nulls":4},192]
[{"$nulls":4},193]
[{"$nulls":4},194]
[{"$nulls":4},195]
[{"$nulls":4},196]
[{"$nulls":4},197]
[{"$nulls":4},198]
[{"$nulls":4},199]
[{"$nulls":4},200]
[{"$nulls":4},201]
[{"$nulls":4},202]
[{"$nulls":4},203]
[{"$nulls":4},204]
[{"$nulls":4},205]
[{"$nulls":4},206]
[{"$nulls":4},207]
[{"$nulls":4},208]
[{"$nulls":4},209]
[{"$nulls":4},210]
[{"$nulls":4},211]
[{"$nulls":4},212]
[{"$nulls":4},213]
[{"$nulls":4},214]
[{"$nulls":4},215]
[{"$nulls":4},216]
[{"$nulls":4},217]
[{"$nulls":4},218]
[{"$nulls":4},219]
[{"$nulls":4},220]
[{"$nulls":4},221]
[{"$nulls":4},222]
[{"$nulls":4},223]
[{"$nulls":4},224]
[{"$nulls":4},225]
[{"$nulls":4},226]
[{"$nulls":4},227]
[{"$nulls":4},228]
[{"$nulls":4},229]
[{"$nulls":4},230]
[{"$nulls":4},231]
[{"$nulls":4},232]
[{"$nulls":4},233]
[{"$nulls":4},234]
[{"$nulls":4},235]
[{"$nulls":4},236]
[{"$nulls":4},237]
[{"$nulls":4},238]
[{"$nulls":4},239]
[{"$nulls":4},240]
[{"$nulls":4},241]
[{"$nulls":4},242]
[{"$nulls":4},243]
[{"$nulls":4},244]
[{"$nulls":4},245]
[{"$nulls":4},246]
[{"$nulls":4},247]
[{"$nulls":4},248]
[{"$nulls":4},249]
[{"$nulls":4},250]
[{"$nulls":4},251]
[{"$nulls":4},252]
[{"$nulls":4},253]
[{"$nulls":4},254]
[{"$nulls":4},255]
[{"$nulls":4},256]
[{"$nulls":4},257]
[{"$nulls":4},258]
[{"$nulls":4},259]
[{"$nulls":4},260]
[{"$nulls":4},261]
[{"$nulls":4},262]
[{"$nulls":4},263]
[{"$nulls":4},264]
[{"$nulls":4},265]
[{"$nulls":4},266]
[{"$nulls":4},267]
[{"$nulls":4},268]
[{"$nulls":4},269]
[{"$nulls":4},270]
[{"$nulls":4},271]
[{"$nulls":4},272]
[{"$nulls":4},273]
[{"$nulls":4},274]
[{"$nulls":4},275]
[{"$nulls":4},276]
[{"$nulls":4},277]
[{"$nulls":4},278]
[{"$nulls":4},279]
[{"$nulls":4},280]
[{"$nulls":4},281]
[{"$nulls":4},282]
[{"$nulls":4},283]
[{"$nulls":4},284]
[{"$nulls":4},285]
[{"$nulls":4},286]
[{"$nulls":4},287]
[{"$nulls":4},288]
[{"$nulls":4},289]
[{"$nulls":4},290]
[{"$nulls":4},291]
[{"$nulls":4},292]
[{"$nulls":4},293]
[{"$nulls":4},294]
[{"$nulls":4},295]
[{"$nulls":4},296]
[{"$nulls":4},297]
[{"$nulls":4},298]
[{"$nulls":4},299]
[{"$nulls":4},300]

{"sheet":"Adult","index":2,"n_rows":302,"n_cols":10,"rows_kept":302,"cut":false,"hidden":false,"merged":[[0,2,0,9]]}
[null,null,"ADULT INCENTIVE"]
["Futurity","Der","Adult","BBR","Draw","Rider Name","Horse Name","Time","Placing","Money Earned"]
[{"$nulls":4},1,"Keyla Costa","Zumanity Cristal CMV",15.731,"1D 1st",147]
[{"$nulls":4},2,"Leslie Richards","VF Design My Rocket",15.784000000000001,"1D 2nd",98]
[{"$nulls":4},3,"Joy Wargo","WildChildsgotcashuno",15.803000000000001]
[{"$nulls":4},4,"Tillar King","Casino Perks",15.821]
[{"$nulls":4},5,"Molli Montgomery","The Woman Loves Fame",15.867000000000001]
[{"$nulls":4},6,"Leslie Richards","Too Long In The Sun",15.872999999999999]
[{"$nulls":4},7,"Brian Ramirez","Holly",15.907]
[{"$nulls":4},8,"Gabbie Grothe","Sold Out",15.945]
[{"$nulls":4},9,"Leslie Richards","Down Home Streakin",15.958]
[{"$nulls":4},10,"Tillar King","Dashing Canelo",16.047999999999998]
[{"$nulls":4},11,"Faith Furrow","Fames Easy Jetolena",16.079000000000001]
[{"$nulls":4},22,"Denny Ralls","SV Southern Comfort",16.117000000000001]
[{"$nulls":4},12,"Cristin Posey","Double Rockin W",16.262,"2D 1st",126]
[{"$nulls":4},13,"Molli Montgomery","Toast Your Socks Off",16.274999999999999,"2D 2nd",84]
[{"$nulls":4},14,"Jessica McBain","Rumble Gun",16.311]
[{"$nulls":4},15,"Emma Wildeisen","It is What It is Guys",16.331]
[{"$nulls":4},16,"Jennifer Cullen","Chasin Annies Fame",16.425999999999998]
[{"$nulls":4},17,"Randi Roberts","Colour Chart",16.475000000000001]
[{"$nulls":4},18,"Randi Roberts","Boom Slicka Boom",16.515000000000001]
[{"$nulls":4},19,"Jennifer Cullen","HLC Pretty Lil Sugar",16.516999999999999]
[{"$nulls":4},20,"Brittany Fellows","Johnny Cash",16.754999999999999,"3D 1st",84]
[{"$nulls":4},21,"Roxanne Roderick","A Streak Of Stoli",16.797999999999998,"3D 2nd",56]
[{"$nulls":4},23,"Adrianna Eylar","Fire Mia Memory",16.849]
[{"$nulls":4},24,"Jenna Beck","Smokem Doc Frenchman",16.899000000000001]
[{"$nulls":4},25,"Molly Steffen","BT Scoredlolastinson",16.905999999999999]
[{"$nulls":4},26,"LeAne Turney","Sam Cox 468",16.919]
[{"$nulls":4},27,"Leslie Richards","Ze Sweetest Fling",17.111000000000001]
[{"$nulls":4},28,"Lori Marsh","Frenchmans Lucy Lou",17.459,"4D 1st",63]
[{"$nulls":4},29,"Timberly Erickson","Mines Fast",17.609000000000002,"4D 2nd",42]
[{"$nulls":4},30,"Jennifer Cullen","Chasin Rosie",18.073]
[{"$nulls":4},31,"Faith Furrow","Munchkin Man",18.137]
[{"$nulls":4},32,"Jessica Pantenella","Pineapple",18.152999999999999]
[{"$nulls":4},33,"Tillar King","MV Gonna Be Famous",915.745]
[{"$nulls":4},34,"Courtney Worthington","High Road Ta Fame",916.55100000000004]
[{"$nulls":4},35,"Randi Roberts","Dashin With The Best","broken"]
[{"$nulls":4},36]
[{"$nulls":4},37]
[{"$nulls":4},38]
[{"$nulls":4},39]
[{"$nulls":4},40]
[{"$nulls":4},41]
[{"$nulls":4},42]
[{"$nulls":4},43]
[{"$nulls":4},44]
[{"$nulls":4},45]
[{"$nulls":4},46]
[{"$nulls":4},47]
[{"$nulls":4},48]
[{"$nulls":4},49]
[{"$nulls":4},50]
[{"$nulls":4},51]
[{"$nulls":4},52]
[{"$nulls":4},53]
[{"$nulls":4},54]
[{"$nulls":4},55]
[{"$nulls":4},56]
[{"$nulls":4},57]
[{"$nulls":4},58]
[{"$nulls":4},59]
[{"$nulls":4},60]
[{"$nulls":4},61]
[{"$nulls":4},62]
[{"$nulls":4},63]
[{"$nulls":4},64]
[{"$nulls":4},65]
[{"$nulls":4},66]
[{"$nulls":4},67]
[{"$nulls":4},68]
[{"$nulls":4},69]
[{"$nulls":4},70]
[{"$nulls":4},71]
[{"$nulls":4},72]
[{"$nulls":4},73]
[{"$nulls":4},74]
[{"$nulls":4},75]
[{"$nulls":4},76]
[{"$nulls":4},77]
[{"$nulls":4},78]
[{"$nulls":4},79]
[{"$nulls":4},80]
[{"$nulls":4},81]
[{"$nulls":4},82]
[{"$nulls":4},83]
[{"$nulls":4},84]
[{"$nulls":4},85]
[{"$nulls":4},86]
[{"$nulls":4},87]
[{"$nulls":4},88]
[{"$nulls":4},89]
[{"$nulls":4},90]
[{"$nulls":4},91]
[{"$nulls":4},92]
[{"$nulls":4},93]
[{"$nulls":4},94]
[{"$nulls":4},95]
[{"$nulls":4},96]
[{"$nulls":4},97]
[{"$nulls":4},98]
[{"$nulls":4},99]
[{"$nulls":4},100]
[{"$nulls":4},101]
[{"$nulls":4},102]
[{"$nulls":4},103]
[{"$nulls":4},104]
[{"$nulls":4},105]
[{"$nulls":4},106]
[{"$nulls":4},107]
[{"$nulls":4},108]
[{"$nulls":4},109]
[{"$nulls":4},110]
[{"$nulls":4},111]
[{"$nulls":4},112]
[{"$nulls":4},113]
[{"$nulls":4},114]
[{"$nulls":4},115]
[{"$nulls":4},116]
[{"$nulls":4},117]
[{"$nulls":4},118]
[{"$nulls":4},119]
[{"$nulls":4},120]
[{"$nulls":4},121]
[{"$nulls":4},122]
[{"$nulls":4},123]
[{"$nulls":4},124]
[{"$nulls":4},125]
[{"$nulls":4},126]
[{"$nulls":4},127]
[{"$nulls":4},128]
[{"$nulls":4},129]
[{"$nulls":4},130]
[{"$nulls":4},131]
[{"$nulls":4},132]
[{"$nulls":4},133]
[{"$nulls":4},134]
[{"$nulls":4},135]
[{"$nulls":4},136]
[{"$nulls":4},137]
[{"$nulls":4},138]
[{"$nulls":4},139]
[{"$nulls":4},140]
[{"$nulls":4},141]
[{"$nulls":4},142]
[{"$nulls":4},143]
[{"$nulls":4},144]
[{"$nulls":4},145]
[{"$nulls":4},146]
[{"$nulls":4},147]
[{"$nulls":4},148]
[{"$nulls":4},149]
[{"$nulls":4},150]
[{"$nulls":4},151]
[{"$nulls":4},152]
[{"$nulls":4},153]
[{"$nulls":4},154]
[{"$nulls":4},155]
[{"$nulls":4},156]
[{"$nulls":4},157]
[{"$nulls":4},158]
[{"$nulls":4},159]
[{"$nulls":4},160]
[{"$nulls":4},161]
[{"$nulls":4},162]
[{"$nulls":4},163]
[{"$nulls":4},164]
[{"$nulls":4},165]
[{"$nulls":4},166]
[{"$nulls":4},167]
[{"$nulls":4},168]
[{"$nulls":4},169]
[{"$nulls":4},170]
[{"$nulls":4},171]
[{"$nulls":4},172]
[{"$nulls":4},173]
[{"$nulls":4},174]
[{"$nulls":4},175]
[{"$nulls":4},176]
[{"$nulls":4},177]
[{"$nulls":4},178]
[{"$nulls":4},179]
[{"$nulls":4},180]
[{"$nulls":4},181]
[{"$nulls":4},182]
[{"$nulls":4},183]
[{"$nulls":4},184]
[{"$nulls":4},185]
[{"$nulls":4},186]
[{"$nulls":4},187]
[{"$nulls":4},188]
[{"$nulls":4},189]
[{"$nulls":4},190]
[{"$nulls":4},191]
[{"$nulls":4},192]
[{"$nulls":4},193]
[{"$nulls":4},194]
[{"$nulls":4},195]
[{"$nulls":4},196]
[{"$nulls":4},197]
[{"$nulls":4},198]
[{"$nulls":4},199]
[{"$nulls":4},200]
[{"$nulls":4},201]
[{"$nulls":4},202]
[{"$nulls":4},203]
[{"$nulls":4},204]
[{"$nulls":4},205]
[{"$nulls":4},206]
[{"$nulls":4},207]
[{"$nulls":4},208]
[{"$nulls":4},209]
[{"$nulls":4},210]
[{"$nulls":4},211]
[{"$nulls":4},212]
[{"$nulls":4},213]
[{"$nulls":4},214]
[{"$nulls":4},215]
[{"$nulls":4},216]
[{"$nulls":4},217]
[{"$nulls":4},218]
[{"$nulls":4},219]
[{"$nulls":4},220]
[{"$nulls":4},221]
[{"$nulls":4},222]
[{"$nulls":4},223]
[{"$nulls":4},224]
[{"$nulls":4},225]
[{"$nulls":4},226]
[{"$nulls":4},227]
[{"$nulls":4},228]
[{"$nulls":4},229]
[{"$nulls":4},230]
[{"$nulls":4},231]
[{"$nulls":4},232]
[{"$nulls":4},233]
[{"$nulls":4},234]
[{"$nulls":4},235]
[{"$nulls":4},236]
[{"$nulls":4},237]
[{"$nulls":4},238]
[{"$nulls":4},239]
[{"$nulls":4},240]
[{"$nulls":4},241]
[{"$nulls":4},242]
[{"$nulls":4},243]
[{"$nulls":4},244]
[{"$nulls":4},245]
[{"$nulls":4},246]
[{"$nulls":4},247]
[{"$nulls":4},248]
[{"$nulls":4},249]
[{"$nulls":4},250]
[{"$nulls":4},251]
[{"$nulls":4},252]
[{"$nulls":4},253]
[{"$nulls":4},254]
[{"$nulls":4},255]
[{"$nulls":4},256]
[{"$nulls":4},257]
[{"$nulls":4},258]
[{"$nulls":4},259]
[{"$nulls":4},260]
[{"$nulls":4},261]
[{"$nulls":4},262]
[{"$nulls":4},263]
[{"$nulls":4},264]
[{"$nulls":4},265]
[{"$nulls":4},266]
[{"$nulls":4},267]
[{"$nulls":4},268]
[{"$nulls":4},269]
[{"$nulls":4},270]
[{"$nulls":4},271]
[{"$nulls":4},272]
[{"$nulls":4},273]
[{"$nulls":4},274]
[{"$nulls":4},275]
[{"$nulls":4},276]
[{"$nulls":4},277]
[{"$nulls":4},278]
[{"$nulls":4},279]
[{"$nulls":4},280]
[{"$nulls":4},281]
[{"$nulls":4},282]
[{"$nulls":4},283]
[{"$nulls":4},284]
[{"$nulls":4},285]
[{"$nulls":4},286]
[{"$nulls":4},287]
[{"$nulls":4},288]
[{"$nulls":4},289]
[{"$nulls":4},290]
[{"$nulls":4},291]
[{"$nulls":4},292]
[{"$nulls":4},293]
[{"$nulls":4},294]
[{"$nulls":4},295]
[{"$nulls":4},296]
[{"$nulls":4},297]
[{"$nulls":4},298]
[{"$nulls":4},299]
[{"$nulls":4},300]

{"sheet":"Youth","index":3,"n_rows":302,"n_cols":10,"rows_kept":302,"cut":false,"hidden":false,"merged":[[0,2,0,9]]}
[null,null,"YOUTH INCENTIVE"]
["Futurity","Der","Youth","BBR","Draw","Rider Name","Horse Name","Time","Placing","Money Earned"]
[{"$nulls":4},1,"Lila Jardine","Francy Streak",16.082999999999998,"1D 1st",147]
[{"$nulls":4},2,"Landry Cumbie","Three Speedy Turns",16.349]
[{"$nulls":4},3,"Lila Jardine","Fortunate Fame",16.512]
[{"$nulls":4},4,"Jolie Smith","Ms Holliwood Delight",16.707999999999998,"2D 1st",126]
[{"$nulls":4},5,"Rheagan Bullard","Alota Frostinmycash",16.911999999999999]
[{"$nulls":4},6,"Kylyn Baker",null,16.916]
[{"$nulls":4},7,"Kimber Steffen","Frosted Country",17.012]
[{"$nulls":4},8,"Kimber Steffen","DJ Chicolena Katie",17.257000000000001,"3D 1st",84]
[{"$nulls":4},9,"Cienna Jacobsen","Straight Up Smooth",17.306999999999999]
[{"$nulls":4},10,"Landry Cumbie","KN Tripwood",17.395]
[{"$nulls":4},11,"Karis Moss","Carousel Ryder",18.012,"4D 1st",63]
[{"$nulls":4},12,"Lillian Doplika","Whiskey Royal Crown",18.763000000000002]
[{"$nulls":4},13,"Landry Cumbie","Shezararefrenchman",916.28499999999997]
[{"$nulls":4},14,"Mylieh Jost","Aint She Dualicious",916.66600000000005]
[{"$nulls":4},15,"Kaylee Lehrmann","KL Dashing Shine","broken"]
[{"$nulls":4},16]
[{"$nulls":4},17]
[{"$nulls":4},18]
[{"$nulls":4},19]
[{"$nulls":4},20]
[{"$nulls":4},21]
[{"$nulls":4},22]
[{"$nulls":4},23]
[{"$nulls":4},24]
[{"$nulls":4},25]
[{"$nulls":4},26]
[{"$nulls":4},27]
[{"$nulls":4},28]
[{"$nulls":4},29]
[{"$nulls":4},30]
[{"$nulls":4},31]
[{"$nulls":4},32]
[{"$nulls":4},33]
[{"$nulls":4},34]
[{"$nulls":4},35]
[{"$nulls":4},36]
[{"$nulls":4},37]
[{"$nulls":4},38]
[{"$nulls":4},39]
[{"$nulls":4},40]
[{"$nulls":4},41]
[{"$nulls":4},42]
[{"$nulls":4},43]
[{"$nulls":4},44]
[{"$nulls":4},45]
[{"$nulls":4},46]
[{"$nulls":4},47]
[{"$nulls":4},48]
[{"$nulls":4},49]
[{"$nulls":4},50]
[{"$nulls":4},51]
[{"$nulls":4},52]
[{"$nulls":4},53]
[{"$nulls":4},54]
[{"$nulls":4},55]
[{"$nulls":4},56]
[{"$nulls":4},57]
[{"$nulls":4},58]
[{"$nulls":4},59]
[{"$nulls":4},60]
[{"$nulls":4},61]
[{"$nulls":4},62]
[{"$nulls":4},63]
[{"$nulls":4},64]
[{"$nulls":4},65]
[{"$nulls":4},66]
[{"$nulls":4},67]
[{"$nulls":4},68]
[{"$nulls":4},69]
[{"$nulls":4},70]
[{"$nulls":4},71]
[{"$nulls":4},72]
[{"$nulls":4},73]
[{"$nulls":4},74]
[{"$nulls":4},75]
[{"$nulls":4},76]
[{"$nulls":4},77]
[{"$nulls":4},78]
[{"$nulls":4},79]
[{"$nulls":4},80]
[{"$nulls":4},81]
[{"$nulls":4},82]
[{"$nulls":4},83]
[{"$nulls":4},84]
[{"$nulls":4},85]
[{"$nulls":4},86]
[{"$nulls":4},87]
[{"$nulls":4},88]
[{"$nulls":4},89]
[{"$nulls":4},90]
[{"$nulls":4},91]
[{"$nulls":4},92]
[{"$nulls":4},93]
[{"$nulls":4},94]
[{"$nulls":4},95]
[{"$nulls":4},96]
[{"$nulls":4},97]
[{"$nulls":4},98]
[{"$nulls":4},99]
[{"$nulls":4},100]
[{"$nulls":4},101]
[{"$nulls":4},102]
[{"$nulls":4},103]
[{"$nulls":4},104]
[{"$nulls":4},105]
[{"$nulls":4},106]
[{"$nulls":4},107]
[{"$nulls":4},108]
[{"$nulls":4},109]
[{"$nulls":4},110]
[{"$nulls":4},111]
[{"$nulls":4},112]
[{"$nulls":4},113]
[{"$nulls":4},114]
[{"$nulls":4},115]
[{"$nulls":4},116]
[{"$nulls":4},117]
[{"$nulls":4},118]
[{"$nulls":4},119]
[{"$nulls":4},120]
[{"$nulls":4},121]
[{"$nulls":4},122]
[{"$nulls":4},123]
[{"$nulls":4},124]
[{"$nulls":4},125]
[{"$nulls":4},126]
[{"$nulls":4},127]
[{"$nulls":4},128]
[{"$nulls":4},129]
[{"$nulls":4},130]
[{"$nulls":4},131]
[{"$nulls":4},132]
[{"$nulls":4},133]
[{"$nulls":4},134]
[{"$nulls":4},135]
[{"$nulls":4},136]
[{"$nulls":4},137]
[{"$nulls":4},138]
[{"$nulls":4},139]
[{"$nulls":4},140]
[{"$nulls":4},141]
[{"$nulls":4},142]
[{"$nulls":4},143]
[{"$nulls":4},144]
[{"$nulls":4},145]
[{"$nulls":4},146]
[{"$nulls":4},147]
[{"$nulls":4},148]
[{"$nulls":4},149]
[{"$nulls":4},150]
[{"$nulls":4},151]
[{"$nulls":4},152]
[{"$nulls":4},153]
[{"$nulls":4},154]
[{"$nulls":4},155]
[{"$nulls":4},156]
[{"$nulls":4},157]
[{"$nulls":4},158]
[{"$nulls":4},159]
[{"$nulls":4},160]
[{"$nulls":4},161]
[{"$nulls":4},162]
[{"$nulls":4},163]
[{"$nulls":4},164]
[{"$nulls":4},165]
[{"$nulls":4},166]
[{"$nulls":4},167]
[{"$nulls":4},168]
[{"$nulls":4},169]
[{"$nulls":4},170]
[{"$nulls":4},171]
[{"$nulls":4},172]
[{"$nulls":4},173]
[{"$nulls":4},174]
[{"$nulls":4},175]
[{"$nulls":4},176]
[{"$nulls":4},177]
[{"$nulls":4},178]
[{"$nulls":4},179]
[{"$nulls":4},180]
[{"$nulls":4},181]
[{"$nulls":4},182]
[{"$nulls":4},183]
[{"$nulls":4},184]
[{"$nulls":4},185]
[{"$nulls":4},186]
[{"$nulls":4},187]
[{"$nulls":4},188]
[{"$nulls":4},189]
[{"$nulls":4},190]
[{"$nulls":4},191]
[{"$nulls":4},192]
[{"$nulls":4},193]
[{"$nulls":4},194]
[{"$nulls":4},195]
[{"$nulls":4},196]
[{"$nulls":4},197]
[{"$nulls":4},198]
[{"$nulls":4},199]
[{"$nulls":4},200]
[{"$nulls":4},201]
[{"$nulls":4},202]
[{"$nulls":4},203]
[{"$nulls":4},204]
[{"$nulls":4},205]
[{"$nulls":4},206]
[{"$nulls":4},207]
[{"$nulls":4},208]
[{"$nulls":4},209]
[{"$nulls":4},210]
[{"$nulls":4},211]
[{"$nulls":4},212]
[{"$nulls":4},213]
[{"$nulls":4},214]
[{"$nulls":4},215]
[{"$nulls":4},216]
[{"$nulls":4},217]
[{"$nulls":4},218]
[{"$nulls":4},219]
[{"$nulls":4},220]
[{"$nulls":4},221]
[{"$nulls":4},222]
[{"$nulls":4},223]
[{"$nulls":4},224]
[{"$nulls":4},225]
[{"$nulls":4},226]
[{"$nulls":4},227]
[{"$nulls":4},228]
[{"$nulls":4},229]
[{"$nulls":4},230]
[{"$nulls":4},231]
[{"$nulls":4},232]
[{"$nulls":4},233]
[{"$nulls":4},234]
[{"$nulls":4},235]
[{"$nulls":4},236]
[{"$nulls":4},237]
[{"$nulls":4},238]
[{"$nulls":4},239]
[{"$nulls":4},240]
[{"$nulls":4},241]
[{"$nulls":4},242]
[{"$nulls":4},243]
[{"$nulls":4},244]
[{"$nulls":4},245]
[{"$nulls":4},246]
[{"$nulls":4},247]
[{"$nulls":4},248]
[{"$nulls":4},249]
[{"$nulls":4},250]
[{"$nulls":4},251]
[{"$nulls":4},252]
[{"$nulls":4},253]
[{"$nulls":4},254]
[{"$nulls":4},255]
[{"$nulls":4},256]
[{"$nulls":4},257]
[{"$nulls":4},258]
[{"$nulls":4},259]
[{"$nulls":4},260]
[{"$nulls":4},261]
[{"$nulls":4},262]
[{"$nulls":4},263]
[{"$nulls":4},264]
[{"$nulls":4},265]
[{"$nulls":4},266]
[{"$nulls":4},267]
[{"$nulls":4},268]
[{"$nulls":4},269]
[{"$nulls":4},270]
[{"$nulls":4},271]
[{"$nulls":4},272]
[{"$nulls":4},273]
[{"$nulls":4},274]
[{"$nulls":4},275]
[{"$nulls":4},276]
[{"$nulls":4},277]
[{"$nulls":4},278]
[{"$nulls":4},279]
[{"$nulls":4},280]
[{"$nulls":4},281]
[{"$nulls":4},282]
[{"$nulls":4},283]
[{"$nulls":4},284]
[{"$nulls":4},285]
[{"$nulls":4},286]
[{"$nulls":4},287]
[{"$nulls":4},288]
[{"$nulls":4},289]
[{"$nulls":4},290]
[{"$nulls":4},291]
[{"$nulls":4},292]
[{"$nulls":4},293]
[{"$nulls":4},294]
[{"$nulls":4},295]
[{"$nulls":4},296]
[{"$nulls":4},297]
[{"$nulls":4},298]
[{"$nulls":4},299]
[{"$nulls":4},300]

{"sheet":"Derby","index":4,"n_rows":300,"n_cols":10,"rows_kept":300,"cut":false,"hidden":false,"merged":[[0,1,0,9]]}
[null,"DERBY"]
["Futurity","Derby","Age Inct.","BBR","Draw","Rider Name","Horse Name","Time","Placing","Money Earned"]
[{"$nulls":4},1,"Jolene Montgomery","MCM Drop Your Socks",15.978,"1st",300]
[{"$nulls":4},2,"Dawn Link","Domintnator",15.984999999999999,"2nd",180]
[{"$nulls":4},3,"Tillar King","Dashing Canelo",16.047999999999998,"3rd",120]
[{"$nulls":4},4,"Suade Furr","Stackin Bills",16.106000000000002]
[{"$nulls":4},5,"Cristin Posey","Double Rockin W",16.262]
[{"$nulls":4},6,"Molli Montgomery","Toast Your Socks Off",16.274999999999999]
[{"$nulls":4},7,"Halley Guthrie","Smoke N Biankus",16.285]
[{"$nulls":4},8,"Jennifer Cullen","Chasin Annies Fame",16.425999999999998]
[{"$nulls":4},9,"Ryann Pedone","Pressured By Destiny",16.452999999999999]
[{"$nulls":4},10,"Sierra Melby","SR PlainlyImSpecial",16.533000000000001]
[{"$nulls":4},11,"Lindsey Muggli","In The Nick Of Time",16.698]
[{"$nulls":4},12,"Josey Groves","MV Cool Diva",17.143000000000001]
[{"$nulls":4},13,"Lexi Peaden","Perks Under Pressure",18.417000000000002]
[{"$nulls":4},14,"Tillar King","MV Gonna Be Famous",915.745]
[{"$nulls":4},15,"Rylee Shields","Furys Princess",917.01800000000003]
[{"$nulls":4},16]
[{"$nulls":4},17]
[{"$nulls":4},18]
[{"$nulls":4},19]
[{"$nulls":4},20]
[{"$nulls":4},23]
[{"$nulls":4},24]
[{"$nulls":4},25]
[{"$nulls":4},26]
[{"$nulls":4},27]
[{"$nulls":4},28]
[{"$nulls":4},29]
[{"$nulls":4},30]
[{"$nulls":4},31]
[{"$nulls":4},32]
[{"$nulls":4},33]
[{"$nulls":4},34]
[{"$nulls":4},35]
[{"$nulls":4},36]
[{"$nulls":4},37]
[{"$nulls":4},38]
[{"$nulls":4},39]
[{"$nulls":4},40]
[{"$nulls":4},41]
[{"$nulls":4},42]
[{"$nulls":4},43]
[{"$nulls":4},44]
[{"$nulls":4},45]
[{"$nulls":4},46]
[{"$nulls":4},47]
[{"$nulls":4},48]
[{"$nulls":4},49]
[{"$nulls":4},50]
[{"$nulls":4},51]
[{"$nulls":4},52]
[{"$nulls":4},53]
[{"$nulls":4},54]
[{"$nulls":4},55]
[{"$nulls":4},56]
[{"$nulls":4},57]
[{"$nulls":4},58]
[{"$nulls":4},59]
[{"$nulls":4},60]
[{"$nulls":4},61]
[{"$nulls":4},62]
[{"$nulls":4},63]
[{"$nulls":4},64]
[{"$nulls":4},65]
[{"$nulls":4},66]
[{"$nulls":4},67]
[{"$nulls":4},68]
[{"$nulls":4},69]
[{"$nulls":4},70]
[{"$nulls":4},71]
[{"$nulls":4},72]
[{"$nulls":4},73]
[{"$nulls":4},74]
[{"$nulls":4},75]
[{"$nulls":4},76]
[{"$nulls":4},77]
[{"$nulls":4},78]
[{"$nulls":4},79]
[{"$nulls":4},80]
[{"$nulls":4},81]
[{"$nulls":4},82]
[{"$nulls":4},83]
[{"$nulls":4},84]
[{"$nulls":4},85]
[{"$nulls":4},86]
[{"$nulls":4},87]
[{"$nulls":4},88]
[{"$nulls":4},89]
[{"$nulls":4},90]
[{"$nulls":4},91]
[{"$nulls":4},92]
[{"$nulls":4},93]
[{"$nulls":4},94]
[{"$nulls":4},95]
[{"$nulls":4},96]
[{"$nulls":4},97]
[{"$nulls":4},98]
[{"$nulls":4},99]
[{"$nulls":4},100]
[{"$nulls":4},101]
[{"$nulls":4},102]
[{"$nulls":4},103]
[{"$nulls":4},104]
[{"$nulls":4},105]
[{"$nulls":4},106]
[{"$nulls":4},107]
[{"$nulls":4},108]
[{"$nulls":4},109]
[{"$nulls":4},110]
[{"$nulls":4},111]
[{"$nulls":4},112]
[{"$nulls":4},113]
[{"$nulls":4},114]
[{"$nulls":4},115]
[{"$nulls":4},116]
[{"$nulls":4},117]
[{"$nulls":4},118]
[{"$nulls":4},119]
[{"$nulls":4},120]
[{"$nulls":4},121]
[{"$nulls":4},122]
[{"$nulls":4},123]
[{"$nulls":4},124]
[{"$nulls":4},125]
[{"$nulls":4},126]
[{"$nulls":4},127]
[{"$nulls":4},128]
[{"$nulls":4},129]
[{"$nulls":4},130]
[{"$nulls":4},131]
[{"$nulls":4},132]
[{"$nulls":4},133]
[{"$nulls":4},134]
[{"$nulls":4},135]
[{"$nulls":4},136]
[{"$nulls":4},137]
[{"$nulls":4},138]
[{"$nulls":4},139]
[{"$nulls":4},140]
[{"$nulls":4},141]
[{"$nulls":4},142]
[{"$nulls":4},143]
[{"$nulls":4},144]
[{"$nulls":4},145]
[{"$nulls":4},146]
[{"$nulls":4},147]
[{"$nulls":4},148]
[{"$nulls":4},149]
[{"$nulls":4},150]
[{"$nulls":4},151]
[{"$nulls":4},152]
[{"$nulls":4},153]
[{"$nulls":4},154]
[{"$nulls":4},155]
[{"$nulls":4},156]
[{"$nulls":4},157]
[{"$nulls":4},158]
[{"$nulls":4},159]
[{"$nulls":4},160]
[{"$nulls":4},161]
[{"$nulls":4},162]
[{"$nulls":4},163]
[{"$nulls":4},164]
[{"$nulls":4},165]
[{"$nulls":4},166]
[{"$nulls":4},167]
[{"$nulls":4},168]
[{"$nulls":4},169]
[{"$nulls":4},170]
[{"$nulls":4},171]
[{"$nulls":4},172]
[{"$nulls":4},173]
[{"$nulls":4},174]
[{"$nulls":4},175]
[{"$nulls":4},176]
[{"$nulls":4},177]
[{"$nulls":4},178]
[{"$nulls":4},179]
[{"$nulls":4},180]
[{"$nulls":4},181]
[{"$nulls":4},182]
[{"$nulls":4},183]
[{"$nulls":4},184]
[{"$nulls":4},185]
[{"$nulls":4},186]
[{"$nulls":4},187]
[{"$nulls":4},188]
[{"$nulls":4},189]
[{"$nulls":4},190]
[{"$nulls":4},191]
[{"$nulls":4},192]
[{"$nulls":4},193]
[{"$nulls":4},194]
[{"$nulls":4},195]
[{"$nulls":4},196]
[{"$nulls":4},197]
[{"$nulls":4},198]
[{"$nulls":4},199]
[{"$nulls":4},200]
[{"$nulls":4},201]
[{"$nulls":4},202]
[{"$nulls":4},203]
[{"$nulls":4},204]
[{"$nulls":4},205]
[{"$nulls":4},206]
[{"$nulls":4},207]
[{"$nulls":4},208]
[{"$nulls":4},209]
[{"$nulls":4},210]
[{"$nulls":4},211]
[{"$nulls":4},212]
[{"$nulls":4},213]
[{"$nulls":4},214]
[{"$nulls":4},215]
[{"$nulls":4},216]
[{"$nulls":4},217]
[{"$nulls":4},218]
[{"$nulls":4},219]
[{"$nulls":4},220]
[{"$nulls":4},221]
[{"$nulls":4},222]
[{"$nulls":4},223]
[{"$nulls":4},224]
[{"$nulls":4},225]
[{"$nulls":4},226]
[{"$nulls":4},227]
[{"$nulls":4},228]
[{"$nulls":4},229]
[{"$nulls":4},230]
[{"$nulls":4},231]
[{"$nulls":4},232]
[{"$nulls":4},233]
[{"$nulls":4},234]
[{"$nulls":4},235]
[{"$nulls":4},236]
[{"$nulls":4},237]
[{"$nulls":4},238]
[{"$nulls":4},239]
[{"$nulls":4},240]
[{"$nulls":4},241]
[{"$nulls":4},242]
[{"$nulls":4},243]
[{"$nulls":4},244]
[{"$nulls":4},245]
[{"$nulls":4},246]
[{"$nulls":4},247]
[{"$nulls":4},248]
[{"$nulls":4},249]
[{"$nulls":4},250]
[{"$nulls":4},251]
[{"$nulls":4},252]
[{"$nulls":4},253]
[{"$nulls":4},254]
[{"$nulls":4},255]
[{"$nulls":4},256]
[{"$nulls":4},257]
[{"$nulls":4},258]
[{"$nulls":4},259]
[{"$nulls":4},260]
[{"$nulls":4},261]
[{"$nulls":4},262]
[{"$nulls":4},263]
[{"$nulls":4},264]
[{"$nulls":4},265]
[{"$nulls":4},266]
[{"$nulls":4},267]
[{"$nulls":4},268]
[{"$nulls":4},269]
[{"$nulls":4},270]
[{"$nulls":4},271]
[{"$nulls":4},272]
[{"$nulls":4},273]
[{"$nulls":4},274]
[{"$nulls":4},275]
[{"$nulls":4},276]
[{"$nulls":4},277]
[{"$nulls":4},278]
[{"$nulls":4},279]
[{"$nulls":4},280]
[{"$nulls":4},281]
[{"$nulls":4},282]
[{"$nulls":4},283]
[{"$nulls":4},284]
[{"$nulls":4},285]
[{"$nulls":4},286]
[{"$nulls":4},287]
[{"$nulls":4},288]
[{"$nulls":4},289]
[{"$nulls":4},290]
[{"$nulls":4},291]
[{"$nulls":4},292]
[{"$nulls":4},293]
[{"$nulls":4},294]
[{"$nulls":4},295]
[{"$nulls":4},296]
[{"$nulls":4},297]
[{"$nulls":4},298]
[{"$nulls":4},299]
[{"$nulls":4},300]

{"sheet":"High Stakes","index":5,"n_rows":302,"n_cols":10,"rows_kept":302,"cut":false,"hidden":false,"merged":[[0,0,0,9]]}
["HIGHSTAKES"]
["HS","Der","Age Inct.","BBR","Draw","Rider Name","Horse Name","Time","Placing","Money Earned"]
[{"$nulls":4},1,"Bugg Beeler","This Fling Is Famous",15.619,"1st",432]
[{"$nulls":4},2,"Carlee Otero","Preacher",15.638999999999999,"2nd",288]
[{"$nulls":4},3,"Leslie Richards","VF Design My Rocket",15.784000000000001]
[{"$nulls":4},4,"Leslie Richards","Too Long In The Sun",15.872999999999999]
[{"$nulls":4},5,"Billie Ann Harmon","Zero Judgement",15.9]
[{"$nulls":4},6,"Tillar King","Dashing Canelo",16.047999999999998]
[{"$nulls":4},7,"Ryann Pedone","JS Milo N Stitch",16.047999999999998]
[{"$nulls":4},8,"Denny Ralls","SV Southern Comfort",16.117000000000001]
[{"$nulls":4},9,"Carlee Otero","Any Guy Of Mine",16.542999999999999]
[{"$nulls":4},10]
[{"$nulls":4},11]
[{"$nulls":4},12]
[{"$nulls":4},13]
[{"$nulls":4},14]
[{"$nulls":4},15]
[{"$nulls":4},16]
[{"$nulls":4},17]
[{"$nulls":4},18]
[{"$nulls":4},19]
[{"$nulls":4},20]
[{"$nulls":4},21]
[{"$nulls":4},22]
[{"$nulls":4},23]
[{"$nulls":4},24]
[{"$nulls":4},25]
[{"$nulls":4},26]
[{"$nulls":4},27]
[{"$nulls":4},28]
[{"$nulls":4},29]
[{"$nulls":4},30]
[{"$nulls":4},31]
[{"$nulls":4},32]
[{"$nulls":4},33]
[{"$nulls":4},34]
[{"$nulls":4},35]
[{"$nulls":4},36]
[{"$nulls":4},37]
[{"$nulls":4},38]
[{"$nulls":4},39]
[{"$nulls":4},40]
[{"$nulls":4},41]
[{"$nulls":4},42]
[{"$nulls":4},43]
[{"$nulls":4},44]
[{"$nulls":4},45]
[{"$nulls":4},46]
[{"$nulls":4},47]
[{"$nulls":4},48]
[{"$nulls":4},49]
[{"$nulls":4},50]
[{"$nulls":4},51]
[{"$nulls":4},52]
[{"$nulls":4},53]
[{"$nulls":4},54]
[{"$nulls":4},55]
[{"$nulls":4},56]
[{"$nulls":4},57]
[{"$nulls":4},58]
[{"$nulls":4},59]
[{"$nulls":4},60]
[{"$nulls":4},61]
[{"$nulls":4},62]
[{"$nulls":4},63]
[{"$nulls":4},64]
[{"$nulls":4},65]
[{"$nulls":4},66]
[{"$nulls":4},67]
[{"$nulls":4},68]
[{"$nulls":4},69]
[{"$nulls":4},70]
[{"$nulls":4},71]
[{"$nulls":4},72]
[{"$nulls":4},73]
[{"$nulls":4},74]
[{"$nulls":4},75]
[{"$nulls":4},76]
[{"$nulls":4},77]
[{"$nulls":4},78]
[{"$nulls":4},79]
[{"$nulls":4},80]
[{"$nulls":4},81]
[{"$nulls":4},82]
[{"$nulls":4},83]
[{"$nulls":4},84]
[{"$nulls":4},85]
[{"$nulls":4},86]
[{"$nulls":4},87]
[{"$nulls":4},88]
[{"$nulls":4},89]
[{"$nulls":4},90]
[{"$nulls":4},91]
[{"$nulls":4},92]
[{"$nulls":4},93]
[{"$nulls":4},94]
[{"$nulls":4},95]
[{"$nulls":4},96]
[{"$nulls":4},97]
[{"$nulls":4},98]
[{"$nulls":4},99]
[{"$nulls":4},100]
[{"$nulls":4},101]
[{"$nulls":4},102]
[{"$nulls":4},103]
[{"$nulls":4},104]
[{"$nulls":4},105]
[{"$nulls":4},106]
[{"$nulls":4},107]
[{"$nulls":4},108]
[{"$nulls":4},109]
[{"$nulls":4},110]
[{"$nulls":4},111]
[{"$nulls":4},112]
[{"$nulls":4},113]
[{"$nulls":4},114]
[{"$nulls":4},115]
[{"$nulls":4},116]
[{"$nulls":4},117]
[{"$nulls":4},118]
[{"$nulls":4},119]
[{"$nulls":4},120]
[{"$nulls":4},121]
[{"$nulls":4},122]
[{"$nulls":4},123]
[{"$nulls":4},124]
[{"$nulls":4},125]
[{"$nulls":4},126]
[{"$nulls":4},127]
[{"$nulls":4},128]
[{"$nulls":4},129]
[{"$nulls":4},130]
[{"$nulls":4},131]
[{"$nulls":4},132]
[{"$nulls":4},133]
[{"$nulls":4},134]
[{"$nulls":4},135]
[{"$nulls":4},136]
[{"$nulls":4},137]
[{"$nulls":4},138]
[{"$nulls":4},139]
[{"$nulls":4},140]
[{"$nulls":4},141]
[{"$nulls":4},142]
[{"$nulls":4},143]
[{"$nulls":4},144]
[{"$nulls":4},145]
[{"$nulls":4},146]
[{"$nulls":4},147]
[{"$nulls":4},148]
[{"$nulls":4},149]
[{"$nulls":4},150]
[{"$nulls":4},151]
[{"$nulls":4},152]
[{"$nulls":4},153]
[{"$nulls":4},154]
[{"$nulls":4},155]
[{"$nulls":4},156]
[{"$nulls":4},157]
[{"$nulls":4},158]
[{"$nulls":4},159]
[{"$nulls":4},160]
[{"$nulls":4},161]
[{"$nulls":4},162]
[{"$nulls":4},163]
[{"$nulls":4},164]
[{"$nulls":4},165]
[{"$nulls":4},166]
[{"$nulls":4},167]
[{"$nulls":4},168]
[{"$nulls":4},169]
[{"$nulls":4},170]
[{"$nulls":4},171]
[{"$nulls":4},172]
[{"$nulls":4},173]
[{"$nulls":4},174]
[{"$nulls":4},175]
[{"$nulls":4},176]
[{"$nulls":4},177]
[{"$nulls":4},178]
[{"$nulls":4},179]
[{"$nulls":4},180]
[{"$nulls":4},181]
[{"$nulls":4},182]
[{"$nulls":4},183]
[{"$nulls":4},184]
[{"$nulls":4},185]
[{"$nulls":4},186]
[{"$nulls":4},187]
[{"$nulls":4},188]
[{"$nulls":4},189]
[{"$nulls":4},190]
[{"$nulls":4},191]
[{"$nulls":4},192]
[{"$nulls":4},193]
[{"$nulls":4},194]
[{"$nulls":4},195]
[{"$nulls":4},196]
[{"$nulls":4},197]
[{"$nulls":4},198]
[{"$nulls":4},199]
[{"$nulls":4},200]
[{"$nulls":4},201]
[{"$nulls":4},202]
[{"$nulls":4},203]
[{"$nulls":4},204]
[{"$nulls":4},205]
[{"$nulls":4},206]
[{"$nulls":4},207]
[{"$nulls":4},208]
[{"$nulls":4},209]
[{"$nulls":4},210]
[{"$nulls":4},211]
[{"$nulls":4},212]
[{"$nulls":4},213]
[{"$nulls":4},214]
[{"$nulls":4},215]
[{"$nulls":4},216]
[{"$nulls":4},217]
[{"$nulls":4},218]
[{"$nulls":4},219]
[{"$nulls":4},220]
[{"$nulls":4},221]
[{"$nulls":4},222]
[{"$nulls":4},223]
[{"$nulls":4},224]
[{"$nulls":4},225]
[{"$nulls":4},226]
[{"$nulls":4},227]
[{"$nulls":4},228]
[{"$nulls":4},229]
[{"$nulls":4},230]
[{"$nulls":4},231]
[{"$nulls":4},232]
[{"$nulls":4},233]
[{"$nulls":4},234]
[{"$nulls":4},235]
[{"$nulls":4},236]
[{"$nulls":4},237]
[{"$nulls":4},238]
[{"$nulls":4},239]
[{"$nulls":4},240]
[{"$nulls":4},241]
[{"$nulls":4},242]
[{"$nulls":4},243]
[{"$nulls":4},244]
[{"$nulls":4},245]
[{"$nulls":4},246]
[{"$nulls":4},247]
[{"$nulls":4},248]
[{"$nulls":4},249]
[{"$nulls":4},250]
[{"$nulls":4},251]
[{"$nulls":4},252]
[{"$nulls":4},253]
[{"$nulls":4},254]
[{"$nulls":4},255]
[{"$nulls":4},256]
[{"$nulls":4},257]
[{"$nulls":4},258]
[{"$nulls":4},259]
[{"$nulls":4},260]
[{"$nulls":4},261]
[{"$nulls":4},262]
[{"$nulls":4},263]
[{"$nulls":4},264]
[{"$nulls":4},265]
[{"$nulls":4},266]
[{"$nulls":4},267]
[{"$nulls":4},268]
[{"$nulls":4},269]
[{"$nulls":4},270]
[{"$nulls":4},271]
[{"$nulls":4},272]
[{"$nulls":4},273]
[{"$nulls":4},274]
[{"$nulls":4},275]
[{"$nulls":4},276]
[{"$nulls":4},277]
[{"$nulls":4},278]
[{"$nulls":4},279]
[{"$nulls":4},280]
[{"$nulls":4},281]
[{"$nulls":4},282]
[{"$nulls":4},283]
[{"$nulls":4},284]
[{"$nulls":4},285]
[{"$nulls":4},286]
[{"$nulls":4},287]
[{"$nulls":4},288]
[{"$nulls":4},289]
[{"$nulls":4},290]
[{"$nulls":4},291]
[{"$nulls":4},292]
[{"$nulls":4},293]
[{"$nulls":4},294]
[{"$nulls":4},295]
[{"$nulls":4},296]
[{"$nulls":4},297]
[{"$nulls":4},298]
[{"$nulls":4},299]
[{"$nulls":4},300]

{"sheet":"Futurity","index":6,"n_rows":302,"n_cols":10,"rows_kept":302,"cut":false,"hidden":false,"merged":[[0,0,0,9]]}
["FUTURITY"]
["Futurity","Der","Age Inct.","BBR","Draw","Rider Name","Horse Name","Time","Placing","Money Earned"]
[{"$nulls":4},1,"Rylee Shields","Cheyenne Fab",15.481,"1D 1st",378]
[{"$nulls":4},2,"Ashley Schafer","Famous Cash Can",15.691000000000001,"1D 2nd",226.79999999999998]
[{"$nulls":4},3,"Cheyenne Wimberly","A Streak Ta The Moon",15.715999999999999,"1D 3rd",151.20000000000002]
[{"$nulls":4},4,"Leslie Richards","VF Design My Rocket",15.784000000000001]
[{"$nulls":4},5,"Joy Wargo","WildChildsgotcashuno",15.803000000000001]
[{"$nulls":4},6,"Molli Montgomery","The Woman Loves Fame",15.867000000000001]
[{"$nulls":4},7,"Leslie Richards","Too Long In The Sun",15.872999999999999]
[{"$nulls":4},8,"Billie Ann Harmon","Zero Judgement",15.9]
[{"$nulls":4},9,"Sierra Melby","VF Victoria Stinson",15.9]
[{"$nulls":4},10,"Leslie Richards","Down Home Streakin",15.958]
[{"$nulls":4},11,"Colt Tew","Smoothmove Ta Heaven",16.268000000000001,"2D 1st",162]
[{"$nulls":4},12,"Ryann Pedone","Mister Tres",16.327000000000002,"2D 2nd",97.2]
[{"$nulls":4},13,"Lacey Harmon","Trace Of Fame",16.329999999999998,"2D 3rd",64.8]
[{"$nulls":4},14,"Rylee Shields","Im Furious 123",16.350000000000001]
[{"$nulls":4},15,"Shian Blackburn","Hesa Famous Gambler",16.439]
[{"$nulls":4},16,"Ashley Schafer","Boons French Angel",16.573]
[{"$nulls":4},17,"Sierra Melby","Designer Rocks",16.646000000000001]
[{"$nulls":4},18,"Sierra Melby","Pressure Ta Streak",16.670000000000002]
[{"$nulls":4},19,"Josey Groves","MV Hot Campbell Soup",16.760999999999999]
[{"$nulls":4},20,"Alexi Schaapveld","Spendy By Design",16.879000000000001]
[{"$nulls":4},21,"Leslie Richards","Ze Sweetest Fling",17.111000000000001]
[{"$nulls":4},22,"Rosie Webster","Top This Fling",17.504000000000001]
[{"$nulls":4},23,"Wendie Bodkin","Jaebars Golden Girl",19.164999999999999]
[{"$nulls":4},24,"Jolene Montgomery","Makin Ya Shake It",915.96699999999998]
[{"$nulls":4},25,"Lindsay Bullard","KD Baby Driver",916.18200000000002]
[{"$nulls":4},26,"Ashley Schafer","Famous Storm Chaser",916.18200000000002]
[{"$nulls":4},27,"Jolene Montgomery","TC Smooth Edition","broken"]
[{"$nulls":4},28]
[{"$nulls":4},29]
[{"$nulls":4},30]
[{"$nulls":4},31]
[{"$nulls":4},32]
[{"$nulls":4},33]
[{"$nulls":4},34]
[{"$nulls":4},35]
[{"$nulls":4},36]
[{"$nulls":4},37]
[{"$nulls":4},38]
[{"$nulls":4},39]
[{"$nulls":4},40]
[{"$nulls":4},41]
[{"$nulls":4},42]
[{"$nulls":4},43]
[{"$nulls":4},44]
[{"$nulls":4},45]
[{"$nulls":4},46]
[{"$nulls":4},47]
[{"$nulls":4},48]
[{"$nulls":4},49]
[{"$nulls":4},50]
[{"$nulls":4},51]
[{"$nulls":4},52]
[{"$nulls":4},53]
[{"$nulls":4},54]
[{"$nulls":4},55]
[{"$nulls":4},56]
[{"$nulls":4},57]
[{"$nulls":4},58]
[{"$nulls":4},59]
[{"$nulls":4},60]
[{"$nulls":4},61]
[{"$nulls":4},62]
[{"$nulls":4},63]
[{"$nulls":4},64]
[{"$nulls":4},65]
[{"$nulls":4},66]
[{"$nulls":4},67]
[{"$nulls":4},68]
[{"$nulls":4},69]
[{"$nulls":4},70]
[{"$nulls":4},71]
[{"$nulls":4},72]
[{"$nulls":4},73]
[{"$nulls":4},74]
[{"$nulls":4},75]
[{"$nulls":4},76]
[{"$nulls":4},77]
[{"$nulls":4},78]
[{"$nulls":4},79]
[{"$nulls":4},80]
[{"$nulls":4},81]
[{"$nulls":4},82]
[{"$nulls":4},83]
[{"$nulls":4},84]
[{"$nulls":4},85]
[{"$nulls":4},86]
[{"$nulls":4},87]
[{"$nulls":4},88]
[{"$nulls":4},89]
[{"$nulls":4},90]
[{"$nulls":4},91]
[{"$nulls":4},92]
[{"$nulls":4},93]
[{"$nulls":4},94]
[{"$nulls":4},95]
[{"$nulls":4},96]
[{"$nulls":4},97]
[{"$nulls":4},98]
[{"$nulls":4},99]
[{"$nulls":4},100]
[{"$nulls":4},101]
[{"$nulls":4},102]
[{"$nulls":4},103]
[{"$nulls":4},104]
[{"$nulls":4},105]
[{"$nulls":4},106]
[{"$nulls":4},107]
[{"$nulls":4},108]
[{"$nulls":4},109]
[{"$nulls":4},110]
[{"$nulls":4},111]
[{"$nulls":4},112]
[{"$nulls":4},113]
[{"$nulls":4},114]
[{"$nulls":4},115]
[{"$nulls":4},116]
[{"$nulls":4},117]
[{"$nulls":4},118]
[{"$nulls":4},119]
[{"$nulls":4},120]
[{"$nulls":4},121]
[{"$nulls":4},122]
[{"$nulls":4},123]
[{"$nulls":4},124]
[{"$nulls":4},125]
[{"$nulls":4},126]
[{"$nulls":4},127]
[{"$nulls":4},128]
[{"$nulls":4},129]
[{"$nulls":4},130]
[{"$nulls":4},131]
[{"$nulls":4},132]
[{"$nulls":4},133]
[{"$nulls":4},134]
[{"$nulls":4},135]
[{"$nulls":4},136]
[{"$nulls":4},137]
[{"$nulls":4},138]
[{"$nulls":4},139]
[{"$nulls":4},140]
[{"$nulls":4},141]
[{"$nulls":4},142]
[{"$nulls":4},143]
[{"$nulls":4},144]
[{"$nulls":4},145]
[{"$nulls":4},146]
[{"$nulls":4},147]
[{"$nulls":4},148]
[{"$nulls":4},149]
[{"$nulls":4},150]
[{"$nulls":4},151]
[{"$nulls":4},152]
[{"$nulls":4},153]
[{"$nulls":4},154]
[{"$nulls":4},155]
[{"$nulls":4},156]
[{"$nulls":4},157]
[{"$nulls":4},158]
[{"$nulls":4},159]
[{"$nulls":4},160]
[{"$nulls":4},161]
[{"$nulls":4},162]
[{"$nulls":4},163]
[{"$nulls":4},164]
[{"$nulls":4},165]
[{"$nulls":4},166]
[{"$nulls":4},167]
[{"$nulls":4},168]
[{"$nulls":4},169]
[{"$nulls":4},170]
[{"$nulls":4},171]
[{"$nulls":4},172]
[{"$nulls":4},173]
[{"$nulls":4},174]
[{"$nulls":4},175]
[{"$nulls":4},176]
[{"$nulls":4},177]
[{"$nulls":4},178]
[{"$nulls":4},179]
[{"$nulls":4},180]
[{"$nulls":4},181]
[{"$nulls":4},182]
[{"$nulls":4},183]
[{"$nulls":4},184]
[{"$nulls":4},185]
[{"$nulls":4},186]
[{"$nulls":4},187]
[{"$nulls":4},188]
[{"$nulls":4},189]
[{"$nulls":4},190]
[{"$nulls":4},191]
[{"$nulls":4},192]
[{"$nulls":4},193]
[{"$nulls":4},194]
[{"$nulls":4},195]
[{"$nulls":4},196]
[{"$nulls":4},197]
[{"$nulls":4},198]
[{"$nulls":4},199]
[{"$nulls":4},200]
[{"$nulls":4},201]
[{"$nulls":4},202]
[{"$nulls":4},203]
[{"$nulls":4},204]
[{"$nulls":4},205]
[{"$nulls":4},206]
[{"$nulls":4},207]
[{"$nulls":4},208]
[{"$nulls":4},209]
[{"$nulls":4},210]
[{"$nulls":4},211]
[{"$nulls":4},212]
[{"$nulls":4},213]
[{"$nulls":4},214]
[{"$nulls":4},215]
[{"$nulls":4},216]
[{"$nulls":4},217]
[{"$nulls":4},218]
[{"$nulls":4},219]
[{"$nulls":4},220]
[{"$nulls":4},221]
[{"$nulls":4},222]
[{"$nulls":4},223]
[{"$nulls":4},224]
[{"$nulls":4},225]
[{"$nulls":4},226]
[{"$nulls":4},227]
[{"$nulls":4},228]
[{"$nulls":4},229]
[{"$nulls":4},230]
[{"$nulls":4},231]
[{"$nulls":4},232]
[{"$nulls":4},233]
[{"$nulls":4},234]
[{"$nulls":4},235]
[{"$nulls":4},236]
[{"$nulls":4},237]
[{"$nulls":4},238]
[{"$nulls":4},239]
[{"$nulls":4},240]
[{"$nulls":4},241]
[{"$nulls":4},242]
[{"$nulls":4},243]
[{"$nulls":4},244]
[{"$nulls":4},245]
[{"$nulls":4},246]
[{"$nulls":4},247]
[{"$nulls":4},248]
[{"$nulls":4},249]
[{"$nulls":4},250]
[{"$nulls":4},251]
[{"$nulls":4},252]
[{"$nulls":4},253]
[{"$nulls":4},254]
[{"$nulls":4},255]
[{"$nulls":4},256]
[{"$nulls":4},257]
[{"$nulls":4},258]
[{"$nulls":4},259]
[{"$nulls":4},260]
[{"$nulls":4},261]
[{"$nulls":4},262]
[{"$nulls":4},263]
[{"$nulls":4},264]
[{"$nulls":4},265]
[{"$nulls":4},266]
[{"$nulls":4},267]
[{"$nulls":4},268]
[{"$nulls":4},269]
[{"$nulls":4},270]
[{"$nulls":4},271]
[{"$nulls":4},272]
[{"$nulls":4},273]
[{"$nulls":4},274]
[{"$nulls":4},275]
[{"$nulls":4},276]
[{"$nulls":4},277]
[{"$nulls":4},278]
[{"$nulls":4},279]
[{"$nulls":4},280]
[{"$nulls":4},281]
[{"$nulls":4},282]
[{"$nulls":4},283]
[{"$nulls":4},284]
[{"$nulls":4},285]
[{"$nulls":4},286]
[{"$nulls":4},287]
[{"$nulls":4},288]
[{"$nulls":4},289]
[{"$nulls":4},290]
[{"$nulls":4},291]
[{"$nulls":4},292]
[{"$nulls":4},293]
[{"$nulls":4},294]
[{"$nulls":4},295]
[{"$nulls":4},296]
[{"$nulls":4},297]
[{"$nulls":4},298]
[{"$nulls":4},299]
[{"$nulls":4},300]

{"sheet":"12 & Under","index":7,"n_rows":301,"n_cols":11,"rows_kept":301,"cut":false,"hidden":true,"merged":[]}
["Futurity","Der","Age Inct.","R/O","Draw","Rider Name","Horse Name","Time","Final Time","Placing","Money Earned"]
{"$rows_empty":31}
[{"$nulls":4},32]
[{"$nulls":4},33]
[{"$nulls":4},34]
[{"$nulls":4},35]
[{"$nulls":4},36]
[{"$nulls":4},37]
[{"$nulls":4},38]
[{"$nulls":4},39]
[{"$nulls":4},40]
[{"$nulls":4},41]
[{"$nulls":4},42]
[{"$nulls":4},43]
[{"$nulls":4},44]
[{"$nulls":4},45]
[{"$nulls":4},46]
[{"$nulls":4},47]
[{"$nulls":4},48]
[{"$nulls":4},49]
[{"$nulls":4},50]
[{"$nulls":4},51]
[{"$nulls":4},52]
[{"$nulls":4},53]
[{"$nulls":4},54]
[{"$nulls":4},55]
[{"$nulls":4},56]
[{"$nulls":4},57]
[{"$nulls":4},58]
[{"$nulls":4},59]
[{"$nulls":4},60]
[{"$nulls":4},61]
[{"$nulls":4},62]
[{"$nulls":4},63]
[{"$nulls":4},64]
[{"$nulls":4},65]
[{"$nulls":4},66]
[{"$nulls":4},67]
[{"$nulls":4},68]
[{"$nulls":4},69]
[{"$nulls":4},70]
[{"$nulls":4},71]
[{"$nulls":4},72]
[{"$nulls":4},73]
[{"$nulls":4},74]
[{"$nulls":4},75]
[{"$nulls":4},76]
[{"$nulls":4},77]
[{"$nulls":4},78]
[{"$nulls":4},79]
[{"$nulls":4},80]
[{"$nulls":4},81]
[{"$nulls":4},82]
[{"$nulls":4},83]
[{"$nulls":4},84]
[{"$nulls":4},85]
[{"$nulls":4},86]
[{"$nulls":4},87]
[{"$nulls":4},88]
[{"$nulls":4},89]
[{"$nulls":4},90]
[{"$nulls":4},91]
[{"$nulls":4},92]
[{"$nulls":4},93]
[{"$nulls":4},94]
[{"$nulls":4},95]
[{"$nulls":4},96]
[{"$nulls":4},97]
[{"$nulls":4},98]
[{"$nulls":4},99]
[{"$nulls":4},100]
[{"$nulls":4},101]
[{"$nulls":4},102]
[{"$nulls":4},103]
[{"$nulls":4},104]
[{"$nulls":4},105]
[{"$nulls":4},106]
[{"$nulls":4},107]
[{"$nulls":4},108]
[{"$nulls":4},109]
[{"$nulls":4},110]
[{"$nulls":4},111]
[{"$nulls":4},112]
[{"$nulls":4},113]
[{"$nulls":4},114]
[{"$nulls":4},115]
[{"$nulls":4},116]
[{"$nulls":4},117]
[{"$nulls":4},118]
[{"$nulls":4},119]
[{"$nulls":4},120]
[{"$nulls":4},121]
[{"$nulls":4},122]
[{"$nulls":4},123]
[{"$nulls":4},124]
[{"$nulls":4},125]
[{"$nulls":4},126]
[{"$nulls":4},127]
[{"$nulls":4},128]
[{"$nulls":4},129]
[{"$nulls":4},130]
[{"$nulls":4},131]
[{"$nulls":4},132]
[{"$nulls":4},133]
[{"$nulls":4},134]
[{"$nulls":4},135]
[{"$nulls":4},136]
[{"$nulls":4},137]
[{"$nulls":4},138]
[{"$nulls":4},139]
[{"$nulls":4},140]
[{"$nulls":4},141]
[{"$nulls":4},142]
[{"$nulls":4},143]
[{"$nulls":4},144]
[{"$nulls":4},145]
[{"$nulls":4},146]
[{"$nulls":4},147]
[{"$nulls":4},148]
[{"$nulls":4},149]
[{"$nulls":4},150]
[{"$nulls":4},151]
[{"$nulls":4},152]
[{"$nulls":4},153]
[{"$nulls":4},154]
[{"$nulls":4},155]
[{"$nulls":4},156]
[{"$nulls":4},157]
[{"$nulls":4},158]
[{"$nulls":4},159]
[{"$nulls":4},160]
[{"$nulls":4},161]
[{"$nulls":4},162]
[{"$nulls":4},163]
[{"$nulls":4},164]
[{"$nulls":4},165]
[{"$nulls":4},166]
[{"$nulls":4},167]
[{"$nulls":4},168]
[{"$nulls":4},169]
[{"$nulls":4},170]
[{"$nulls":4},171]
[{"$nulls":4},172]
[{"$nulls":4},173]
[{"$nulls":4},174]
[{"$nulls":4},175]
[{"$nulls":4},176]
[{"$nulls":4},177]
[{"$nulls":4},178]
[{"$nulls":4},179]
[{"$nulls":4},180]
[{"$nulls":4},181]
[{"$nulls":4},182]
[{"$nulls":4},183]
[{"$nulls":4},184]
[{"$nulls":4},185]
[{"$nulls":4},186]
[{"$nulls":4},187]
[{"$nulls":4},188]
[{"$nulls":4},189]
[{"$nulls":4},190]
[{"$nulls":4},191]
[{"$nulls":4},192]
[{"$nulls":4},193]
[{"$nulls":4},194]
[{"$nulls":4},195]
[{"$nulls":4},196]
[{"$nulls":4},197]
[{"$nulls":4},198]
[{"$nulls":4},199]
[{"$nulls":4},200]
[{"$nulls":4},201]
[{"$nulls":4},202]
[{"$nulls":4},203]
[{"$nulls":4},204]
[{"$nulls":4},205]
[{"$nulls":4},206]
[{"$nulls":4},207]
[{"$nulls":4},208]
[{"$nulls":4},209]
[{"$nulls":4},210]
[{"$nulls":4},211]
[{"$nulls":4},212]
[{"$nulls":4},213]
[{"$nulls":4},214]
[{"$nulls":4},215]
[{"$nulls":4},216]
[{"$nulls":4},217]
[{"$nulls":4},218]
[{"$nulls":4},219]
[{"$nulls":4},220]
[{"$nulls":4},221]
[{"$nulls":4},222]
[{"$nulls":4},223]
[{"$nulls":4},224]
[{"$nulls":4},225]
[{"$nulls":4},226]
[{"$nulls":4},227]
[{"$nulls":4},228]
[{"$nulls":4},229]
[{"$nulls":4},230]
[{"$nulls":4},231]
[{"$nulls":4},232]
[{"$nulls":4},233]
[{"$nulls":4},234]
[{"$nulls":4},235]
[{"$nulls":4},236]
[{"$nulls":4},237]
[{"$nulls":4},238]
[{"$nulls":4},239]
[{"$nulls":4},240]
[{"$nulls":4},241]
[{"$nulls":4},242]
[{"$nulls":4},243]
[{"$nulls":4},244]
[{"$nulls":4},245]
[{"$nulls":4},246]
[{"$nulls":4},247]
[{"$nulls":4},248]
[{"$nulls":4},249]
[{"$nulls":4},250]
[{"$nulls":4},251]
[{"$nulls":4},252]
[{"$nulls":4},253]
[{"$nulls":4},254]
[{"$nulls":4},255]
[{"$nulls":4},256]
[{"$nulls":4},257]
[{"$nulls":4},258]
[{"$nulls":4},259]
[{"$nulls":4},260]
[{"$nulls":4},261]
[{"$nulls":4},262]
[{"$nulls":4},263]
[{"$nulls":4},264]
[{"$nulls":4},265]
[{"$nulls":4},266]
[{"$nulls":4},267]
[{"$nulls":4},268]
[{"$nulls":4},269]
[{"$nulls":4},270]
[{"$nulls":4},271]
[{"$nulls":4},272]
[{"$nulls":4},273]
[{"$nulls":4},274]
[{"$nulls":4},275]
[{"$nulls":4},276]
[{"$nulls":4},277]
[{"$nulls":4},278]
[{"$nulls":4},279]
[{"$nulls":4},280]
[{"$nulls":4},281]
[{"$nulls":4},282]
[{"$nulls":4},283]
[{"$nulls":4},284]
[{"$nulls":4},285]
[{"$nulls":4},286]
[{"$nulls":4},287]
[{"$nulls":4},288]
[{"$nulls":4},289]
[{"$nulls":4},290]
[{"$nulls":4},291]
[{"$nulls":4},292]
[{"$nulls":4},293]
[{"$nulls":4},294]
[{"$nulls":4},295]
[{"$nulls":4},296]
[{"$nulls":4},297]
[{"$nulls":4},298]
[{"$nulls":4},299]
[{"$nulls":4},300]

{"sheet":"Future Champs","index":8,"n_rows":25,"n_cols":6,"rows_kept":25,"cut":false,"hidden":false,"merged":[[0,0,0,5]]}
["Future Champs"]
["Draw","Rider Name","Horse Name","Time","Placing","Money Earned"]
[1,"Reata Worthington","Stella",19.256]
[5,"Kaley Steffen","Cookie",22.803000000000001]
[2,"Reanna Roderick","Lucky",23.300999999999998]
[7,"Paisley Cumbie","Lexus",26.638000000000002]
[8,"Reagan Marsh","Crystal Rainbow",31.984999999999999]
[4,"Katarina Slimak","Smokey",40.255000000000003]
[3,"Sophie Roberts","Marshmallow",44.716999999999999]
[6,"Kenzie Corey","Bullseye",957.20699999999999]
[9]
[10]
[11]
[12]
[13]
[14]
[15]
[16]
[17]
[18]
[19]
[20]
[21]
[22]
[23]

{"sheet":"BFA 2D Payout","index":9,"n_rows":52,"n_cols":6,"rows_kept":52,"cut":false,"hidden":true,"merged":[[51,0,51,4],[20,0,20,4],[28,0,28,4],[29,0,29,4],[39,0,39,4],[40,0,40,4],[25,3,26,4],[35,3,37,4],[46,3,49,4],[19,0,19,4],[0,0,0,4],[3,0,3,4],[4,0,4,4],[11,0,11,4],[12,0,12,4],[7,3,9,4],[16,3,17,4]]}
["BFA 2D Payout"]
["Entry Fee","# Entries","% Payback","Added $","  Total Payout","Each Go"]
[25,19,0.8,200,{"$f":"(A3*$C$3)*B3+D3","v":580},0.3]
[{"$nulls":5},{"$f":"$E$3*$F$3","v":174}]
["$5,000-7,500 Pays 5 Places         4 to 1D 1 to 2D"]
["Placings","1D",null,"2D"]
["1st",{"$f":"($F$4*$C$7)","v":57.42},0.33,{"$f":"$F$4*$E$7","v":12.180000000000001},7.0000000000000007E-2]
["2nd",{"$f":"$F$4*$C$8","v":46.980000000000004},0.27]
["3rd",{"$f":"$F$4*$C$9","v":34.800000000000004},0.2]
["4th",{"$f":"$F$4*$C$10","v":22.62},0.13]
["Totals",{"$f":"SUM(B7:B10)","v":161.82000000000002},null,{"$f":"SUM(D7:D10)","v":12.180000000000001},{"$f":"(C7+C8+C9+C10+E7+E8)","v":1}]
[{"$f":"B11+D11","v":174.00000000000003}]
["$7,501 - 10,000 Pays 6 Places        4 to 1D,  2 to 2D"]
["Placings","1D",null,"2D"]
["1st",{"$f":"$F$4*$C$15","v":50.459999999999994},0.28999999999999998,{"$f":"$F$4*$E$15","v":15.66},0.09]
["2nd",{"$f":"+$F$4*$C$16","v":41.76},0.24,{"$f":"F4*E16","v":8.7000000000000011},0.05]
["3rd",{"$f":"$F$4*$C$17","v":33.06},0.19]
["4th",{"$f":"$F$4*$C$18","v":24.360000000000003},0.14000000000000001]
["Totals",{"$f":"SUM(B15:B18)","v":149.64000000000001},null,{"$f":"D16+D15","v":24.36},{"$f":"SUM(C15+C16+C17+C18+E15+E16)","v":1}]
[{"$f":"D19+B19","v":174}]
["   $10,001 - $15,000 Payes 8 Places        5 to 1D, 3 to 2D"]
["Placings","1D",null,"2D"]
["1st",{"$f":"F4*C23","v":41.76},0.24,{"$f":"F4*E23","v":12.180000000000001},7.0000000000000007E-2]
["2nd",{"$f":"F4*C24","v":34.800000000000004},0.2,{"$f":"F4*E24","v":8.7000000000000011},0.05]
["3rd",{"$f":"F4*C25","v":29.580000000000002},0.17,{"$f":"F4*E25","v":6.96},0.04]
["4th",{"$f":"F4*C26","v":22.62},0.13]
["5th",{"$f":"F4*C27","v":17.400000000000002},0.1]
["Totals",{"$f":"SUM(B23:B27)","v":146.16},null,{"$f":"SUM(D23:D27)","v":27.840000000000003},{"$f":"C23+C24+C25+C26+C27+E23+E24+E25","v":1}]
[{"$f":"B28+D28","v":174}]
["$15,001 - $25,000 Payes 11 Places        7 to 1D, 4 to 2D"]
["Placings","1D",null,"2D"]
["1st",{"$f":"$F$4*C32","v":36.54},0.21,{"$f":"$F$4*E32","v":8.7000000000000011},0.05]
["2nd",{"$f":"$F$4*C33","v":31.32},0.18,{"$f":"$F$4*E33","v":6.96},0.04]
["3rd",26.099999999999998,0.15,5.22,0.03]
["4th",19.14,0.11,3.48,0.02]
["5th",13.92,0.08]
["6th",12.180000000000001,7.0000000000000007E-2]
["7th",10.44,0.06]
["Totals",{"$f":"SUM(B32:B38)","v":149.63999999999999},null,{"$f":"SUM(D32:D38)","v":24.36},{"$f":"C32+C33+C34+C35+C36+C37+C38+E32+E33+E34+E35","v":1.0000000000000002}]
[{"$f":"SUM(B39+D39)","v":174}]
["$25,001 - $35,000 Payes 12 Places          8 to 1D, 4 to 2D"]
["Placings","1D",null,"2D"]
["1st",{"$f":"$F$4*C43","v":33.06},0.19,{"$f":"$F$4*E43","v":8.7000000000000011},0.05]
["2nd",{"$f":"$F$4*C44","v":26.099999999999998},0.15,{"$f":"$F$4*E44","v":6.96},0.04]
["3rd",20.88,0.12,5.22,0.03]
["4th",17.400000000000002,0.1,3.48,0.02]
["5th",15.66,0.09]
["6th",13.92,0.08]
["7th",12.180000000000001,7.0000000000000007E-2]
["8th",10.44,0.06]
["Totals",{"$f":"SUM(B43:B50)","v":149.63999999999999},null,{"$f":"SUM(D43:D46)","v":24.36},{"$f":"C43+C44+C45+C46+C47+C48+C49+C50+E43+E44+E45+E46","v":1}]
[{"$f":"D51+B51","v":174}]

{"sheet":"2D Payout","index":10,"n_rows":76,"n_cols":5,"rows_kept":76,"cut":false,"hidden":false,"merged":[[35,0,35,4],[34,0,34,4],[28,3,28,4],[19,0,19,4],[26,0,26,4],[21,3,21,4],[13,0,13,4],[14,0,14,4],[20,0,20,4],[15,3,15,4],[27,0,27,4],[0,0,0,4],[8,0,8,4],[9,0,9,4],[3,0,3,4],[10,3,10,4],[5,3,6,3],[5,4,7,4],[36,3,36,4],[76,0,76,4],[43,0,43,4],[53,0,53,4],[65,0,65,4],[44,0,44,4],[54,0,54,4],[64,0,64,4],[45,3,45,4],[55,3,55,4],[66,3,66,4]]}
["2D Payout"]
["Entry Fee","# Entries","% Payback","Added $","  Total Payout"]
[100,9,0.8,null,{"$f":"(A3*$C$3)*B3+D3","v":720}]
[]
["% in each D",0.6,0.4,"Total % =",{"$f":"SUM(B5:C5)","v":1}]
[null,"1D","2D"]
[null,{"$f":"(($A$3*$B$3*$C$3*$B$5)+($D$3*$B$5))","v":432},{"$f":"(($A$3*$B$3*$C$3*$C$5)+($D$3*$C$5))","v":288}]
["Totals",{"$f":"SUM(B7)","v":432},{"$f":"SUM(C7)","v":288},{"$f":"SUM(B8:C8)","v":720}]
[]
["For 1-7 riders 1 place"]
["Placings","1D","2D"]
["1st",{"$f":"$B$7*$E$12","v":432},{"$f":"$C$7*$E$5","v":288},"è",1]
["Totals",{"$f":"SUM(B12:B12)","v":432},{"$f":"SUM(C12:C12)","v":288},{"$f":"SUM(B13:C13)","v":720},{"$f":"SUM(E12)","v":1}]
[]
["For 8-11 riders 2 places"]
["Placings","1D","2D"]
["1st",{"$f":"$B$7*$E$17","v":259.2},{"$f":"$C$7*$E$17","v":172.79999999999998},"è",0.6]
["2nd",{"$f":"$B$7*$E$18","v":172.8},50,"è",0.4]
["Totals",{"$f":"SUM(B17:B18)","v":432},{"$f":"SUM(C17:C18)","v":222.79999999999998},{"$f":"SUM(B19:C19)","v":654.79999999999995},{"$f":"SUM(E17:E18)","v":1}]
[]
["For 12-15 riders 3 places"]
["Placings","1D","2D"]
["1st",{"$f":"$B$7*$E$23","v":216},{"$f":"$C$7*$E$23","v":144},"è",0.5]
["2nd",{"$f":"$B$7*$E$24","v":129.6},{"$f":"$C$7*$E$24","v":86.399999999999991},"è",0.3]
["3rd",{"$f":"$B$7*$E$25","v":86.4},{"$f":"$C$7*$E$25","v":57.6},"è",0.2]
["Totals",{"$f":"SUM(B23:B25)","v":432},{"$f":"SUM(C23:C25)","v":288},{"$f":"SUM(B26:C26)","v":720},{"$f":"SUM(E23:E25)","v":1}]
[]
["For 16-19 riders 4 places"]
["Placings","1D","2D"]
["1st",{"$f":"$B$7*$E$30","v":172.8},{"$f":"$C$7*$E$30","v":115.2},"è",0.4]
["2nd",{"$f":"$B$7*$E$31","v":129.6},{"$f":"$C$7*$E$31","v":86.399999999999991},"è",0.3]
["3rd",{"$f":"$B$7*$E$32","v":86.4},{"$f":"$C$7*$E$32","v":57.6},"è",0.2]
["4th",{"$f":"$B$7*$E$33","v":43.2},{"$f":"$C$7*$E$33","v":28.8},"è",0.1]
["Totals",{"$f":"SUM(B30:B33)","v":431.99999999999994},{"$f":"SUM(C30:C33)","v":288},{"$f":"SUM(B34:C34)","v":720},{"$f":"SUM(E30:E33)","v":0.99999999999999989}]
[]
["For 20-23 riders 5 places"]
["Placings","1D","2D"]
["1st",{"$f":"$B$7*$E$38","v":129.6},{"$f":"$C$7*$E$38","v":86.399999999999991},"è",0.3]
["2nd",{"$f":"$B$7*$E$39","v":108},{"$f":"$C$7*$E$39","v":72},"è",0.25]
["3rd",{"$f":"$B$7*$E$40","v":86.4},{"$f":"$C$7*$E$40","v":57.6},"è",0.2]
["4th",{"$f":"$B$7*$E$41","v":64.8},{"$f":"$C$7*$E$41","v":43.199999999999996},"è",0.15]
["5th",{"$f":"$B$7*$E$42","v":43.2},{"$f":"$C$7*$E$42","v":28.8},"è",0.1]
["Totals",{"$f":"SUM(B38:B42)","v":432},{"$f":"SUM(C38:C42)","v":288},{"$f":"SUM(B43:C43)","v":720},{"$f":"SUM(E38:E42)","v":1}]
[]
["For 24-27 riders 6 places"]
["Placings","1D","2D"]
["1st",{"$f":"$B$7*$E$47","v":108},{"$f":"$C$7*$E$47","v":72},"è",0.25]
["2nd",{"$f":"$B$7*$E$48","v":86.4},{"$f":"$C$7*$E$48","v":57.6},"è",0.2]
["3rd",{"$f":"$B$7*$E$49","v":77.759999999999991},{"$f":"$C$7*$E$49","v":51.839999999999996},"è",0.18]
["4th",{"$f":"$B$7*$E$50","v":64.8},{"$f":"$C$7*$E$50","v":43.199999999999996},"è",0.15]
["5th",{"$f":"$B$7*$E$51","v":51.839999999999996},{"$f":"$C$7*$E$51","v":34.56},"è",0.12]
["6th",{"$f":"$B$7*$E$52","v":43.2},{"$f":"$C$7*$E$52","v":28.8},"è",0.1]
["Totals",{"$f":"SUM(B47:B52)","v":431.99999999999994},{"$f":"SUM(C47:C52)","v":288},{"$f":"SUM(B53:C53)","v":720},{"$f":"SUM(E47:E52)","v":1}]
[]
["For 28-31 riders 7 places"]
["Placings","1D","2D"]
["1st",{"$f":"$B$7*$E$57","v":95.04},{"$f":"$C$7*$E$57","v":63.36},"è",0.22]
["2nd",{"$f":"$B$7*$E$58","v":77.759999999999991},{"$f":"$C$7*$E$58","v":51.839999999999996},"è",0.18]
["3rd",{"$f":"$B$7*$E$59","v":69.12},{"$f":"$C$7*$E$59","v":46.08},"è",0.16]
["4th",{"$f":"$B$7*$E$60","v":60.480000000000004},{"$f":"$C$7*$E$60","v":40.320000000000007},"è",0.14000000000000001]
["5th",{"$f":"$B$7*$E$61","v":51.839999999999996},{"$f":"$C$7*$E$61","v":34.56},"è",0.12]
["6th",{"$f":"$B$7*$E$62","v":43.2},{"$f":"$C$7*$E$62","v":28.8},"è",0.1]
["7th",{"$f":"$B$7*$E$63","v":34.56},{"$f":"$C$7*$E$63","v":23.04},"è",0.08]
["Totals",{"$f":"SUM(B57:B63)","v":432},{"$f":"SUM(C57:C63)","v":288},{"$f":"SUM(B64:C64)","v":720},{"$f":"SUM(E57:E63)","v":1}]
[]
["For 32 or more riders 8 places"]
["Placings","1D","2D"]
["1st",{"$f":"$B$7*$E$68","v":99.36},{"$f":"$C$7*$E$68","v":66.240000000000009},"è",0.23]
["2nd",{"$f":"$B$7*$E$69","v":86.4},{"$f":"$C$7*$E$69","v":57.6},"è",0.2]
["3rd",{"$f":"$B$7*$E$70","v":73.440000000000012},{"$f":"$C$7*$E$70","v":48.96},"è",0.17]
["4th",{"$f":"$B$7*$E$71","v":60.480000000000004},{"$f":"$C$7*$E$71","v":40.320000000000007},"è",0.14000000000000001]
["5th",{"$f":"$B$7*$E$72","v":47.52},{"$f":"$C$7*$E$72","v":31.68},"è",0.11]
["6th",{"$f":"$B$7*$E$73","v":34.56},{"$f":"$C$7*$E$73","v":23.04},"è",0.08]
["7th",{"$f":"$B$7*$E$74","v":21.6},{"$f":"$C$7*$E$74","v":14.4},"è",0.05]
["8th",{"$f":"$B$7*$E$75","v":8.64},{"$f":"$C$7*$E$75","v":5.76},"è",0.02]
["Totals",{"$f":"SUM(B68:B75)","v":432},{"$f":"SUM(C68:C75)","v":288},{"$f":"SUM(B76:C76)","v":720},{"$f":"SUM(E68:E75)","v":1}]

{"sheet":"3D Payout","index":11,"n_rows":76,"n_cols":6,"rows_kept":76,"cut":false,"hidden":true,"merged":[[20,0,20,5],[26,0,26,5],[65,0,65,5],[44,0,44,5],[54,0,54,5],[27,0,27,5],[35,0,35,5],[21,4,21,5],[55,4,55,5],[45,4,45,5],[36,4,36,5],[28,4,28,5],[34,0,34,5],[0,0,0,5],[3,0,3,5],[8,0,8,5],[9,0,9,5],[5,5,7,5],[5,4,6,4],[13,0,13,5],[19,0,19,5],[14,0,14,5],[15,4,15,5],[10,4,10,5],[76,0,76,5],[43,0,43,5],[53,0,53,5],[64,0,64,5],[66,4,66,5]]}
["3D Payout"]
["Entry Fee","# Entries","% Payback","$ From Entry","Added $","  Total Payout"]
[10,3,0.8,{"$f":"$A$3*$C$3*$B$3","v":24},null,{"$f":"$D$3+$E$3","v":24}]
[]
["% in each D",0.5,0.3,0.2,"Total % =",{"$f":"SUM(B5:D5)","v":1}]
[null,"1D","2D","3D"]
[null,{"$f":"(($A$3*$B$3*$C$3*$B$5)+($E$3*$B$5))","v":12},{"$f":"(($A$3*$B$3*$C$3*$C$5)+($E$3*$C$5))","v":7.1999999999999993},{"$f":"(($A$3*$B$3*$C$3*$D$5)+($E$3*$D$5))","v":4.8000000000000007}]
["Totals",{"$f":"SUM(B7)","v":12},{"$f":"SUM(C7)","v":7.1999999999999993},4.8000000000000007,{"$f":"SUM(B8:D8)","v":24}]
[]
["For 1-10 riders 1 place"]
["Placings","1D","2D","3D"]
["1st",{"$f":"$B$7*$F$12","v":12},{"$f":"$C$7*$F$12","v":7.1999999999999993},{"$f":"$D$7*$F$12","v":4.8000000000000007},"è",1]
["Totals",{"$f":"SUM(B12:B12)","v":12},{"$f":"SUM(C12:C12)","v":7.1999999999999993},{"$f":"SUM(D12:D12)","v":4.8000000000000007},{"$f":"SUM(B13:D13)","v":24},{"$f":"SUM(F12)","v":1}]
[]
["For 11-15 riders 2 places"]
["Placings","1D","2D","3D"]
["1st",{"$f":"$B$7*$F$17","v":7.1999999999999993},{"$f":"$C$7*$F$17","v":4.3199999999999994},{"$f":"$D$7*$F$17","v":2.8800000000000003},"è",0.6]
["2nd",{"$f":"$B$7*$F$18","v":4.8000000000000007},{"$f":"$C$7*$F$18","v":2.88},{"$f":"$D$7*$F$18","v":1.9200000000000004},"è",0.4]
["Totals",{"$f":"SUM(B17:B18)","v":12},{"$f":"SUM(C17:C18)","v":7.1999999999999993},{"$f":"SUM(D17:D18)","v":4.8000000000000007},{"$f":"SUM(B19:D19)","v":24},{"$f":"SUM(F17:F18)","v":1}]
[]
["For 16-30 riders 3 places"]
["Placings","1D","2D","3D"]
["1st",{"$f":"$B$7*$F$23","v":6},{"$f":"$C$7*$F$23","v":3.5999999999999996},{"$f":"$D$7*$F$23","v":2.4000000000000004},"è",0.5]
["2nd",{"$f":"$B$7*$F$24","v":3.5999999999999996},{"$f":"$C$7*$F$24","v":2.1599999999999997},{"$f":"$D$7*$F$24","v":1.4400000000000002},"è",0.3]
["3rd",{"$f":"$B$7*$F$25","v":2.4000000000000004},{"$f":"$C$7*$F$25","v":1.44},{"$f":"$D$7*$F$25","v":0.96000000000000019},"è",0.2]
["Totals",{"$f":"SUM(B23:B25)","v":12},{"$f":"SUM(C23:C25)","v":7.1999999999999993},{"$f":"SUM(D22:D25)","v":4.8000000000000007},{"$f":"SUM(B26:D26)","v":24},{"$f":"SUM(F23:F25)","v":1}]
[]
["For 31-60 riders 4 places"]
["Placings","1D","2D","3D"]
["1st",{"$f":"$B$7*$F$30","v":5.04},{"$f":"$C$7*$F$30","v":3.0239999999999996},{"$f":"$D$7*$F$30","v":2.016},"è",0.42]
["2nd",{"$f":"$B$7*$F$31","v":3.4799999999999995},{"$f":"$C$7*$F$31","v":2.0879999999999996},{"$f":"$D$7*$F$31","v":1.3920000000000001},"è",0.28999999999999998]
["3rd",{"$f":"$B$7*$F$32","v":2.2800000000000002},{"$f":"$C$7*$F$32","v":1.3679999999999999},{"$f":"$D$7*$F$32","v":0.91200000000000014},"è",0.19]
["4th",{"$f":"$B$7*$F$33","v":1.2000000000000002},{"$f":"$C$7*$F$33","v":0.72},{"$f":"$D$7*$F$33","v":0.48000000000000009},"è",0.1]
["Totals",{"$f":"SUM(B30:B33)","v":12},{"$f":"SUM(C30:C33)","v":7.1999999999999984},{"$f":"SUM(D30:D33)","v":4.8000000000000007},{"$f":"SUM(B34:D34)","v":24},{"$f":"SUM(F30:F33)","v":0.99999999999999989}]
[]
["For 61-90 riders 5 places"]
["Placings","1D","2D","3D"]
["1st",{"$f":"$B$7*$F$38","v":4.5600000000000005},{"$f":"$C$7*$F$38","v":2.7359999999999998},{"$f":"$D$7*$F$38","v":1.8240000000000003},"è",0.38]
["2nd",{"$f":"$B$7*$F$39","v":3.3600000000000003},{"$f":"$C$7*$F$39","v":2.016},{"$f":"$D$7*$F$39","v":1.3440000000000003},"è",0.28000000000000003]
["3rd",{"$f":"$B$7*$F$40","v":2.16},{"$f":"$C$7*$F$40","v":1.2959999999999998},{"$f":"$D$7*$F$40","v":0.8640000000000001},"è",0.18]
["4th",{"$f":"$B$7*$F$41","v":1.2000000000000002},{"$f":"$C$7*$F$41","v":0.72},{"$f":"$D$7*$F$41","v":0.48000000000000009},"è",0.1]
["5th",{"$f":"$B$7*$F$42","v":0.72},{"$f":"$C$7*$F$42","v":0.43199999999999994},{"$f":"$D$7*$F$42","v":0.28800000000000003},"è",0.06]
["Totals",{"$f":"SUM(B38:B42)","v":12.000000000000002},{"$f":"SUM(C38:C42)","v":7.1999999999999993},{"$f":"SUM(D38:D42)","v":4.8000000000000016},{"$f":"SUM(B43:D43)","v":24.000000000000004},{"$f":"SUM(F38:F42)","v":1}]
[]
["For 91-120 riders 6 places"]
["Placings","1D","2D","3D"]
["1st",{"$f":"$B$7*$F$47","v":4.32},{"$f":"$C$7*$F$47","v":2.5919999999999996},{"$f":"$D$7*$F$47","v":1.7280000000000002},"è",0.36]
["2nd",{"$f":"$B$7*$F$48","v":3.12},{"$f":"$C$7*$F$48","v":1.8719999999999999},{"$f":"$D$7*$F$48","v":1.2480000000000002},"è",0.26]
["3rd",{"$f":"$B$7*$F$49","v":1.92},{"$f":"$C$7*$F$49","v":1.1519999999999999},{"$f":"$D$7*$F$49","v":0.76800000000000013},"è",0.16]
["4th",{"$f":"$B$7*$F$50","v":1.2000000000000002},{"$f":"$C$7*$F$50","v":0.72},{"$f":"$D$7*$F$50","v":0.48000000000000009},"è",0.1]
["5th",{"$f":"$B$7*$F$51","v":0.84000000000000008},{"$f":"$C$7*$F$51","v":0.504},{"$f":"$D$7*$F$51","v":0.33600000000000008},"è",7.0000000000000007E-2]
["6th",{"$f":"$B$7*$F$52","v":0.60000000000000009},{"$f":"$C$7*$F$52","v":0.36},{"$f":"$D$7*$F$52","v":0.24000000000000005},"è",0.05]
["Totals",{"$f":"SUM(B47:B52)","v":11.999999999999998},{"$f":"SUM(C47:C52)","v":7.2},{"$f":"SUM(D47:D52)","v":4.8000000000000016},{"$f":"SUM(B53:D53)","v":24},{"$f":"SUM(F47:F52)","v":1}]
[]
["For 121-200 riders 7 places"]
["Placings","1D","2D","3D"]
["1st",{"$f":"$B$7*$F$57","v":3.12},{"$f":"$C$7*$F$57","v":1.8719999999999999},{"$f":"$D$7*$F$57","v":1.2480000000000002},"è",0.26]
["2nd",{"$f":"$B$7*$F$58","v":2.4000000000000004},{"$f":"$C$7*$F$58","v":1.44},{"$f":"$D$7*$F$58","v":0.96000000000000019},"è",0.2]
["3rd",{"$f":"$B$7*$F$59","v":1.7999999999999998},{"$f":"$C$7*$F$59","v":1.0799999999999998},{"$f":"$D$7*$F$59","v":0.72000000000000008},"è",0.15]
["4th",{"$f":"$B$7*$F$60","v":1.44},{"$f":"$C$7*$F$60","v":0.86399999999999988},{"$f":"$D$7*$F$60","v":0.57600000000000007},"è",0.12]
["5th",{"$f":"$B$7*$F$61","v":1.2000000000000002},{"$f":"$C$7*$F$61","v":0.72},{"$f":"$D$7*$F$61","v":0.48000000000000009},"è",0.1]
["6th",{"$f":"$B$7*$F$62","v":1.08},{"$f":"$C$7*$F$62","v":0.64799999999999991},{"$f":"$D$7*$F$62","v":0.43200000000000005},"è",0.09]
["7th",{"$f":"$B$7*$F$63","v":0.96},{"$f":"$C$7*$F$63","v":0.57599999999999996},{"$f":"$D$7*$F$63","v":0.38400000000000006},"è",0.08]
["Totals",{"$f":"SUM(B57:B63)","v":12},{"$f":"SUM(C57:C63)","v":7.1999999999999984},{"$f":"SUM(D57:D63)","v":4.8000000000000007},{"$f":"SUM(B64:D64)","v":24},{"$f":"SUM(F57:F63)","v":0.99999999999999989}]
[]
["For 201 or more riders 8 places"]
["Placings","1D","2D","3D"]
["1st",{"$f":"$B$7*0.24","v":2.88},{"$f":"$C$7*0.24","v":1.7279999999999998},{"$f":"$D$7*0.24","v":1.1520000000000001},"è",0.24]
["2nd",{"$f":"$B$7*0.18","v":2.16},{"$f":"$C$7*0.18","v":1.2959999999999998},{"$f":"$D$7*0.18","v":0.8640000000000001},"è",0.18]
["3rd",{"$f":"$B$7*0.15","v":1.7999999999999998},{"$f":"$C$7*0.15","v":1.0799999999999998},{"$f":"$D$7*0.15","v":0.72000000000000008},"è",0.15]
["4th",{"$f":"$B$7*0.12","v":1.44},{"$f":"$C$7*0.12","v":0.86399999999999988},{"$f":"$D$7*0.12","v":0.57600000000000007},"è",0.12]
["5th",{"$f":"$B$7*0.1","v":1.2000000000000002},{"$f":"$C$7*0.1","v":0.72},{"$f":"$D$7*0.1","v":0.48000000000000009},"è",0.1]
["6th",{"$f":"$B$7*0.08","v":0.96},{"$f":"$C$7*0.08","v":0.57599999999999996},{"$f":"$D$7*0.08","v":0.38400000000000006},"è",0.08]
["7th",{"$f":"$B$7*0.07","v":0.84000000000000008},{"$f":"$C$7*0.07","v":0.504},{"$f":"$D$7*0.07","v":0.33600000000000008},"è",7.0000000000000007E-2]
["8th",{"$f":"$B$7*0.06","v":0.72},{"$f":"$C$7*0.06","v":0.43199999999999994},{"$f":"$D$7*0.06","v":0.28800000000000003},"è",0.06]
["Totals",{"$f":"SUM(B68:B75)","v":12.000000000000002},{"$f":"SUM(C68:C75)","v":7.1999999999999993},{"$f":"SUM(D68:D75)","v":4.8000000000000007},{"$f":"SUM(B76:D76)","v":24.000000000000004},{"$f":"SUM(F68:F75)","v":1}]

{"sheet":"4D Payout BBR","index":12,"n_rows":172,"n_cols":7,"rows_kept":172,"cut":false,"hidden":true,"merged":[[139,0,139,6],[140,5,140,6],[79,0,79,6],[80,0,80,6],[81,5,81,6],[96,0,96,6],[97,5,97,6],[95,0,95,6],[114,0,114,6],[115,0,115,6],[55,5,55,6],[65,0,65,6],[66,0,66,6],[116,5,116,6],[138,0,138,6],[0,0,0,6],[3,0,3,6],[5,5,6,5],[5,6,7,6],[8,0,8,6],[9,0,9,6],[10,5,10,6],[13,0,13,6],[14,0,14,6],[20,0,20,6],[172,0,172,5],[21,5,21,6],[15,5,15,6],[27,0,27,6],[45,5,45,6],[54,0,54,6],[28,5,28,6],[35,0,35,6],[36,5,36,6],[44,0,44,6],[19,0,19,6],[67,5,67,6],[53,0,53,6],[43,0,43,6],[34,0,34,6],[26,0,26,6]]}
["4D Payout BBR"]
["Entry Fee","# Entries","% Payback","$ From Entry","Added $","Total Payout"]
[40,200,0.8,{"$f":"$A$3*$C$3*$B$3","v":6400},1100,{"$f":"($A$3*$C$3)*$B$3+$E$3","v":7500}]
[]
["% in each D",0.35,0.3,0.2,0.15,"Total % Payout",{"$f":"SUM(B5:E5)","v":0.99999999999999989}]
[null,"1D","2D","3D","4D"]
[null,{"$f":"(($A$3*$B$3*$C$3*0.35)+($E$3/4))","v":2515},{"$f":"(($A$3*$B$3*$C$3*0.3)+($E$3/4))","v":2195},{"$f":"(($A$3*$B$3*$C$3*0.2)+($E$3/4))","v":1555},{"$f":"(($A$3*$B$3*$C$3*0.15)+($E$3/4))","v":1235}]
["Totals",{"$f":"SUM(B7)","v":2515},{"$f":"SUM(C7)","v":2195},1555,1235,{"$f":"SUM(B8:E8)","v":7500}]
[]
["For 1-16 riders 1 place"]
["Placings","1D","2D","3D","4D"]
["1st",{"$f":"$B$7*$G$12","v":2515},{"$f":"$C$7*$G$12","v":2195},{"$f":"$D$7*$G$12","v":1555},{"$f":"$E$7*$G$12","v":1235},"è",1]
["Totals",{"$f":"SUM(B12:B12)","v":2515},{"$f":"SUM(C12:C12)","v":2195},{"$f":"SUM(D12:D12)","v":1555},{"$f":"SUM(E12:E12)","v":1235},{"$f":"SUM(B13:E13)","v":7500},{"$f":"SUM(G12)","v":1}]
[]
["For 17-33 riders 2 places"]
["Placings","1D","2D","3D","4D"]
["1st",{"$f":"$B$7*$G$17","v":1509},{"$f":"$C$7*$G$17","v":1317},{"$f":"$D$7*$G$17","v":933},{"$f":"$E$7*$G$17","v":741},"è",0.6]
["2nd",{"$f":"$B$7*$G$18","v":1006},{"$f":"$C$7*$G$18","v":878},{"$f":"$D$7*$G$18","v":622},{"$f":"$E$7*$G$18","v":494},"è",0.4]
["Totals",{"$f":"SUM(B17:B18)","v":2515},{"$f":"SUM(C17:C18)","v":2195},{"$f":"SUM(D17:D18)","v":1555},{"$f":"SUM(E17:E18)","v":1235},{"$f":"SUM(B19:E19)","v":7500},{"$f":"SUM(G17:G18)","v":1}]
[]
["For 34-66 riders 3 places"]
["Placings","1D","2D","3D","4D"]
["1st",{"$f":"$B$7*$G$23","v":1257.5},{"$f":"$C$7*$G$23","v":1097.5},{"$f":"$D$7*$G$23","v":777.5},{"$f":"$E$7*$G$23","v":617.5},"è",0.5]
["2nd",{"$f":"$B$7*$G$24","v":754.5},{"$f":"$C$7*$G$24","v":658.5},{"$f":"$D$7*$G$24","v":466.5},{"$f":"$E$7*$G$24","v":370.5},"è",0.3]
["3rd",{"$f":"$B$7*$G$25","v":503},{"$f":"$C$7*$G$25","v":439},{"$f":"$D$7*$G$25","v":311},{"$f":"$E$7*$G$25","v":247},"è",0.2]
["Totals",{"$f":"SUM(B23:B25)","v":2515},{"$f":"SUM(C23:C25)","v":2195},{"$f":"SUM(D23:D25)","v":1555},{"$f":"SUM(E23:E25)","v":1235},{"$f":"SUM(B26:E26)","v":7500},{"$f":"SUM(G23:G25)","v":1}]
[]
["For 97-95 riders 4 places"]
["Placings","1D","2D","3D","4D"]
["1st",{"$f":"$B$7*$G$30","v":1006},{"$f":"$C$7*$G$30","v":878},{"$f":"$D$7*$G$30","v":622},{"$f":"$E$7*$G$30","v":494},"è",0.4]
["2nd",{"$f":"$B$7*$G$31","v":754.5},{"$f":"$C$7*$G$31","v":658.5},{"$f":"$D$7*$G$31","v":466.5},{"$f":"$E$7*$G$31","v":370.5},"è",0.3]
["3rd",{"$f":"$B$7*$G$32","v":503},{"$f":"$C$7*$G$32","v":439},{"$f":"$D$7*$G$32","v":311},{"$f":"$E$7*$G$32","v":247},"è",0.2]
["4th",{"$f":"$B$7*$G$33","v":251.5},{"$f":"$C$7*$G$33","v":219.5},{"$f":"$D$7*$G$33","v":155.5},{"$f":"$E$7*$G$33","v":123.5},"è",0.1]
["Totals",{"$f":"SUM(B30:B33)","v":2515},{"$f":"SUM(C30:C33)","v":2195},{"$f":"SUM(D30:D33)","v":1555},{"$f":"SUM(E30:E33)","v":1235},{"$f":"SUM(B34:E34)","v":7500},{"$f":"SUM(G30:G33)","v":0.99999999999999989}]
[]
["For 96-133 riders 5 places"]
["Placings","1D","2D","3D","4D"]
["1st",{"$f":"$B$7*$G$38","v":829.95},{"$f":"$C$7*$G$38","v":724.35},{"$f":"$D$7*G38","v":513.15},{"$f":"$E$7*$G$38","v":407.55},"è",0.33]
["2nd",{"$f":"$B$7*$G$39","v":679.05000000000007},{"$f":"$C$7*$G$39","v":592.65000000000009},{"$f":"$D$7*$G$39","v":419.85},{"$f":"$E$7*$G$39","v":333.45000000000005},"è",0.27]
["3rd",{"$f":"$B$7*$G$40","v":503},{"$f":"$C$7*$G$40","v":439},{"$f":"$D$7*$G$40","v":311},{"$f":"$E$7*$G$40","v":247},"è",0.2]
["4th",{"$f":"$B$7*$G$41","v":326.95},{"$f":"$C$7*$G$41","v":285.35000000000002},{"$f":"$D$7*$G$41","v":202.15},{"$f":"$E$7*$G$41","v":160.55000000000001},"è",0.13]
["5th",{"$f":"$B$7*$G$42","v":176.05},{"$f":"$C$7*$G$42","v":153.65},{"$f":"$D$7*$G$42","v":108.85000000000001},{"$f":"$E$7*$G$42","v":86.45},"è",7.0000000000000007E-2]
["Totals",{"$f":"SUM(B38:B42)","v":2515},{"$f":"SUM(C38:C42)","v":2195},{"$f":"SUM(D38:D42)","v":1555},{"$f":"SUM(E38:E42)","v":1235},{"$f":"SUM(B43:E43)","v":7500},{"$f":"SUM(G38:G42)","v":1}]
[]
["For 134-166 riders 6 places"]
["Placings","1D","2D","3D","4D"]
["1st",{"$f":"$B$7*$G$47","v":729.34999999999991},{"$f":"$C$7*$G$47","v":636.54999999999995},{"$f":"$D$7*$G$47","v":450.95},{"$f":"$E$7*$G$47","v":358.15},"è",0.28999999999999998]
["2nd",{"$f":"$B$7*$G$48","v":603.6},{"$f":"$C$7*$G$48","v":526.79999999999995},{"$f":"$D$7*$G$48","v":373.2},{"$f":"$E$7*$G$48","v":296.39999999999998},"è",0.24]
["3rd",{"$f":"$B$7*$G$49","v":477.85},{"$f":"$C$7*$G$49","v":417.05},{"$f":"$D$7*$G$49","v":295.45},{"$f":"$E$7*$G$49","v":234.65},"è",0.19]
["4th",{"$f":"$B$7*$G$50","v":352.1},{"$f":"$C$7*$G$50","v":307.3},{"$f":"$D$7*$G$50","v":217.70000000000002},{"$f":"$E$7*$G$50","v":172.9},"è",0.14000000000000001]
["5th",{"$f":"$B$7*$G$51","v":226.35},{"$f":"$C$7*$G$51","v":197.54999999999998},{"$f":"$D$7*$G$51","v":139.94999999999999},{"$f":"$E$7*$G$51","v":111.14999999999999},"è",0.09]
["6th",{"$f":"$B$7*$G$52","v":125.75},{"$f":"$C$7*$G$52","v":109.75},{"$f":"$D$7*$G$52","v":77.75},{"$f":"$E$7*$G$52","v":61.75},"è",0.05]
["Totals",{"$f":"SUM(B47:B52)","v":2514.9999999999995},{"$f":"SUM(C47:C52)","v":2195},{"$f":"SUM(D47:D52)","v":1555},{"$f":"SUM(E47:E52)","v":1235},{"$f":"SUM(B53:E53)","v":7500},{"$f":"SUM(G47:G52)","v":1}]
[]
["For 167-222 riders 8 places"]
["Placings","1D","2D","3D","4D"]
["1st",{"$f":"$B$7*$G$57","v":603.6},{"$f":"$C$7*$G$57","v":526.79999999999995},{"$f":"$D$7*$G$57","v":373.2},{"$f":"$E$7*$G$57","v":296.39999999999998},"è",0.24]
["2nd",{"$f":"$B$7*$G$58","v":503},{"$f":"$C$7*$G$58","v":439},{"$f":"$D$7*$G$58","v":311},{"$f":"$E$7*$G$58","v":247},"è",0.2]
["3rd",{"$f":"$B$7*$G$59","v":427.55},{"$f":"$C$7*$G$59","v":373.15000000000003},{"$f":"$D$7*$G$59","v":264.35000000000002},{"$f":"$E$7*$G$59","v":209.95000000000002},"è",0.17]
["4th",{"$f":"$B$7*$G$60","v":326.95},{"$f":"$C$7*$G$60","v":285.35000000000002},{"$f":"$D$7*$G$60","v":202.15},{"$f":"$E$7*$G$60","v":160.55000000000001},"è",0.13]
["5th",{"$f":"$B$7*$G$61","v":251.5},{"$f":"$C$7*$G$61","v":219.5},{"$f":"$D$7*$G$61","v":155.5},{"$f":"$E$7*$G$61","v":123.5},"è",0.1]
["6th",{"$f":"$B$7*$G$62","v":176.05},{"$f":"$C$7*$G$62","v":153.65},{"$f":"$D$7*$G$62","v":108.85000000000001},{"$f":"$E$7*$G$62","v":86.45},"è",7.0000000000000007E-2]
["7th",{"$f":"$B$7*$G$63","v":125.75},{"$f":"$C$7*$G$63","v":109.75},{"$f":"$D$7*$G$63","v":77.75},{"$f":"$E$7*$G$63","v":61.75},"è",0.05]
["8th",{"$f":"$B$7*$G$64","v":100.60000000000001},{"$f":"$C$7*$G$64","v":87.8},{"$f":"$D$7*$G$64","v":62.2},{"$f":"$E$7*$G$64","v":49.4},"è",0.04]
["Totals",{"$f":"SUM(B57:B64)","v":2515},{"$f":"SUM(C57:C64)","v":2195.0000000000005},{"$f":"SUM(D57:D64)","v":1555},{"$f":"SUM(E57:E64)","v":1235.0000000000002},{"$f":"SUM(B65:E65)","v":7500},{"$f":"SUM(G57:G64)","v":1}]
[]
["For 223-333 riders 10 places"]
["Placings","1D","2D","3D","4D"]
["1st",{"$f":"$B$7*$G$69","v":528.15},{"$f":"$C$7*$G$69","v":460.95},{"$f":"$D$7*$G$69","v":326.55},{"$f":"$E$7*$G$69","v":259.34999999999997},"è",0.21]
["2nd",{"$f":"$B$7*$G$70","v":452.7},{"$f":"$C$7*$G$70","v":395.09999999999997},{"$f":"$D$7*$G$70","v":279.89999999999998},{"$f":"$E$7*$G$70","v":222.29999999999998},"è",0.18]
["3rd",{"$f":"$B$7*$G$71","v":377.25},{"$f":"$C$7*$G$71","v":329.25},{"$f":"$D$7*$G$71","v":233.25},{"$f":"$E$7*$G$71","v":185.25},"è",0.15]
["4th",{"$f":"$B$7*$G$72","v":301.8},{"$f":"$C$7*$G$72","v":263.39999999999998},{"$f":"$D$7*$G$72","v":186.6},{"$f":"$E$7*$G$72","v":148.19999999999999},"è",0.12]
["5th",{"$f":"$B$7*$G$73","v":226.35},{"$f":"$C$7*$G$73","v":197.54999999999998},{"$f":"$D$7*$G$73","v":139.94999999999999},{"$f":"$E$7*$G$73","v":111.14999999999999},"è",0.09]
["6th",{"$f":"$B$7*$G$74","v":176.05},{"$f":"$C$7*$G$74","v":153.65},{"$f":"$D$7*$G$74","v":108.85000000000001},{"$f":"$E$7*$G$74","v":86.45},"è",7.0000000000000007E-2]
["7th",{"$f":"$B$7*$G$75","v":150.9},{"$f":"$C$7*$G$75","v":131.69999999999999},{"$f":"$D$7*$G$75","v":93.3},{"$f":"$E$7*$G$75","v":74.099999999999994},"è",0.06]
["8th",{"$f":"$B$7*$G$76","v":125.75},{"$f":"$C$7*$G$76","v":109.75},{"$f":"$D$7*$G$76","v":77.75},{"$f":"$E$7*$G$76","v":61.75},"è",0.05]
["9th",{"$f":"$B$7*$G$77","v":100.60000000000001},{"$f":"$C$7*$G$77","v":87.8},{"$f":"$D$7*$G$77","v":62.2},{"$f":"$E$7*$G$77","v":49.4},"è",0.04]
["10th",{"$f":"$B$7*$G$78","v":75.45},{"$f":"$C$7*$G$78","v":65.849999999999994},{"$f":"$D$7*$G$78","v":46.65},{"$f":"$E$7*$G$78","v":37.049999999999997},"è",0.03]
["Totals",{"$f":"SUM(B69:B78)","v":2514.9999999999995},{"$f":"SUM(C69:C78)","v":2195},{"$f":"SUM(D69:D78)","v":1555},{"$f":"SUM(E69:E78)","v":1235},{"$f":"B79+C79+D79+E79","v":7500},{"$f":"SUM(G69:G78)","v":1.0000000000000002}]
[]
["For 334-500 riders 12 places"]
["Placings","1D","2D","3D","4D"]
["1st",{"$f":"$B$7*$G$83","v":477.85},{"$f":"$C$7*$G$83","v":417.05},{"$f":"$D$7*$G$83","v":295.45},{"$f":"$E$7*$G$83","v":234.65},"è",0.19]
["2nd",{"$f":"$B$7*$G$84","v":377.25},{"$f":"$C$7*$G$84","v":329.25},{"$f":"$D$7*$G$84","v":233.25},{"$f":"$E$7*$G$84","v":185.25},"è",0.15]
["3rd",{"$f":"$B$7*$G$85","v":301.8},{"$f":"$C$7*$G$85","v":263.39999999999998},{"$f":"$D$7*$G$85","v":186.6},{"$f":"$E$7*$G$85","v":148.19999999999999},"è",0.12]
["4th",{"$f":"$B$7*$G$86","v":251.5},{"$f":"$C$7*$G$86","v":219.5},{"$f":"$D$7*$G$86","v":155.5},{"$f":"$E$7*$G$86","v":123.5},"è",0.1]
["5th",{"$f":"$B$7*$G$87","v":226.35},{"$f":"$C$7*$G$87","v":197.54999999999998},{"$f":"$D$7*$G$87","v":139.94999999999999},{"$f":"$E$7*$G$87","v":111.14999999999999},"è",0.09]
["6th",{"$f":"$B$7*$G$88","v":201.20000000000002},{"$f":"$C$7*$G$88","v":175.6},{"$f":"$D$7*$G$88","v":124.4},{"$f":"$E$7*$G$88","v":98.8},"è",0.08]
["7th",{"$f":"$B$7*$G$89","v":176.05},{"$f":"$C$7*$G$89","v":153.65},{"$f":"$D$7*$G$89","v":108.85000000000001},{"$f":"$E$7*$G$89","v":86.45},"è",7.0000000000000007E-2]
["8th",{"$f":"$B$7*$G$90","v":150.9},{"$f":"$C$7*$G$90","v":131.69999999999999},{"$f":"$D$7*$G$90","v":93.3},{"$f":"$E$7*$G$90","v":74.099999999999994},"è",0.06]
["9th",{"$f":"$B$7*$G$91","v":125.75},{"$f":"$C$7*$G$91","v":109.75},{"$f":"$D$7*$G$91","v":77.75},{"$f":"$E$7*$G$91","v":61.75},"è",0.05]
["10th",{"$f":"$B$7*$G$92","v":100.60000000000001},{"$f":"$C$7*$G$92","v":87.8},{"$f":"$D$7*$G$92","v":62.2},{"$f":"$E$7*$G$92","v":49.4},"è",0.04]
["11th",{"$f":"$B$7*$G$93","v":75.45},{"$f":"$C$7*$G$93","v":65.849999999999994},{"$f":"$D$7*$G$93","v":46.65},{"$f":"$E$7*$G$93","v":37.049999999999997},"è",0.03]
["12th",{"$f":"$B$7*$G$94","v":50.300000000000004},{"$f":"$C$7*$G$94","v":43.9},{"$f":"$D$7*$G$94","v":31.1},{"$f":"$E$7*$G$94","v":24.7},"è",0.02]
["Totals",{"$f":"SUM(B83:B94)","v":2515},{"$f":"SUM(C83:C94)","v":2195},1555,1235,{"$f":"B95+C95+D95+E95","v":7500},{"$f":"SUM(G83:G94)","v":1}]
[]
["For 501-750 riders 15 places"]
["Placings","1D","2D","3D","4D"]
["1st",{"$f":"$B$7*$G$99","v":452.7},{"$f":"$C$7*$G$99","v":395.09999999999997},{"$f":"$D$7*$G$99","v":279.89999999999998},{"$f":"$E$7*$G$99","v":222.29999999999998},"è",0.18]
["2nd",{"$f":"$B$7*$G$100","v":377.25},{"$f":"$C$7*$G$100","v":329.25},{"$f":"$D$7*$G$100","v":233.25},{"$f":"$E$7*$G$100","v":185.25},"è",0.15]
["3rd",{"$f":"$B$7*$G$101","v":301.8},{"$f":"$C$7*$G$101","v":263.39999999999998},{"$f":"$D$7*$G$101","v":186.6},{"$f":"$E$7*$G$101","v":148.19999999999999},"è",0.12]
["4th",{"$f":"$B$7*$G$102","v":251.5},{"$f":"$C$7*$G$102","v":219.5},{"$f":"$D$7*$G$102","v":155.5},{"$f":"$E$7*$G$102","v":123.5},"è",0.1]
["5th",{"$f":"$B$7*$G$103","v":213.77500000000001},{"$f":"$C$7*$G$103","v":186.57500000000002},{"$f":"$D$7*$G$103","v":132.17500000000001},{"$f":"$E$7*$G$103","v":104.97500000000001},"è",8.5000000000000006E-2]
["6th",{"$f":"$B$7*$G$104","v":176.05},{"$f":"$C$7*$G$104","v":153.65},{"$f":"$D$7*$G$104","v":108.85000000000001},{"$f":"$E$7*$G$104","v":86.45},"è",7.0000000000000007E-2]
["7th",{"$f":"$B$7*$G$105","v":150.9},{"$f":"$C$7*$G$105","v":131.69999999999999},{"$f":"$D$7*$G$105","v":93.3},{"$f":"$E$7*$G$105","v":74.099999999999994},"è",0.06]
["8th",{"$f":"$B$7*$G$106","v":125.75},{"$f":"$C$7*$G$106","v":109.75},{"$f":"$D$7*$G$106","v":77.75},{"$f":"$E$7*$G$106","v":61.75},"è",0.05]
["9th",{"$f":"$B$7*$G$107","v":106.8875},{"$f":"$C$7*$G$107","v":93.287500000000009},{"$f":"$D$7*$G$107","v":66.087500000000006},{"$f":"$E$7*$G$107","v":52.487500000000004},"è",4.2500000000000003E-2]
["10th",{"$f":"$B$7*$G$108","v":88.025000000000006},{"$f":"$C$7*$G$108","v":76.825000000000003},{"$f":"$D$7*$G$108","v":54.425000000000004},{"$f":"$E$7*$G$108","v":43.225000000000001},"è",3.5000000000000003E-2]
["11th",{"$f":"$B$7*$G$109","v":75.45},{"$f":"$C$7*$G$109","v":65.849999999999994},{"$f":"$D$7*$G$109","v":46.65},{"$f":"$E$7*$G$109","v":37.049999999999997},"è",0.03]
["12th",{"$f":"$B$7*$G$110","v":62.875},{"$f":"$C$7*$G$110","v":54.875},{"$f":"$D$7*$G$110","v":38.875},{"$f":"$E$7*$G$110","v":30.875},"è",2.5000000000000001E-2]
["13th",{"$f":"$B$7*$G$111","v":50.300000000000004},{"$f":"$C$7*$G$111","v":43.9},{"$f":"$D$7*$G$111","v":31.1},{"$f":"$E$7*$G$111","v":24.7},"è",0.02]
["14th",{"$f":"$B$7*$G$112","v":44.012500000000003},{"$f":"$C$7*$G$112","v":38.412500000000001},{"$f":"$D$7*$G$112","v":27.212500000000002},{"$f":"$E$7*$G$112","v":21.612500000000001},"è",1.7500000000000002E-2]
["15th",{"$f":"$B$7*$G$113","v":37.725000000000001},{"$f":"$C$7*$G$113","v":32.924999999999997},{"$f":"$D$7*$G$113","v":23.324999999999999},{"$f":"$E$7*$G$113","v":18.524999999999999},"è",1.4999999999999999E-2]
["Totals",{"$f":"SUM(B99:B113)","v":2515},{"$f":"SUM(C99:C113)","v":2195},1555,1235,{"$f":"B114+C114+D114+E114","v":7500},{"$f":"SUM(G99:G113)","v":1}]
[]
["For 751-1200 riders 20 places"]
["Placings","1D","2D","3D","4D"]
["1st",{"$f":"$B$7*$G$118","v":352.1},{"$f":"$C$7*$G$118","v":307.3},{"$f":"$D$7*$G$118","v":217.70000000000002},{"$f":"$E$7*$G$118","v":172.9},"è",0.14000000000000001]
["2nd",{"$f":"$B$7*$G$119","v":276.64999999999998},{"$f":"$C$7*$G$119","v":241.45},{"$f":"$D$7*$G$119","v":171.05},{"$f":"$E$7*$G$119","v":135.85},"è",0.11]
["3rd",{"$f":"$B$7*$G$120","v":226.35},{"$f":"$C$7*$G$120","v":197.54999999999998},{"$f":"$D$7*$G$120","v":139.94999999999999},{"$f":"$E$7*$G$120","v":111.14999999999999},"è",0.09]
["4th",{"$f":"$B$7*$G$121","v":193.655},{"$f":"$C$7*$G$121","v":169.01499999999999},{"$f":"$D$7*$G$121","v":119.735},{"$f":"$E$7*$G$121","v":95.094999999999999},"è",7.6999999999999999E-2]
["5th",{"$f":"$B$7*$G$122","v":176.05},{"$f":"$C$7*$G$122","v":153.65},{"$f":"$D$7*$G$122","v":108.85000000000001},{"$f":"$E$7*$G$122","v":86.45},"è",7.0000000000000007E-2]
["6th",{"$f":"$B$7*$G$123","v":163.47499999999999},{"$f":"$C$7*$G$123","v":142.67500000000001},{"$f":"$D$7*$G$123","v":101.075},{"$f":"$E$7*$G$123","v":80.275000000000006},"è",6.5000000000000002E-2]
["7th",{"$f":"$B$7*$G$124","v":150.9},{"$f":"$C$7*$G$124","v":131.69999999999999},{"$f":"$D$7*$G$124","v":93.3},{"$f":"$E$7*$G$124","v":74.099999999999994},"è",0.06]
["8th",{"$f":"$B$7*$G$125","v":138.32499999999999},{"$f":"$C$7*$G$125","v":120.72499999999999},{"$f":"$D$7*$G$125","v":85.525000000000006},{"$f":"$E$7*$G$125","v":67.924999999999997},"è",5.5E-2]
["9th",{"$f":"$B$7*$G$126","v":125.75},{"$f":"$C$7*$G$126","v":109.75},{"$f":"$D$7*$G$126","v":77.75},{"$f":"$E$7*$G$126","v":61.75},"è",0.05]
["10th",{"$f":"$B$7*$G$127","v":113.175},{"$f":"$C$7*$G$127","v":98.774999999999991},{"$f":"$D$7*$G$127","v":69.974999999999994},{"$f":"$E$7*$G$127","v":55.574999999999996},"è",4.4999999999999998E-2]
["11th",{"$f":"$B$7*$G$128","v":100.60000000000001},{"$f":"$C$7*$G$128","v":87.8},{"$f":"$D$7*$G$128","v":62.2},{"$f":"$E$7*$G$128","v":49.4},"è",0.04]
["12th",{"$f":"$B$7*$G$129","v":93.054999999999993},{"$f":"$C$7*$G$129","v":81.214999999999989},{"$f":"$D$7*$G$129","v":57.534999999999997},{"$f":"$E$7*$G$129","v":45.695},"è",3.6999999999999998E-2]
["13th",{"$f":"$B$7*$G$130","v":82.995000000000005},{"$f":"$C$7*$G$130","v":72.435000000000002},{"$f":"$D$7*$G$130","v":51.315000000000005},{"$f":"$E$7*$G$130","v":40.755000000000003},"è",3.3000000000000002E-2]
["14th",{"$f":"$B$7*$G$131","v":72.935000000000002},{"$f":"$C$7*$G$131","v":63.655000000000001},{"$f":"$D$7*$G$131","v":45.094999999999999},{"$f":"$E$7*$G$131","v":35.815000000000005},"è",2.9000000000000001E-2]
["15th",{"$f":"$B$7*$G$132","v":62.875},{"$f":"$C$7*$G$132","v":54.875},{"$f":"$D$7*$G$132","v":38.875},{"$f":"$E$7*$G$132","v":30.875},"è",2.5000000000000001E-2]
["16th",{"$f":"$B$7*$G$133","v":52.815000000000005},{"$f":"$C$7*$G$133","v":46.095000000000006},{"$f":"$D$7*$G$133","v":32.655000000000001},{"$f":"$E$7*$G$133","v":25.935000000000002},"è",2.1000000000000001E-2]
["17th",{"$f":"$B$7*$G$134","v":42.755000000000003},{"$f":"$C$7*$G$134","v":37.315000000000005},{"$f":"$D$7*$G$134","v":26.435000000000002},{"$f":"$E$7*$G$134","v":20.995000000000001},"è",1.7000000000000001E-2]
["18th",{"$f":"$B$7*$G$135","v":35.21},{"$f":"$C$7*$G$135","v":30.73},{"$f":"$D$7*$G$135","v":21.77},{"$f":"$E$7*$G$135","v":17.29},"è",1.4E-2]
["19th",{"$f":"$B$7*$G$136","v":30.18},{"$f":"$C$7*$G$136","v":26.34},{"$f":"$D$7*$G$136","v":18.66},{"$f":"$E$7*$G$136","v":14.82},"è",1.2E-2]
["20th",{"$f":"$B$7*$G$137","v":25.150000000000002},{"$f":"$C$7*$G$137","v":21.95},{"$f":"$D$7*$G$137","v":15.55},{"$f":"$E$7*$G$137","v":12.35},"è",0.01]
["Totals",{"$f":"SUM(B118:B137)","v":2515},{"$f":"SUM(C118:C137)","v":2194.9999999999995},1555.0000000000002,1234.9999999999998,{"$f":"B138+C138+D138+E138","v":7500},{"$f":"SUM(G118:G137)","v":1.0000000000000004}]
[]
["For 1201 or More riders 30 places"]
["Placings","1D","2D","3D","4D"]
["1st",{"$f":"$B$7*$G$142","v":301.8},{"$f":"$C$7*$G$142","v":263.39999999999998},{"$f":"$D$7*$G$142","v":186.6},{"$f":"$E$7*$G$142","v":148.19999999999999},"è",0.12]
["2nd",{"$f":"$B$7*$G$143","v":238.92500000000001},{"$f":"$C$7*$G$143","v":208.52500000000001},{"$f":"$D$7*$G$143","v":147.72499999999999},{"$f":"$E$7*$G$143","v":117.325},"è",9.5000000000000001E-2]
["3rd",{"$f":"$B$7*$G$144","v":183.595},{"$f":"$C$7*$G$144","v":160.23499999999999},{"$f":"$D$7*$G$144","v":113.51499999999999},{"$f":"$E$7*$G$144","v":90.155000000000001},"è",7.2999999999999995E-2]
["4th",{"$f":"$B$7*$G$145","v":155.93},{"$f":"$C$7*$G$145","v":136.09},{"$f":"$D$7*$G$145","v":96.41},{"$f":"$E$7*$G$145","v":76.569999999999993},"è",6.2E-2]
["5th",{"$f":"$B$7*$G$146","v":125.75},{"$f":"$C$7*$G$146","v":109.75},{"$f":"$D$7*$G$146","v":77.75},{"$f":"$E$7*$G$146","v":61.75},"è",0.05]
["6th",{"$f":"$B$7*$G$147","v":113.175},{"$f":"$C$7*$G$147","v":98.774999999999991},{"$f":"$D$7*$G$147","v":69.974999999999994},{"$f":"$E$7*$G$147","v":55.574999999999996},"è",4.4999999999999998E-2]
["7th",{"$f":"$B$7*$G$148","v":108.145},{"$f":"$C$7*$G$148","v":94.384999999999991},{"$f":"$D$7*$G$148","v":66.864999999999995},{"$f":"$E$7*$G$148","v":53.104999999999997},"è",4.2999999999999997E-2]
["8th",{"$f":"$B$7*$G$149","v":100.60000000000001},{"$f":"$C$7*$G$149","v":87.8},{"$f":"$D$7*$G$149","v":62.2},{"$f":"$E$7*$G$149","v":49.4},"è",0.04]
["9th",{"$f":"$B$7*$G$150","v":93.054999999999993},{"$f":"$C$7*$G$150","v":81.214999999999989},{"$f":"$D$7*$G$150","v":57.534999999999997},{"$f":"$E$7*$G$150","v":45.695},"è",3.6999999999999998E-2]
["10th",{"$f":"$B$7*$G$151","v":88.025000000000006},{"$f":"$C$7*$G$151","v":76.825000000000003},{"$f":"$D$7*$G$151","v":54.425000000000004},{"$f":"$E$7*$G$151","v":43.225000000000001},"è",3.5000000000000003E-2]
["11th",{"$f":"$B$7*$G$152","v":82.995000000000005},{"$f":"$C$7*$G$152","v":72.435000000000002},{"$f":"$D$7*$G$152","v":51.315000000000005},{"$f":"$E$7*$G$152","v":40.755000000000003},"è",3.3000000000000002E-2]
["12th",{"$f":"$B$7*$G$153","v":77.965000000000003},{"$f":"$C$7*$G$153","v":68.045000000000002},{"$f":"$D$7*$G$153","v":48.204999999999998},{"$f":"$E$7*$G$153","v":38.284999999999997},"è",3.1E-2]
["13th",{"$f":"$B$7*$G$154","v":72.935000000000002},{"$f":"$C$7*$G$154","v":63.655000000000001},{"$f":"$D$7*$G$154","v":45.094999999999999},{"$f":"$E$7*$G$154","v":35.815000000000005},"è",2.9000000000000001E-2]
["14th",{"$f":"$B$7*$G$155","v":67.905000000000001},{"$f":"$C$7*$G$155","v":59.265000000000001},{"$f":"$D$7*$G$155","v":41.984999999999999},{"$f":"$E$7*$G$155","v":33.344999999999999},"è",2.7E-2]
["15th",{"$f":"$B$7*$G$156","v":62.875},{"$f":"$C$7*$G$156","v":54.875},{"$f":"$D$7*$G$156","v":38.875},{"$f":"$E$7*$G$156","v":30.875},"è",2.5000000000000001E-2]
["16th",{"$f":"$B$7*$G$157","v":60.36},{"$f":"$C$7*$G$157","v":52.68},{"$f":"$D$7*$G$157","v":37.32},{"$f":"$E$7*$G$157","v":29.64},"è",2.4E-2]
["17th",{"$f":"$B$7*$G$158","v":57.844999999999999},{"$f":"$C$7*$G$158","v":50.484999999999999},{"$f":"$D$7*$G$158","v":35.765000000000001},{"$f":"$E$7*$G$158","v":28.405000000000001},"è",2.3E-2]
["18th",{"$f":"$B$7*$G$159","v":55.33},{"$f":"$C$7*$G$159","v":48.29},{"$f":"$D$7*$G$159","v":34.21},{"$f":"$E$7*$G$159","v":27.169999999999998},"è",2.1999999999999999E-2]
["19th",{"$f":"$B$7*$G$160","v":52.815000000000005},{"$f":"$C$7*$G$160","v":46.095000000000006},{"$f":"$D$7*$G$160","v":32.655000000000001},{"$f":"$E$7*$G$160","v":25.935000000000002},"è",2.1000000000000001E-2]
["20th",{"$f":"$B$7*$G$161","v":50.300000000000004},{"$f":"$C$7*$G$161","v":43.9},{"$f":"$D$7*$G$161","v":31.1},{"$f":"$E$7*$G$161","v":24.7},"è",0.02]
["21st",{"$f":"$B$7*$G$162","v":47.784999999999997},{"$f":"$C$7*$G$162","v":41.704999999999998},{"$f":"$D$7*$G$162","v":29.544999999999998},{"$f":"$E$7*$G$162","v":23.465},"è",1.9E-2]
["22nd",{"$f":"$B$7*$G$163","v":45.269999999999996},{"$f":"$C$7*$G$163","v":39.51},{"$f":"$D$7*$G$163","v":27.99},{"$f":"$E$7*$G$163","v":22.229999999999997},"è",1.7999999999999999E-2]
["23rd",{"$f":"$B$7*$G$164","v":42.755000000000003},{"$f":"$C$7*$G$164","v":37.315000000000005},{"$f":"$D$7*$G$164","v":26.435000000000002},{"$f":"$E$7*$G$164","v":20.995000000000001},"è",1.7000000000000001E-2]
["24th",{"$f":"$B$7*$G$165","v":40.24},{"$f":"$C$7*$G$165","v":35.119999999999997},{"$f":"$D$7*$G$165","v":24.88},{"$f":"$E$7*$G$165","v":19.760000000000002},"è",1.6E-2]
["25th",{"$f":"$B$7*$G$166","v":37.725000000000001},{"$f":"$C$7*$G$166","v":32.924999999999997},{"$f":"$D$7*$G$166","v":23.324999999999999},{"$f":"$E$7*$G$166","v":18.524999999999999},"è",1.4999999999999999E-2]
["26th",{"$f":"$B$7*$G$167","v":35.21},{"$f":"$C$7*$G$167","v":30.73},{"$f":"$D$7*$G$167","v":21.77},{"$f":"$E$7*$G$167","v":17.29},"è",1.4E-2]
["27th",{"$f":"$B$7*$G$168","v":32.695},{"$f":"$C$7*$G$168","v":28.535},{"$f":"$D$7*$G$168","v":20.215},{"$f":"$E$7*$G$168","v":16.055},"è",1.2999999999999999E-2]
["28th",{"$f":"$B$7*$G$169","v":30.18},{"$f":"$C$7*$G$169","v":26.34},{"$f":"$D$7*$G$169","v":18.66},{"$f":"$E$7*$G$169","v":14.82},"è",1.2E-2]
["29th",{"$f":"$B$7*$G$170","v":27.664999999999999},{"$f":"$C$7*$G$170","v":24.145},{"$f":"$D$7*$G$170","v":17.105},{"$f":"$E$7*$G$170","v":13.584999999999999},"è",1.0999999999999999E-2]
["30th",{"$f":"$B$7*$G$171","v":25.150000000000002},{"$f":"$C$7*$G$171","v":21.95},{"$f":"$D$7*$G$171","v":15.55},{"$f":"$E$7*$G$171","v":12.35},"è",0.01]
["Totals",{"$f":"SUM(B142:B171)","v":2514.9999999999995},{"$f":"SUM(C142:C171)","v":2194.9999999999995},{"$f":"SUM(D142:D171)","v":1555},{"$f":"SUM(E142:E171)","v":1234.9999999999998},{"$f":"B172+C172+D172+E172","v":7499.9999999999991},{"$f":"SUM(G142:G171)","v":1.0000000000000002}]

{"sheet":"5D Payout BBR","index":13,"n_rows":172,"n_cols":8,"rows_kept":172,"cut":false,"hidden":false,"merged":[[139,0,139,7],[80,0,80,7],[95,0,95,7],[96,0,96,7],[81,6,81,7],[97,6,97,7],[116,6,116,7],[114,0,114,7],[115,0,115,7],[65,0,65,7],[66,0,66,7],[79,0,79,7],[67,6,67,7],[138,0,138,7],[44,0,44,7],[45,6,45,7],[53,0,53,7],[54,0,54,7],[55,6,55,7],[0,0,0,7],[3,0,3,7],[8,0,8,7],[9,0,9,7],[5,6,6,6],[10,6,10,7],[13,0,13,7],[14,0,14,7],[140,6,140,7],[5,7,7,7],[15,6,15,7],[19,0,19,7],[20,0,20,7],[21,6,21,7],[26,0,26,7],[27,0,27,7],[28,6,28,7],[34,0,34,7],[35,0,35,7],[36,6,36,7],[43,0,43,7]]}
["5D Payout BBR"]
["Entry Fee","# Entries","% Payback","$ From Entry","Added $","Total Payout","Total $ Held"]
[50,250,0.8,{"$f":"$A$3*$C$3*$B$3","v":10000},2000,{"$f":"($A$3*$C$3)*$B$3+$E$3","v":12000},{"$f":"$A$3*(100%-$C$3)*$B$3","v":2499.9999999999995}]
[13]
["% in each D",0.3,0.25,0.2,0.15,0.1,"Total % Payout",{"$f":"SUM(B5:F5)","v":1}]
[null,"1D","2D","3D","4D","5D"]
[null,{"$f":"(($A$3*$B$3*$C$3*$B$5)+($E$3*$B$5))","v":3600},{"$f":"(($A$3*$B$3*$C$3*$C$5)+($E$3*$C$5))","v":3000},{"$f":"(($A$3*$B$3*$C$3*$D$5)+($E$3*$D$5))","v":2400},{"$f":"(($A$3*$B$3*$C$3*$E$5)+($E$3*$E$5))","v":1800},{"$f":"(($A$3*$B$3*$C$3*$F$5)+($E$3*$F$5))","v":1200}]
["Totals",{"$f":"SUM(B7)","v":3600},{"$f":"SUM(C7)","v":3000},2400,1800,1200,{"$f":"SUM(B8:F8)","v":12000}]
[]
["For 1-25 riders 1 place"]
["Placings","1D","2D","3D","4D","5D"]
["1st",{"$f":"$B$7*$H$12","v":3600},{"$f":"$C$7*$H$12","v":3000},{"$f":"$D$7*$H$12","v":2400},{"$f":"$E$7*$H$12","v":1800},{"$f":"$F$7*$H$12","v":1200},"è",1]
["Totals",{"$f":"SUM(B12:B12)","v":3600},{"$f":"SUM(C12:C12)","v":3000},{"$f":"SUM(D12:D12)","v":2400},{"$f":"SUM(E12:E12)","v":1800},{"$f":"SUM(F12)","v":1200},{"$f":"SUM(B13:F13)","v":12000},{"$f":"SUM(H12)","v":1}]
[]
["For 26-50 riders 2 places"]
["Placings","1D","2D","3D","4D","5D"]
["1st",{"$f":"$B$7*$H$17","v":2160},{"$f":"$C$7*$H$17","v":1800},{"$f":"$D$7*$H$17","v":1440},{"$f":"$E$7*$H$17","v":1080},{"$f":"$F$7*$H$17","v":720},"è",0.6]
["2nd",{"$f":"$B$7*$H$18","v":1440},{"$f":"$C$7*$H$18","v":1200},{"$f":"$D$7*$H$18","v":960},{"$f":"$E$7*$H$18","v":720},{"$f":"$F$7*$H$18","v":480},"è",0.4]
["Totals",{"$f":"SUM(B17:B18)","v":3600},{"$f":"SUM(C17:C18)","v":3000},{"$f":"SUM(D17:D18)","v":2400},{"$f":"SUM(E17:E18)","v":1800},{"$f":"SUM(F17:F18)","v":1200},{"$f":"SUM(B19:F19)","v":12000},{"$f":"SUM(H17:H18)","v":1}]
[]
["For 51-100 riders 3 places"]
["Placings","1D","2D","3D","4D","5D"]
["1st",{"$f":"$B$7*$H$23","v":1800},{"$f":"$C$7*$H$23","v":1500},{"$f":"$D$7*$H$23","v":1200},{"$f":"$E$7*$H$23","v":900},{"$f":"$F$7*$H$23","v":600},"è",0.5]
["2nd",{"$f":"$B$7*$H$24","v":1080},{"$f":"$C$7*$H$24","v":900},{"$f":"$D$7*$H$24","v":720},{"$f":"$E$7*$H$24","v":540},{"$f":"$F$7*$H$24","v":360},"è",0.3]
["3rd",{"$f":"$B$7*$H$25","v":720},{"$f":"$C$7*$H$25","v":600},{"$f":"$D$7*$H$25","v":480},{"$f":"$E$7*$H$25","v":360},{"$f":"$F$7*$H$25","v":240},"è",0.2]
["Totals",{"$f":"SUM(B23:B25)","v":3600},{"$f":"SUM(C23:C25)","v":3000},{"$f":"SUM(D23:D25)","v":2400},{"$f":"SUM(E23:E25)","v":1800},{"$f":"SUM(F23:F25)","v":1200},{"$f":"SUM(B26:F26)","v":12000},{"$f":"SUM(H23:H25)","v":1}]
[]
["For 101-143 riders 4 places"]
["Placings","1D","2D","3D","4D","5D"]
["1st",{"$f":"$B$7*$H$30","v":1440},{"$f":"$C$7*$H$30","v":1200},{"$f":"$D$7*$H$30","v":960},{"$f":"$E$7*$H$30","v":720},{"$f":"$F$7*$H$30","v":480},"è",0.4]
["2nd",{"$f":"$B$7*$H$31","v":1080},{"$f":"$C$7*$H$31","v":900},{"$f":"$D$7*$H$31","v":720},{"$f":"$E$7*$H$31","v":540},{"$f":"$F$7*$H$31","v":360},"è",0.3]
["3rd",{"$f":"$B$7*$H$32","v":720},{"$f":"$C$7*$H$32","v":600},{"$f":"$D$7*$H$32","v":480},{"$f":"$E$7*$H$32","v":360},{"$f":"$F$7*$H$32","v":240},"è",0.2]
["4th",{"$f":"$B$7*$H$33","v":360},{"$f":"$C$7*$H$33","v":300},{"$f":"$D$7*$H$33","v":240},{"$f":"$E$7*$H$33","v":180},{"$f":"$F$7*$H$33","v":120},"è",0.1]
["Totals",{"$f":"SUM(B30:B33)","v":3600},{"$f":"SUM(C30:C33)","v":3000},{"$f":"SUM(D30:D33)","v":2400},{"$f":"SUM(E30:E33)","v":1800},{"$f":"SUM(F30:F33)","v":1200},{"$f":"SUM(B34:F34)","v":12000},{"$f":"SUM(H30:H33)","v":0.99999999999999989}]
[]
["For 144-200 riders 5 places"]
["Placings","1D","2D","3D","4D","5D"]
["1st",{"$f":"$B$7*$H$38","v":1188},{"$f":"$C$7*$H$38","v":990},709.5,{"$f":"$E$7*$H$38","v":594},{"$f":"$F$7*$H$38","v":396},"è",0.33]
["2nd",{"$f":"$B$7*$H$39","v":972.00000000000011},{"$f":"$C$7*$H$39","v":810},580.5,{"$f":"$E$7*$H$39","v":486.00000000000006},{"$f":"$F$7*$H$39","v":324},"è",0.27]
["3rd",{"$f":"$B$7*$H$40","v":720},{"$f":"$C$7*$H$40","v":600},430,{"$f":"$E$7*$H$40","v":360},{"$f":"$F$7*$H$40","v":240},"è",0.2]
["4th",{"$f":"$B$7*$H$41","v":468},{"$f":"$C$7*$H$41","v":390},279.5,{"$f":"$E$7*$H$41","v":234},{"$f":"$F$7*$H$41","v":156},"è",0.13]
["5th",{"$f":"$B$7*$H$42","v":252.00000000000003},{"$f":"$C$7*$H$42","v":210.00000000000003},150.50000000000003,{"$f":"$E$7*$H$42","v":126.00000000000001},{"$f":"$F$7*$H$42","v":84.000000000000014},"è",7.0000000000000007E-2]
["Totals",{"$f":"SUM(B38:B42)","v":3600},{"$f":"SUM(C38:C42)","v":3000},{"$f":"SUM(D38:D42)","v":2150},{"$f":"SUM(E38:E42)","v":1800},{"$f":"SUM(F38:F42)","v":1200},{"$f":"SUM(B43:F43)","v":11750},{"$f":"SUM(H38:H42)","v":1}]
[]
["For 201-250 riders 6 places"]
["Placings","1D","2D","3D","4D","5D"]
["1st",{"$f":"$B$7*$H$47","v":1044},{"$f":"$C$7*$H$47","v":869.99999999999989},{"$f":"$D$7*$H$47","v":696},{"$f":"$E$7*$H$47","v":522},{"$f":"$F$7*$H$47","v":348},"è",0.28999999999999998]
["2nd",{"$f":"$B$7*$H$48","v":864},{"$f":"$C$7*$H$48","v":720},{"$f":"$D$7*$H$48","v":576},{"$f":"$E$7*$H$48","v":432},{"$f":"$F$7*$H$48","v":288},"è",0.24]
["3rd",{"$f":"$B$7*$H$49","v":684},{"$f":"$C$7*$H$49","v":570},{"$f":"$D$7*$H$49","v":456},{"$f":"$E$7*$H$49","v":342},{"$f":"$F$7*$H$49","v":228},"è",0.19]
["4th",{"$f":"$B$7*$H$50","v":504.00000000000006},{"$f":"$C$7*$H$50","v":420.00000000000006},{"$f":"$D$7*$H$50","v":336.00000000000006},{"$f":"$E$7*$H$50","v":252.00000000000003},{"$f":"$F$7*$H$50","v":168.00000000000003},"è",0.14000000000000001]
["5th",{"$f":"$B$7*$H$51","v":324},{"$f":"$C$7*$H$51","v":270},{"$f":"$D$7*$H$51","v":216},{"$f":"$E$7*$H$51","v":162},{"$f":"$F$7*$H$51","v":108},"è",0.09]
["6th",{"$f":"$B$7*$H$52","v":180},{"$f":"$C$7*$H$52","v":150},{"$f":"$D$7*$H$52","v":120},{"$f":"$E$7*$H$52","v":90},{"$f":"$F$7*$H$52","v":60},"è",0.05]
["Totals",{"$f":"SUM(B47:B52)","v":3600},{"$f":"SUM(C47:C52)","v":3000},{"$f":"SUM(D47:D52)","v":2400},{"$f":"SUM(E47:E52)","v":1800},{"$f":"SUM(F47:F52)","v":1200},{"$f":"SUM(B53:F53)","v":12000},{"$f":"SUM(H47:H52)","v":1}]
[]
["For 251-333 riders 8 places"]
["Placings","1D","2D","3D","4D","5D"]
["1st",{"$f":"$B$7*$H$57","v":864},{"$f":"$C$7*$H$57","v":720},{"$f":"$D$7*$H$57","v":576},{"$f":"$E$7*$H$57","v":432},{"$f":"$F$7*$H$57","v":288},"è",0.24]
["2nd",{"$f":"$B$7*$H$58","v":720},{"$f":"$C$7*$H$58","v":600},{"$f":"$D$7*$H$58","v":480},{"$f":"$E$7*$H$58","v":360},{"$f":"$F$7*$H$58","v":240},"è",0.2]
["3rd",{"$f":"$B$7*$H$59","v":612},{"$f":"$C$7*$H$59","v":510.00000000000006},{"$f":"$D$7*$H$59","v":408.00000000000006},{"$f":"$E$7*$H$59","v":306},{"$f":"$F$7*$H$59","v":204.00000000000003},"è",0.17]
["4th",{"$f":"$B$7*$H$60","v":468},{"$f":"$C$7*$H$60","v":390},{"$f":"$D$7*$H$60","v":312},{"$f":"$E$7*$H$60","v":234},{"$f":"$F$7*$H$60","v":156},"è",0.13]
["5th",{"$f":"$B$7*$H$61","v":360},{"$f":"$C$7*$H$61","v":300},{"$f":"$D$7*$H$61","v":240},{"$f":"$E$7*$H$61","v":180},{"$f":"$F$7*$H$61","v":120},"è",0.1]
["6th",{"$f":"$B$7*$H$62","v":252.00000000000003},{"$f":"$C$7*$H$62","v":210.00000000000003},{"$f":"$D$7*$H$62","v":168.00000000000003},{"$f":"$E$7*$H$62","v":126.00000000000001},{"$f":"$F$7*$H$62","v":84.000000000000014},"è",7.0000000000000007E-2]
["7th",{"$f":"$B$7*$H$63","v":180},{"$f":"$C$7*$H$63","v":150},{"$f":"$D$7*$H$63","v":120},{"$f":"$E$7*$H$63","v":90},{"$f":"$F$7*$H$63","v":60},"è",0.05]
["8th",{"$f":"$B$7*$H$64","v":144},{"$f":"$C$7*$H$64","v":120},{"$f":"$D$7*$H$64","v":96},{"$f":"$E$7*$H$64","v":72},{"$f":"$F$7*$H$64","v":48},"è",0.04]
["Totals",{"$f":"SUM(B57:B64)","v":3600},{"$f":"SUM(C57:C64)","v":3000},{"$f":"SUM(D57:D64)","v":2400},{"$f":"SUM(E57:E64)","v":1800},{"$f":"SUM(F57:F64)","v":1200},{"$f":"SUM(B65:F65)","v":12000},{"$f":"SUM(H57:H64)","v":1}]
[]
["For 334-500 riders 10 places"]
["Placings","1D","2D","3D","4D","5D"]
["1st",{"$f":"$B$7*$H$69","v":756},{"$f":"$C$7*$H$69","v":630},{"$f":"$D$7*$H$69","v":504},{"$f":"$E$7*$H$69","v":378},{"$f":"$F$7*$H$69","v":252},"è",0.21]
["2nd",{"$f":"$B$7*$H$70","v":648},{"$f":"$C$7*$H$70","v":540},{"$f":"$D$7*$H$70","v":432},{"$f":"$E$7*$H$70","v":324},{"$f":"$F$7*$H$70","v":216},"è",0.18]
["3rd",{"$f":"$B$7*$H$71","v":540},{"$f":"$C$7*$H$71","v":450},{"$f":"$D$7*$H$71","v":360},{"$f":"$E$7*$H$71","v":270},{"$f":"$F$7*$H$71","v":180},"è",0.15]
["4th",{"$f":"$B$7*$H$72","v":432},{"$f":"$C$7*$H$72","v":360},{"$f":"$D$7*$H$72","v":288},{"$f":"$E$7*$H$72","v":216},{"$f":"$F$7*$H$72","v":144},"è",0.12]
["5th",{"$f":"$B$7*$H$73","v":324},{"$f":"$C$7*$H$73","v":270},{"$f":"$D$7*$H$73","v":216},{"$f":"$E$7*$H$73","v":162},{"$f":"$F$7*$H$73","v":108},"è",0.09]
["6th",{"$f":"$B$7*$H$74","v":252.00000000000003},{"$f":"$C$7*$H$74","v":210.00000000000003},{"$f":"$D$7*$H$74","v":168.00000000000003},{"$f":"$E$7*$H$74","v":126.00000000000001},{"$f":"$F$7*$H$74","v":84.000000000000014},"è",7.0000000000000007E-2]
["7th",{"$f":"$B$7*$H$75","v":216},{"$f":"$C$7*$H$75","v":180},{"$f":"$D$7*$H$75","v":144},{"$f":"$E$7*$H$75","v":108},{"$f":"$F$7*$H$75","v":72},"è",0.06]
["8th",{"$f":"$B$7*$H$76","v":180},{"$f":"$C$7*$H$76","v":150},{"$f":"$D$7*$H$76","v":120},{"$f":"$E$7*$H$76","v":90},{"$f":"$F$7*$H$76","v":60},"è",0.05]
["9th",{"$f":"$B$7*$H$77","v":144},{"$f":"$C$7*$H$77","v":120},{"$f":"$D$7*$H$77","v":96},{"$f":"$E$7*$H$77","v":72},{"$f":"$F$7*$H$77","v":48},"è",0.04]
["10th",{"$f":"$B$7*$H$78","v":108},{"$f":"$C$7*$H$78","v":90},{"$f":"$D$7*$H$78","v":72},{"$f":"$E$7*$H$78","v":54},{"$f":"$F$7*$H$78","v":36},"è",0.03]
["Totals",{"$f":"SUM(B69:B78)","v":3600},{"$f":"SUM(C69:C78)","v":3000},2400,1800,1200,{"$f":"SUM(B79:F79)","v":12000},{"$f":"SUM(H69:H78)","v":1.0000000000000002}]
[]
["For 501-666 riders 12 places"]
["Placings","1D","2D","3D","4D","5D"]
["1st",{"$f":"$B$7*$H$83","v":684},{"$f":"$C$7*$H$83","v":570},{"$f":"$D$7*$H$83","v":456},{"$f":"$E$7*$H$83","v":342},{"$f":"$F$7*$H$83","v":228},"è",0.19]
["2nd",{"$f":"$B$7*$H$84","v":540},{"$f":"$C$7*$H$84","v":450},{"$f":"$D$7*$H$84","v":360},{"$f":"$E$7*$H$84","v":270},{"$f":"$F$7*$H$84","v":180},"è",0.15]
["3rd",{"$f":"$B$7*$H$85","v":432},{"$f":"$C$7*$H$85","v":360},{"$f":"$D$7*$H$85","v":288},{"$f":"$E$7*$H$85","v":216},{"$f":"$F$7*$H$85","v":144},"è",0.12]
["4th",{"$f":"$B$7*$H$86","v":360},{"$f":"$C$7*$H$86","v":300},{"$f":"$D$7*$H$86","v":240},{"$f":"$E$7*$H$86","v":180},{"$f":"$F$7*$H$86","v":120},"è",0.1]
["5th",{"$f":"$B$7*$H$87","v":324},{"$f":"$C$7*$H$87","v":270},{"$f":"$D$7*$H$87","v":216},{"$f":"$E$7*$H$87","v":162},{"$f":"$F$7*$H$87","v":108},"è",0.09]
["6th",{"$f":"$B$7*$H$88","v":288},{"$f":"$C$7*$H$88","v":240},{"$f":"$D$7*$H$88","v":192},{"$f":"$E$7*$H$88","v":144},{"$f":"$F$7*$H$88","v":96},"è",0.08]
["7th",{"$f":"$B$7*$H$89","v":252.00000000000003},{"$f":"$C$7*$H$89","v":210.00000000000003},{"$f":"$D$7*$H$89","v":168.00000000000003},{"$f":"$E$7*$H$89","v":126.00000000000001},{"$f":"$F$7*$H$89","v":84.000000000000014},"è",7.0000000000000007E-2]
["8th",{"$f":"$B$7*$H$90","v":216},{"$f":"$C$7*$H$90","v":180},{"$f":"$D$7*$H$90","v":144},{"$f":"$E$7*$H$90","v":108},{"$f":"$F$7*$H$90","v":72},"è",0.06]
["9th",{"$f":"$B$7*$H$91","v":180},{"$f":"$C$7*$H$91","v":150},{"$f":"$D$7*$H$91","v":120},{"$f":"$E$7*$H$91","v":90},{"$f":"$F$7*$H$91","v":60},"è",0.05]
["10th",{"$f":"$B$7*$H$92","v":144},{"$f":"$C$7*$H$92","v":120},{"$f":"$D$7*$H$92","v":96},{"$f":"$E$7*$H$92","v":72},{"$f":"$F$7*$H$92","v":48},"è",0.04]
["11th",{"$f":"$B$7*$H$93","v":108},{"$f":"$C$7*$H$93","v":90},{"$f":"$D$7*$H$93","v":72},{"$f":"$E$7*$H$93","v":54},{"$f":"$F$7*$H$93","v":36},"è",0.03]
["12th",{"$f":"$B$7*$H$94","v":72},{"$f":"$C$7*$H$94","v":60},{"$f":"$D$7*$H$94","v":48},{"$f":"$E$7*$H$94","v":36},{"$f":"$F$7*$H$94","v":24},"è",0.02]
["Totals",{"$f":"SUM(B83:B94)","v":3600},{"$f":"SUM(C83:C94)","v":3000},{"$f":"SUM(D83:D94)","v":2400},{"$f":"SUM(E83:E94)","v":1800},{"$f":"SUM(F83:F94)","v":1200},{"$f":"SUM(B95:F95)","v":12000},{"$f":"SUM(H83:H94)","v":1}]
[]
["For 667-1000 riders 15 places"]
["Placings","1D","2D","3D","4D","5D"]
["1st",{"$f":"$B$7*$H$99","v":648},{"$f":"$C$7*$H$99","v":540},{"$f":"$D$7*$H$99","v":432},{"$f":"$E$7*$H$99","v":324},{"$f":"$F$7*$H$99","v":216},"è",0.18]
["2nd",{"$f":"$B$7*$H$100","v":540},{"$f":"$C$7*$H$100","v":450},{"$f":"$D$7*$H$100","v":360},{"$f":"$E$7*$H$100","v":270},{"$f":"$F$7*$H$100","v":180},"è",0.15]
["3rd",{"$f":"$B$7*$H$101","v":432},{"$f":"$C$7*$H$101","v":360},{"$f":"$D$7*$H$101","v":288},{"$f":"$E$7*$H$101","v":216},{"$f":"$F$7*$H$101","v":144},"è",0.12]
["4th",{"$f":"$B$7*$H$102","v":360},{"$f":"$C$7*$H$102","v":300},{"$f":"$D$7*$H$102","v":240},{"$f":"$E$7*$H$102","v":180},{"$f":"$F$7*$H$102","v":120},"è",0.1]
["5th",{"$f":"$B$7*$H$103","v":306},{"$f":"$C$7*$H$103","v":255.00000000000003},{"$f":"$D$7*$H$103","v":204.00000000000003},{"$f":"$E$7*$H$103","v":153},{"$f":"$F$7*$H$103","v":102.00000000000001},"è",8.5000000000000006E-2]
["6th",{"$f":"$B$7*$H$104","v":252.00000000000003},{"$f":"$C$7*$H$104","v":210.00000000000003},{"$f":"$D$7*$H$104","v":168.00000000000003},{"$f":"$E$7*$H$104","v":126.00000000000001},{"$f":"$F$7*$H$104","v":84.000000000000014},"è",7.0000000000000007E-2]
["7th",{"$f":"$B$7*$H$105","v":216},{"$f":"$C$7*$H$105","v":180},{"$f":"$D$7*$H$105","v":144},{"$f":"$E$7*$H$105","v":108},{"$f":"$F$7*$H$105","v":72},"è",0.06]
["8th",{"$f":"$B$7*$H$106","v":180},{"$f":"$C$7*$H$106","v":150},{"$f":"$D$7*$H$106","v":120},{"$f":"$E$7*$H$106","v":90},{"$f":"$F$7*$H$106","v":60},"è",0.05]
["9th",{"$f":"$B$7*$H$107","v":153},{"$f":"$C$7*$H$107","v":127.50000000000001},{"$f":"$D$7*$H$107","v":102.00000000000001},{"$f":"$E$7*$H$107","v":76.5},{"$f":"$F$7*$H$107","v":51.000000000000007},"è",4.2500000000000003E-2]
["10th",{"$f":"$B$7*$H$108","v":126.00000000000001},{"$f":"$C$7*$H$108","v":105.00000000000001},{"$f":"$D$7*$H$108","v":84.000000000000014},{"$f":"$E$7*$H$108","v":63.000000000000007},{"$f":"$F$7*$H$108","v":42.000000000000007},"è",3.5000000000000003E-2]
["11th",{"$f":"$B$7*$H$109","v":108},{"$f":"$C$7*$H$109","v":90},{"$f":"$D$7*$H$109","v":72},{"$f":"$E$7*$H$109","v":54},{"$f":"$F$7*$H$109","v":36},"è",0.03]
["12th",{"$f":"$B$7*$H$110","v":90},{"$f":"$C$7*$H$110","v":75},{"$f":"$D$7*$H$110","v":60},{"$f":"$E$7*$H$110","v":45},{"$f":"$F$7*$H$110","v":30},"è",2.5000000000000001E-2]
["13th",{"$f":"$B$7*$H$111","v":72},{"$f":"$C$7*$H$111","v":60},{"$f":"$D$7*$H$111","v":48},{"$f":"$E$7*$H$111","v":36},{"$f":"$F$7*$H$111","v":24},"è",0.02]
["14th",{"$f":"$B$7*$H$112","v":63.000000000000007},{"$f":"$C$7*$H$112","v":52.500000000000007},{"$f":"$D$7*$H$112","v":42.000000000000007},{"$f":"$E$7*$H$112","v":31.500000000000004},{"$f":"$F$7*$H$112","v":21.000000000000004},"è",1.7500000000000002E-2]
["15th",{"$f":"$B$7*$H$113","v":54},{"$f":"$C$7*$H$113","v":45},{"$f":"$D$7*$H$113","v":36},{"$f":"$E$7*$H$113","v":27},{"$f":"$F$7*$H$113","v":18},"è",1.4999999999999999E-2]
["Totals",{"$f":"SUM(B99:B113)","v":3600},{"$f":"SUM(C99:C113)","v":3000},{"$f":"SUM(D99:D113)","v":2400},{"$f":"SUM(E99:E113)","v":1800},{"$f":"SUM(F99:F113)","v":1200},{"$f":"SUM(B114:F114)","v":12000},{"$f":"SUM(H99:H113)","v":1}]
[]
["For 1001-1500 riders 20 places"]
["Placings","1D","2D","3D","4D","5D"]
["1st",{"$f":"$B$7*$H$118","v":504.00000000000006},{"$f":"$C$7*$H$118","v":420.00000000000006},{"$f":"$D$7*$H$118","v":336.00000000000006},{"$f":"$E$7*$H$118","v":252.00000000000003},{"$f":"$F$7*$H$118","v":168.00000000000003},"è",0.14000000000000001]
["2nd",{"$f":"$B$7*$H$119","v":396},{"$f":"$C$7*$H$119","v":330},{"$f":"$D$7*$H$119","v":264},{"$f":"$E$7*$H$119","v":198},{"$f":"$F$7*$H$119","v":132},"è",0.11]
["3rd",{"$f":"$B$7*$H$120","v":324},{"$f":"$C$7*$H$120","v":270},{"$f":"$D$7*$H$120","v":216},{"$f":"$E$7*$H$120","v":162},{"$f":"$F$7*$H$120","v":108},"è",0.09]
["4th",{"$f":"$B$7*$H$121","v":277.2},{"$f":"$C$7*$H$121","v":231},{"$f":"$D$7*$H$121","v":184.8},{"$f":"$E$7*$H$121","v":138.6},{"$f":"$F$7*$H$121","v":92.4},"è",7.6999999999999999E-2]
["5th",{"$f":"$B$7*$H$122","v":252.00000000000003},{"$f":"$C$7*$H$122","v":210.00000000000003},{"$f":"$D$7*$H$122","v":168.00000000000003},{"$f":"$E$7*$H$122","v":126.00000000000001},{"$f":"$F$7*$H$122","v":84.000000000000014},"è",7.0000000000000007E-2]
["6th",{"$f":"$B$7*$H$123","v":234},{"$f":"$C$7*$H$123","v":195},{"$f":"$D$7*$H$123","v":156},{"$f":"$E$7*$H$123","v":117},{"$f":"$F$7*$H$123","v":78},"è",6.5000000000000002E-2]
["7th",{"$f":"$B$7*$H$124","v":216},{"$f":"$C$7*$H$124","v":180},{"$f":"$D$7*$H$124","v":144},{"$f":"$E$7*$H$124","v":108},{"$f":"$F$7*$H$124","v":72},"è",0.06]
["8th",{"$f":"$B$7*$H$125","v":198},{"$f":"$C$7*$H$125","v":165},{"$f":"$D$7*$H$125","v":132},{"$f":"$E$7*$H$125","v":99},{"$f":"$F$7*$H$125","v":66},"è",5.5E-2]
["9th",{"$f":"$B$7*$H$126","v":180},{"$f":"$C$7*$H$126","v":150},{"$f":"$D$7*$H$126","v":120},{"$f":"$E$7*$H$126","v":90},{"$f":"$F$7*$H$126","v":60},"è",0.05]
["10th",{"$f":"$B$7*$H$127","v":162},{"$f":"$C$7*$H$127","v":135},{"$f":"$D$7*$H$127","v":108},{"$f":"$E$7*$H$127","v":81},{"$f":"$F$7*$H$127","v":54},"è",4.4999999999999998E-2]
["11th",{"$f":"$B$7*$H$128","v":144},{"$f":"$C$7*$H$128","v":120},{"$f":"$D$7*$H$128","v":96},{"$f":"$E$7*$H$128","v":72},{"$f":"$F$7*$H$128","v":48},"è",0.04]
["12th",{"$f":"$B$7*$H$129","v":133.19999999999999},{"$f":"$C$7*$H$129","v":111},{"$f":"$D$7*$H$129","v":88.8},{"$f":"$E$7*$H$129","v":66.599999999999994},{"$f":"$F$7*$H$129","v":44.4},"è",3.6999999999999998E-2]
["13th",{"$f":"$B$7*$H$130","v":118.80000000000001},{"$f":"$C$7*$H$130","v":99},{"$f":"$D$7*$H$130","v":79.2},{"$f":"$E$7*$H$130","v":59.400000000000006},{"$f":"$F$7*$H$130","v":39.6},"è",3.3000000000000002E-2]
["14th",{"$f":"$B$7*$H$131","v":104.4},{"$f":"$C$7*$H$131","v":87},{"$f":"$D$7*$H$131","v":69.600000000000009},{"$f":"$E$7*$H$131","v":52.2},{"$f":"$F$7*$H$131","v":34.800000000000004},"è",2.9000000000000001E-2]
["15th",{"$f":"$B$7*$H$132","v":90},{"$f":"$C$7*$H$132","v":75},{"$f":"$D$7*$H$132","v":60},{"$f":"$E$7*$H$132","v":45},{"$f":"$F$7*$H$132","v":30},"è",2.5000000000000001E-2]
["16th",{"$f":"$B$7*$H$133","v":75.600000000000009},{"$f":"$C$7*$H$133","v":63.000000000000007},{"$f":"$D$7*$H$133","v":50.400000000000006},{"$f":"$E$7*$H$133","v":37.800000000000004},{"$f":"$F$7*$H$133","v":25.200000000000003},"è",2.1000000000000001E-2]
["17th",{"$f":"$B$7*$H$134","v":61.2},{"$f":"$C$7*$H$134","v":51.000000000000007},{"$f":"$D$7*$H$134","v":40.800000000000004},{"$f":"$E$7*$H$134","v":30.6},{"$f":"$F$7*$H$134","v":20.400000000000002},"è",1.7000000000000001E-2]
["18th",{"$f":"$B$7*$H$135","v":50.4},{"$f":"$C$7*$H$135","v":42},{"$f":"$D$7*$H$135","v":33.6},{"$f":"$E$7*$H$135","v":25.2},{"$f":"$F$7*$H$135","v":16.8},"è",1.4E-2]
["19th",{"$f":"$B$7*$H$136","v":43.2},{"$f":"$C$7*$H$136","v":36},{"$f":"$D$7*$H$136","v":28.8},{"$f":"$E$7*$H$136","v":21.6},{"$f":"$F$7*$H$136","v":14.4},"è",1.2E-2]
["20th",{"$f":"$B$7*$H$137","v":36},{"$f":"$C$7*$H$137","v":30},{"$f":"$D$7*$H$137","v":24},{"$f":"$E$7*$H$137","v":18},{"$f":"$F$7*$H$137","v":12},"è",0.01]
["Totals",{"$f":"SUM(B118:B137)","v":3599.9999999999995},{"$f":"SUM(C118:C137)","v":3000},2400,1799.9999999999998,1200,{"$f":"SUM(B138:F138)","v":12000},{"$f":"SUM(H118:H137)","v":1.0000000000000004}]
[]
["For 1501 or More riders 30 places"]
["Placings","1D","2D","3D","4D","5D"]
["1st",{"$f":"$B$7*$H142","v":432},{"$f":"$C$7*$H142","v":360},{"$f":"$D$7*$H142","v":288},{"$f":"$E$7*$H142","v":216},{"$f":"$F$7*$H142","v":144},"è",0.12]
["2nd",{"$f":"$B$7*$H143","v":342},285,228,171,114,"è",9.5000000000000001E-2]
["3rd",{"$f":"$B$7*$H144","v":262.8},219,175.2,131.4,87.6,"è",7.2999999999999995E-2]
["4th",{"$f":"$B$7*$H145","v":223.2},186,148.80000000000001,111.6,74.400000000000006,"è",6.2E-2]
["5th",180,150,120,90,60,"è",0.05]
["6th",162,135,108,81,54,"è",4.4999999999999998E-2]
["7th",154.79999999999998,129,103.19999999999999,77.399999999999991,51.599999999999994,"è",4.2999999999999997E-2]
["8th",144,120,96,72,48,"è",0.04]
["9th",133.19999999999999,111,88.8,66.599999999999994,44.4,"è",3.6999999999999998E-2]
["10th",126.00000000000001,105.00000000000001,84.000000000000014,63.000000000000007,42.000000000000007,"è",3.5000000000000003E-2]
["11th",118.80000000000001,99,79.2,59.400000000000006,39.6,"è",3.3000000000000002E-2]
["12th",111.6,93,74.400000000000006,55.8,37.200000000000003,"è",3.1E-2]
["13th",104.4,87,69.600000000000009,52.2,34.800000000000004,"è",2.9000000000000001E-2]
["14th",97.2,81,64.8,48.6,32.4,"è",2.7E-2]
["15th",90,75,60,45,30,"è",2.5000000000000001E-2]
["16th",86.4,72,57.6,43.2,28.8,"è",2.4E-2]
["17th",82.8,69,55.199999999999996,41.4,27.599999999999998,"è",2.3E-2]
["18th",79.199999999999989,66,52.8,39.599999999999994,26.4,"è",2.1999999999999999E-2]
["19th",75.600000000000009,63.000000000000007,50.400000000000006,37.800000000000004,25.200000000000003,"è",2.1000000000000001E-2]
["20th",72,60,48,36,24,"è",0.02]
["21st",68.399999999999991,57,45.6,34.199999999999996,22.8,"è",1.9E-2]
["22nd",64.8,53.999999999999993,43.199999999999996,32.4,21.599999999999998,"è",1.7999999999999999E-2]
["23rd",61.2,51.000000000000007,40.800000000000004,30.6,20.400000000000002,"è",1.7000000000000001E-2]
["24th",57.6,48,38.4,28.8,19.2,"è",1.6E-2]
["25th",54,45,36,27,18,"è",1.4999999999999999E-2]
["26th",50.4,42,33.6,25.2,16.8,"è",1.4E-2]
["27th",46.8,39,31.2,23.4,15.6,"è",1.2999999999999999E-2]
["28th",43.2,36,28.8,21.6,14.4,"è",1.2E-2]
["29th",39.599999999999994,33,26.4,19.799999999999997,13.2,"è",1.0999999999999999E-2]
["30th",36,30,24,18,12,"è",0.01]
["Totals",{"$f":"SUM(B142:B171)","v":3600},{"$f":"SUM(C142:C171)","v":3000},2400,1800,1200,{"$f":"SUM(B172:F172)","v":12000},{"$f":"SUM(H142:H171)","v":1.0000000000000002}]

{"sheet":"DON'T TOUCH","index":14,"n_rows":6,"n_cols":5,"rows_kept":6,"cut":false,"hidden":true,"merged":[]}
[]
["Yes",null,"S",5,"X"]
[null,null,"A",10]
[null,null,"Y",15]
[null,null,"P","BP"]
[null,null,null,"SCR"]